Eliminate The Countries - Every Column! - Statistics

General Stats
  • This quiz has been taken 91 times
  • The average score is 109 of 198
Answer Stats
Countries Left Remaining % Correct
195 left Afghanistan | Albania | Algeria | Andorra | Angola |Antigua And Barbuda | Argentina | Armenia | Australia | Austria | Azerbaijan | Bahamas | Bahrain | Bangladesh | Barbados | Belarus | Belgium | Belize | Benin | Bhutan | Bolivia | Bosnia And Herzegovina | Botswana | Brazil | Brunei | Bulgaria | Burkina Faso | Burundi | Cambodia | Cameroon | Canada | Cape Verde | Central African Republic | Chad | Chile | China | Colombia | Comoros | Costa Rica | Croatia | Cuba | Cyprus | Czech Republic | Denmark | Djibouti | Dominica | Dominican Republic | D.R. Congo | East Timor | Ecuador | Egypt | El Salvador | Equatorial Guinea | Eritrea | Estonia | Eswatini | Ethiopia | F.S. Micronesia | Fiji | Finland | France | Gabon | Gambia | Georgia | Germany | Ghana | Greece | Grenada | Guatemala | Guinea | Guinea-Bissau | Guyana | Haiti | Honduras | Hungary | Iceland | India | Indonesia | Iran | Iraq | Ireland | Israel | Italy | Ivory Coast | Jamaica | Japan | Jordan | Kazakhstan | Kenya | Kiribati | Kosovo | Kuwait | Kyrgyzstan | Laos | Latvia | Lebanon | Lesotho | Liberia | Libya | Liechtenstein | Lithuania | Luxembourg | Madagascar | Malawi | Malaysia | Maldives | Mali | Malta | Marshall Islands | Mauritania | Mauritius | Mexico | Moldova | Monaco | Mongolia | Montenegro | Morocco | Mozambique | Myanmar | Namibia | Nauru | Nepal | Netherlands | New Zealand | Nicaragua | Niger | Nigeria | North Korea | North Macedonia | Norway | Oman | Pakistan | Palau | Panama | Papua New Guinea | Paraguay | Peru | Philippines | Poland | Portugal | Qatar | Romania | Russia | Rwanda | Saint Kitts And Nevis | Saint Lucia | Saint Vincent And The Grenadines | Samoa | San Marino | São Tomé and Príncipe | Saudi Arabia | Senegal | Serbia | Seychelles | Sierra Leone | Singapore | Slovakia | Slovenia | Solomon Islands | Somalia | South Africa | South Korea | South Sudan | Spain | Sri Lanka | Sudan | Suriname | Sweden | Switzerland | Syria | Taiwan | Tajikistan | Tanzania | Thailand | Togo | Tonga | Trinidad And Tobago | Tunisia | Türkiye | Turkmenistan | Tuvalu | Uganda | Ukraine | United Arab Emirates | United Kingdom | United States | Uruguay | Uzbekistan | Vanuatu | Vatican City | Venezuela | Vietnam | Yemen | Zambia | Zimbabwe
100%
196 left Afghanistan | Albania | Algeria | Andorra | Angola | Antigua And Barbuda | Argentina | Armenia | Australia | Austria | Azerbaijan | Bahamas | Bahrain | Bangladesh | Barbados | Belarus | Belgium | Belize | Benin | Bhutan | Bolivia | Bosnia And Herzegovina | Botswana | Brazil | Brunei | Bulgaria | Burkina Faso | Burundi | Cambodia | Cameroon | Canada | Cape Verde | Central African Republic | Chad | Chile | China | Colombia | Comoros | Costa Rica | Croatia | Cuba | Cyprus | Czech Republic | Denmark | Djibouti | Dominica | Dominican Republic | D.R. Congo | East Timor | Ecuador | Egypt | El Salvador | Equatorial Guinea | Eritrea | Estonia | Eswatini | Ethiopia | F.S. Micronesia | Fiji | Finland | France | Gabon | Gambia | Georgia | Germany | Ghana | Greece | Grenada | Guatemala | Guinea | Guinea-Bissau | Guyana | Haiti | Honduras | Hungary | Iceland | India | Indonesia | Iran | Iraq | Ireland | Israel | Italy | Ivory Coast | Jamaica | Japan | Jordan | Kazakhstan | Kenya | Kiribati | Kosovo | Kuwait | Kyrgyzstan | Laos | Latvia | Lebanon | Lesotho | Liberia | Libya | Liechtenstein | Lithuania | Luxembourg | Madagascar | Malawi | Malaysia | Maldives | Mali | Malta | Marshall Islands | Mauritania | Mauritius | Mexico | Moldova | Monaco | Mongolia | Montenegro | Morocco | Mozambique | Myanmar | Namibia | Nauru | Nepal | Netherlands | New Zealand | Nicaragua | Niger | Nigeria | North Korea | North Macedonia | Norway | Oman | Pakistan | Palau | Panama | Papua New Guinea | Paraguay | Peru | Philippines | Poland | Portugal | Qatar | Republic of the Congo | Romania | Russia | Rwanda | Saint Kitts And Nevis | Saint Lucia | Saint Vincent And The Grenadines | Samoa | San Marino | São Tomé and Príncipe | Saudi Arabia | Senegal | Serbia | Seychelles | Sierra Leone | Singapore | Slovakia | Slovenia | Solomon Islands | Somalia | South Africa | South Korea | South Sudan | Spain | Sri Lanka | Sudan | Suriname | Sweden | Switzerland | Syria | Taiwan | Tajikistan | Tanzania | Thailand | Togo | Tonga | Trinidad And Tobago | Tunisia | Türkiye | Turkmenistan | Tuvalu | Uganda | Ukraine | United Arab Emirates | United Kingdom | United States | Uruguay | Uzbekistan | Vanuatu | Vatican City | Venezuela | Vietnam | Yemen | Zambia | Zimbabwe
100%
194 left Afghanistan | Albania | Algeria | Andorra | Angola |Antigua And Barbuda | Argentina | Armenia | Australia | Austria | Azerbaijan | Bahamas | Bahrain | Bangladesh | Barbados | Belarus | Belgium | Belize | Benin | Bhutan | Bolivia | Bosnia And Herzegovina | Botswana | Brazil | Brunei | Bulgaria | Burkina Faso | Burundi | Cambodia | Cameroon | Canada | Cape Verde | Central African Republic | Chad | Chile | China | Colombia | Comoros | Costa Rica | Croatia | Cuba | Cyprus | Czech Republic | Denmark | Djibouti | Dominica | Dominican Republic | D.R. Congo | East Timor | Ecuador | Egypt | El Salvador | Equatorial Guinea | Eritrea | Estonia | Ethiopia | F.S. Micronesia | Fiji | Finland | France | Gabon | Gambia | Georgia | Germany | Ghana | Greece | Grenada | Guatemala | Guinea | Guinea-Bissau | Guyana | Haiti | Honduras | Hungary | Iceland | India | Indonesia | Iran | Iraq | Ireland | Israel | Italy | Ivory Coast | Jamaica | Japan | Jordan | Kazakhstan | Kenya | Kiribati | Kosovo | Kuwait | Kyrgyzstan | Laos | Latvia | Lebanon | Lesotho | Liberia | Libya | Liechtenstein | Lithuania | Luxembourg | Madagascar | Malawi | Malaysia | Maldives | Mali | Malta | Marshall Islands | Mauritania | Mauritius | Mexico | Moldova | Monaco | Mongolia | Montenegro | Morocco | Mozambique | Myanmar | Namibia | Nauru | Nepal | Netherlands | New Zealand | Nicaragua | Niger | Nigeria | North Korea | North Macedonia | Norway | Oman | Pakistan | Palau | Panama | Papua New Guinea | Paraguay | Peru | Philippines | Poland | Portugal | Qatar | Romania | Russia | Rwanda | Saint Kitts And Nevis | Saint Lucia | Saint Vincent And The Grenadines | Samoa | San Marino | São Tomé and Príncipe | Saudi Arabia | Senegal | Serbia | Seychelles | Sierra Leone | Singapore | Slovakia | Slovenia | Solomon Islands | Somalia | South Africa | South Korea | South Sudan | Spain | Sri Lanka | Sudan | Suriname | Sweden | Switzerland | Syria | Taiwan | Tajikistan | Tanzania | Thailand | Togo | Tonga | Trinidad And Tobago | Tunisia | Türkiye | Turkmenistan | Tuvalu | Uganda | Ukraine | United Arab Emirates | United Kingdom | United States | Uruguay | Uzbekistan | Vanuatu | Vatican City | Venezuela | Vietnam | Yemen | Zambia | Zimbabwe
96%
193 left Afghanistan | Albania | Algeria | Andorra | Angola |Antigua And Barbuda | Argentina | Armenia | Australia | Austria | Azerbaijan | Bahamas | Bahrain | Bangladesh | Barbados | Belarus | Belgium | Belize | Benin | Bhutan | Bolivia | Bosnia And Herzegovina | Botswana | Brazil | Brunei | Bulgaria | Burkina Faso | Burundi | Cambodia | Cameroon | Canada | Cape Verde | Central African Republic | Chad | Chile | China | Colombia | Comoros | Costa Rica | Croatia | Cuba | Cyprus | Czech Republic | Denmark | Djibouti | Dominica | Dominican Republic | D.R. Congo | East Timor | Ecuador | Egypt | El Salvador | Equatorial Guinea | Eritrea | Estonia | Ethiopia | F.S. Micronesia | Fiji | Finland | France | Gabon | Gambia | Georgia | Germany | Ghana | Greece | Grenada | Guatemala | Guinea | Guinea-Bissau | Guyana | Haiti | Honduras | Hungary | Iceland | India | Indonesia | Iran | Iraq | Ireland | Israel | Italy | Ivory Coast | Jamaica | Japan | Jordan | Kazakhstan | Kenya | Kiribati | Kosovo | Kuwait | Kyrgyzstan | Laos | Latvia | Lebanon | Lesotho | Liberia | Libya | Liechtenstein | Lithuania | Luxembourg | Madagascar | Malawi | Malaysia | Maldives | Mali | Malta | Marshall Islands | Mauritania | Mauritius | Mexico | Moldova | Monaco | Mongolia | Montenegro | Morocco | Mozambique | Myanmar | Namibia | Nauru | Nepal | Netherlands | New Zealand | Nicaragua | Niger | Nigeria | North Korea | North Macedonia | Norway | Oman | Pakistan | Palau | Panama | Papua New Guinea | Paraguay | Peru | Philippines | Poland | Portugal | Qatar | Romania | Russia | Rwanda | Saint Kitts And Nevis | Saint Lucia | Saint Vincent And The Grenadines | Samoa | San Marino | São Tomé and Príncipe | Saudi Arabia | Senegal | Serbia | Seychelles | Sierra Leone | Singapore | Slovakia | Slovenia | Solomon Islands | Somalia | South Africa | South Korea | South Sudan | Spain | Sri Lanka | Sudan | Suriname | Switzerland | Syria | Taiwan | Tajikistan | Tanzania | Thailand | Togo | Tonga | Trinidad And Tobago | Tunisia | Türkiye | Turkmenistan | Tuvalu | Uganda | Ukraine | United Arab Emirates | United Kingdom | United States | Uruguay | Uzbekistan | Vanuatu | Vatican City | Venezuela | Vietnam | Yemen | Zambia | Zimbabwe
95%
192 left Afghanistan | Albania | Algeria | Andorra | Angola |Antigua And Barbuda | Argentina | Armenia | Australia | Austria | Azerbaijan | Bahamas | Bahrain | Bangladesh | Barbados | Belarus | Belgium | Belize | Benin | Bhutan | Bolivia | Bosnia And Herzegovina | Botswana | Brazil | Brunei | Bulgaria | Burkina Faso | Burundi | Cambodia | Cameroon | Canada | Cape Verde | Central African Republic | Chad | Chile | China | Colombia | Comoros | Costa Rica | Croatia | Cuba | Cyprus | Czech Republic | Denmark | Djibouti | Dominica | Dominican Republic | D.R. Congo | East Timor | Ecuador | Egypt | El Salvador | Equatorial Guinea | Eritrea | Estonia | Ethiopia | F.S. Micronesia | Fiji | Finland | France | Gabon | Gambia | Georgia | Germany | Ghana | Greece | Grenada | Guatemala | Guinea | Guinea-Bissau | Guyana | Haiti | Honduras | Hungary | Iceland | India | Indonesia | Iran | Iraq | Ireland | Israel | Italy | Ivory Coast | Jamaica | Japan | Jordan | Kazakhstan | Kenya | Kiribati | Kosovo | Kuwait | Kyrgyzstan | Laos | Latvia | Lebanon | Lesotho | Liberia | Libya | Liechtenstein | Lithuania | Luxembourg | Madagascar | Malawi | Malaysia | Maldives | Mali | Malta | Marshall Islands | Mauritania | Mauritius | Mexico | Moldova | Monaco | Mongolia | Montenegro | Morocco | Mozambique | Myanmar | Namibia | Nauru | Nepal | Netherlands | New Zealand | Nicaragua | Niger | Nigeria | North Korea | North Macedonia | Norway | Oman | Pakistan | Palau | Panama | Papua New Guinea | Paraguay | Peru | Philippines | Poland | Portugal | Qatar | Romania | Russia | Rwanda | Saint Lucia | Saint Vincent And The Grenadines | Samoa | San Marino | São Tomé and Príncipe | Saudi Arabia | Senegal | Serbia | Seychelles | Sierra Leone | Singapore | Slovakia | Slovenia | Solomon Islands | Somalia | South Africa | South Korea | South Sudan | Spain | Sri Lanka | Sudan | Suriname | Switzerland | Syria | Taiwan | Tajikistan | Tanzania | Thailand | Togo | Tonga | Trinidad And Tobago | Tunisia | Türkiye | Turkmenistan | Tuvalu | Uganda | Ukraine | United Arab Emirates | United Kingdom | United States | Uruguay | Uzbekistan | Vanuatu | Vatican City | Venezuela | Vietnam | Yemen | Zambia | Zimbabwe
91%
191 left Afghanistan | Albania | Algeria | Andorra | Angola |Antigua And Barbuda | Argentina | Armenia | Australia | Austria | Azerbaijan | Bahamas | Bahrain | Bangladesh | Barbados | Belarus | Belgium | Belize | Benin | Bhutan | Bolivia | Bosnia And Herzegovina | Botswana | Brazil | Brunei | Bulgaria | Burkina Faso | Burundi | Cambodia | Cameroon | Canada | Cape Verde | Central African Republic | Chad | Chile | China | Colombia | Comoros | Costa Rica | Croatia | Cuba | Cyprus | Czech Republic | Denmark | Djibouti | Dominica | Dominican Republic | D.R. Congo | East Timor | Ecuador | Egypt | El Salvador | Equatorial Guinea | Eritrea | Estonia | Ethiopia | F.S. Micronesia | Fiji | Finland | France | Gabon | Gambia | Georgia | Germany | Ghana | Greece | Grenada | Guinea | Guinea-Bissau | Guyana | Haiti | Honduras | Hungary | Iceland | India | Indonesia | Iran | Iraq | Ireland | Israel | Italy | Ivory Coast | Jamaica | Japan | Jordan | Kazakhstan | Kenya | Kiribati | Kosovo | Kuwait | Kyrgyzstan | Laos | Latvia | Lebanon | Lesotho | Liberia | Libya | Liechtenstein | Lithuania | Luxembourg | Madagascar | Malawi | Malaysia | Maldives | Mali | Malta | Marshall Islands | Mauritania | Mauritius | Mexico | Moldova | Monaco | Mongolia | Montenegro | Morocco | Mozambique | Myanmar | Namibia | Nauru | Nepal | Netherlands | New Zealand | Nicaragua | Niger | Nigeria | North Korea | North Macedonia | Norway | Oman | Pakistan | Palau | Panama | Papua New Guinea | Paraguay | Peru | Philippines | Poland | Portugal | Qatar | Romania | Russia | Rwanda | Saint Lucia | Saint Vincent And The Grenadines | Samoa | San Marino | São Tomé and Príncipe | Saudi Arabia | Senegal | Serbia | Seychelles | Sierra Leone | Singapore | Slovakia | Slovenia | Solomon Islands | Somalia | South Africa | South Korea | South Sudan | Spain | Sri Lanka | Sudan | Suriname | Switzerland | Syria | Taiwan | Tajikistan | Tanzania | Thailand | Togo | Tonga | Trinidad And Tobago | Tunisia | Türkiye | Turkmenistan | Tuvalu | Uganda | Ukraine | United Arab Emirates | United Kingdom | United States | Uruguay | Uzbekistan | Vanuatu | Vatican City | Venezuela | Vietnam | Yemen | Zambia | Zimbabwe
91%
190 left Afghanistan | Albania | Algeria | Andorra | Angola |Antigua And Barbuda | Argentina | Armenia | Australia | Austria | Azerbaijan | Bahamas | Bahrain | Bangladesh | Barbados | Belarus | Belgium | Belize | Benin | Bhutan | Bolivia | Bosnia And Herzegovina | Botswana | Brazil | Brunei | Bulgaria | Burkina Faso | Burundi | Cambodia | Cameroon | Canada | Cape Verde | Central African Republic | Chad | Chile | China | Colombia | Comoros | Costa Rica | Croatia | Cuba | Cyprus | Czech Republic | Denmark | Djibouti | Dominica | Dominican Republic | D.R. Congo | East Timor | Ecuador | Egypt | El Salvador | Equatorial Guinea | Eritrea | Estonia | Ethiopia | F.S. Micronesia | Fiji | Finland | France | Gabon | Gambia | Georgia | Germany | Ghana | Greece | Grenada | Guinea | Guinea-Bissau | Guyana | Haiti | Honduras | Hungary | Iceland | India | Indonesia | Iran | Iraq | Ireland | Israel | Italy | Ivory Coast | Jamaica | Japan | Jordan | Kazakhstan | Kenya | Kiribati | Kosovo | Kuwait | Kyrgyzstan | Laos | Latvia | Lebanon | Lesotho | Liberia | Libya | Liechtenstein | Lithuania | Luxembourg | Madagascar | Malawi | Malaysia | Maldives | Mali | Malta | Marshall Islands | Mauritania | Mauritius | Mexico | Moldova | Monaco | Mongolia | Montenegro | Morocco | Myanmar | Namibia | Nauru | Nepal | Netherlands | New Zealand | Nicaragua | Niger | Nigeria | North Korea | North Macedonia | Norway | Oman | Pakistan | Palau | Panama | Papua New Guinea | Paraguay | Peru | Philippines | Poland | Portugal | Qatar | Romania | Russia | Rwanda | Saint Lucia | Saint Vincent And The Grenadines | Samoa | San Marino | São Tomé and Príncipe | Saudi Arabia | Senegal | Serbia | Seychelles | Sierra Leone | Singapore | Slovakia | Slovenia | Solomon Islands | Somalia | South Africa | South Korea | South Sudan | Spain | Sri Lanka | Sudan | Suriname | Switzerland | Syria | Taiwan | Tajikistan | Tanzania | Thailand | Togo | Tonga | Trinidad And Tobago | Tunisia | Türkiye | Turkmenistan | Tuvalu | Uganda | Ukraine | United Arab Emirates | United Kingdom | United States | Uruguay | Uzbekistan | Vanuatu | Vatican City | Venezuela | Vietnam | Yemen | Zambia | Zimbabwe
89%
187 left Albania | Algeria | Andorra | Angola |Antigua And Barbuda | Argentina | Armenia | Australia | Austria | Azerbaijan | Bahamas | Bahrain | Bangladesh | Barbados | Belarus | Belgium | Belize | Benin | Bhutan | Bolivia | Bosnia And Herzegovina | Botswana | Brazil | Brunei | Bulgaria | Burkina Faso | Burundi | Cambodia | Cameroon | Canada | Cape Verde | Central African Republic | Chad | Chile | China | Colombia | Comoros | Costa Rica | Croatia | Cuba | Cyprus | Czech Republic | Denmark | Djibouti | Dominica | Dominican Republic | D.R. Congo | East Timor | Ecuador | Egypt | El Salvador | Equatorial Guinea | Eritrea | Estonia | Ethiopia | F.S. Micronesia | Fiji | Finland | France | Gabon | Gambia | Georgia | Germany | Ghana | Greece | Grenada | Guinea | Guinea-Bissau | Guyana | Haiti | Honduras | Hungary | Iceland | India | Indonesia | Iran | Iraq | Ireland | Israel | Italy | Ivory Coast | Jamaica | Japan | Jordan | Kazakhstan | Kenya | Kiribati | Kosovo | Kuwait | Kyrgyzstan | Laos | Latvia | Lebanon | Lesotho | Liberia | Libya | Liechtenstein | Lithuania | Luxembourg | Madagascar | Malawi | Malaysia | Maldives | Mali | Malta | Marshall Islands | Mauritania | Mauritius | Mexico | Moldova | Monaco | Mongolia | Montenegro | Morocco | Myanmar | Namibia | Nauru | Nepal | Netherlands | New Zealand | Nicaragua | Niger | Nigeria | North Korea | North Macedonia | Norway | Oman | Pakistan | Palau | Panama | Papua New Guinea | Paraguay | Peru | Philippines | Poland | Portugal | Qatar | Romania | Russia | Rwanda | Saint Lucia | Saint Vincent And The Grenadines | Samoa | San Marino | São Tomé and Príncipe | Saudi Arabia | Senegal | Serbia | Seychelles | Sierra Leone | Singapore | Slovakia | Slovenia | Solomon Islands | Somalia | South Africa | South Korea | South Sudan | Spain | Sri Lanka | Suriname | Switzerland | Syria | Taiwan | Tajikistan | Tanzania | Togo | Tonga | Trinidad And Tobago | Tunisia | Türkiye | Turkmenistan | Tuvalu | Uganda | Ukraine | United Arab Emirates | United Kingdom | United States | Uruguay | Uzbekistan | Vanuatu | Vatican City | Venezuela | Vietnam | Yemen | Zambia | Zimbabwe
89%
189 left Albania | Algeria | Andorra | Angola |Antigua And Barbuda | Argentina | Armenia | Australia | Austria | Azerbaijan | Bahamas | Bahrain | Bangladesh | Barbados | Belarus | Belgium | Belize | Benin | Bhutan | Bolivia | Bosnia And Herzegovina | Botswana | Brazil | Brunei | Bulgaria | Burkina Faso | Burundi | Cambodia | Cameroon | Canada | Cape Verde | Central African Republic | Chad | Chile | China | Colombia | Comoros | Costa Rica | Croatia | Cuba | Cyprus | Czech Republic | Denmark | Djibouti | Dominica | Dominican Republic | D.R. Congo | East Timor | Ecuador | Egypt | El Salvador | Equatorial Guinea | Eritrea | Estonia | Ethiopia | F.S. Micronesia | Fiji | Finland | France | Gabon | Gambia | Georgia | Germany | Ghana | Greece | Grenada | Guinea | Guinea-Bissau | Guyana | Haiti | Honduras | Hungary | Iceland | India | Indonesia | Iran | Iraq | Ireland | Israel | Italy | Ivory Coast | Jamaica | Japan | Jordan | Kazakhstan | Kenya | Kiribati | Kosovo | Kuwait | Kyrgyzstan | Laos | Latvia | Lebanon | Lesotho | Liberia | Libya | Liechtenstein | Lithuania | Luxembourg | Madagascar | Malawi | Malaysia | Maldives | Mali | Malta | Marshall Islands | Mauritania | Mauritius | Mexico | Moldova | Monaco | Mongolia | Montenegro | Morocco | Myanmar | Namibia | Nauru | Nepal | Netherlands | New Zealand | Nicaragua | Niger | Nigeria | North Korea | North Macedonia | Norway | Oman | Pakistan | Palau | Panama | Papua New Guinea | Paraguay | Peru | Philippines | Poland | Portugal | Qatar | Romania | Russia | Rwanda | Saint Lucia | Saint Vincent And The Grenadines | Samoa | San Marino | São Tomé and Príncipe | Saudi Arabia | Senegal | Serbia | Seychelles | Sierra Leone | Singapore | Slovakia | Slovenia | Solomon Islands | Somalia | South Africa | South Korea | South Sudan | Spain | Sri Lanka | Sudan | Suriname | Switzerland | Syria | Taiwan | Tajikistan | Tanzania | Thailand | Togo | Tonga | Trinidad And Tobago | Tunisia | Türkiye | Turkmenistan | Tuvalu | Uganda | Ukraine | United Arab Emirates | United Kingdom | United States | Uruguay | Uzbekistan | Vanuatu | Vatican City | Venezuela | Vietnam | Yemen | Zambia | Zimbabwe
89%
188 left Albania | Algeria | Andorra | Angola |Antigua And Barbuda | Argentina | Armenia | Australia | Austria | Azerbaijan | Bahamas | Bahrain | Bangladesh | Barbados | Belarus | Belgium | Belize | Benin | Bhutan | Bolivia | Bosnia And Herzegovina | Botswana | Brazil | Brunei | Bulgaria | Burkina Faso | Burundi | Cambodia | Cameroon | Canada | Cape Verde | Central African Republic | Chad | Chile | China | Colombia | Comoros | Costa Rica | Croatia | Cuba | Cyprus | Czech Republic | Denmark | Djibouti | Dominica | Dominican Republic | D.R. Congo | East Timor | Ecuador | Egypt | El Salvador | Equatorial Guinea | Eritrea | Estonia | Ethiopia | F.S. Micronesia | Fiji | Finland | France | Gabon | Gambia | Georgia | Germany | Ghana | Greece | Grenada | Guinea | Guinea-Bissau | Guyana | Haiti | Honduras | Hungary | Iceland | India | Indonesia | Iran | Iraq | Ireland | Israel | Italy | Ivory Coast | Jamaica | Japan | Jordan | Kazakhstan | Kenya | Kiribati | Kosovo | Kuwait | Kyrgyzstan | Laos | Latvia | Lebanon | Lesotho | Liberia | Libya | Liechtenstein | Lithuania | Luxembourg | Madagascar | Malawi | Malaysia | Maldives | Mali | Malta | Marshall Islands | Mauritania | Mauritius | Mexico | Moldova | Monaco | Mongolia | Montenegro | Morocco | Myanmar | Namibia | Nauru | Nepal | Netherlands | New Zealand | Nicaragua | Niger | Nigeria | North Korea | North Macedonia | Norway | Oman | Pakistan | Palau | Panama | Papua New Guinea | Paraguay | Peru | Philippines | Poland | Portugal | Qatar | Romania | Russia | Rwanda | Saint Lucia | Saint Vincent And The Grenadines | Samoa | San Marino | São Tomé and Príncipe | Saudi Arabia | Senegal | Serbia | Seychelles | Sierra Leone | Singapore | Slovakia | Slovenia | Solomon Islands | Somalia | South Africa | South Korea | South Sudan | Spain | Sri Lanka | Sudan | Suriname | Switzerland | Syria | Taiwan | Tajikistan | Tanzania | Togo | Tonga | Trinidad And Tobago | Tunisia | Türkiye | Turkmenistan | Tuvalu | Uganda | Ukraine | United Arab Emirates | United Kingdom | United States | Uruguay | Uzbekistan | Vanuatu | Vatican City | Venezuela | Vietnam | Yemen | Zambia | Zimbabwe
89%
186 left Albania | Algeria | Andorra | Angola |Antigua And Barbuda | Argentina | Armenia | Australia | Austria | Azerbaijan | Bahamas | Bahrain | Bangladesh | Barbados | Belarus | Belgium | Belize | Benin | Bhutan | Bolivia | Bosnia And Herzegovina | Botswana | Brazil | Brunei | Bulgaria | Burkina Faso | Burundi | Cambodia | Cameroon | Canada | Cape Verde | Central African Republic | Chad | Chile | China | Colombia | Comoros | Costa Rica | Croatia | Cuba | Cyprus | Czech Republic | Denmark | Djibouti | Dominica | Dominican Republic | D.R. Congo | East Timor | Ecuador | Egypt | El Salvador | Equatorial Guinea | Eritrea | Estonia | Ethiopia | F.S. Micronesia | Fiji | Finland | France | Gabon | Gambia | Georgia | Germany | Ghana | Greece | Grenada | Guinea | Guinea-Bissau | Guyana | Haiti | Honduras | Hungary | Iceland | India | Indonesia | Iraq | Ireland | Israel | Italy | Ivory Coast | Jamaica | Japan | Jordan | Kazakhstan | Kenya | Kiribati | Kosovo | Kuwait | Kyrgyzstan | Laos | Latvia | Lebanon | Lesotho | Liberia | Libya | Liechtenstein | Lithuania | Luxembourg | Madagascar | Malawi | Malaysia | Maldives | Mali | Malta | Marshall Islands | Mauritania | Mauritius | Mexico | Moldova | Monaco | Mongolia | Montenegro | Morocco | Myanmar | Namibia | Nauru | Nepal | Netherlands | New Zealand | Nicaragua | Niger | Nigeria | North Korea | North Macedonia | Norway | Oman | Pakistan | Palau | Panama | Papua New Guinea | Paraguay | Peru | Philippines | Poland | Portugal | Qatar | Romania | Russia | Rwanda | Saint Lucia | Saint Vincent And The Grenadines | Samoa | San Marino | São Tomé and Príncipe | Saudi Arabia | Senegal | Serbia | Seychelles | Sierra Leone | Singapore | Slovakia | Slovenia | Solomon Islands | Somalia | South Africa | South Korea | South Sudan | Spain | Sri Lanka | Suriname | Switzerland | Syria | Taiwan | Tajikistan | Tanzania | Togo | Tonga | Trinidad And Tobago | Tunisia | Türkiye | Turkmenistan | Tuvalu | Uganda | Ukraine | United Arab Emirates | United Kingdom | United States | Uruguay | Uzbekistan | Vanuatu | Vatican City | Venezuela | Vietnam | Yemen | Zambia | Zimbabwe
89%
185 left Albania | Algeria | Andorra | Angola |Antigua And Barbuda | Argentina | Armenia | Australia | Austria | Bahamas | Bahrain | Bangladesh | Barbados | Belarus | Belgium | Belize | Benin | Bhutan | Bolivia | Bosnia And Herzegovina | Botswana | Brazil | Brunei | Bulgaria | Burkina Faso | Burundi | Cambodia | Cameroon | Canada | Cape Verde | Central African Republic | Chad | Chile | China | Colombia | Comoros | Costa Rica | Croatia | Cuba | Cyprus | Czech Republic | Denmark | Djibouti | Dominica | Dominican Republic | D.R. Congo | East Timor | Ecuador | Egypt | El Salvador | Equatorial Guinea | Eritrea | Estonia | Ethiopia | F.S. Micronesia | Fiji | Finland | France | Gabon | Gambia | Georgia | Germany | Ghana | Greece | Grenada | Guinea | Guinea-Bissau | Guyana | Haiti | Honduras | Hungary | Iceland | India | Indonesia | Iraq | Ireland | Israel | Italy | Ivory Coast | Jamaica | Japan | Jordan | Kazakhstan | Kenya | Kiribati | Kosovo | Kuwait | Kyrgyzstan | Laos | Latvia | Lebanon | Lesotho | Liberia | Libya | Liechtenstein | Lithuania | Luxembourg | Madagascar | Malawi | Malaysia | Maldives | Mali | Malta | Marshall Islands | Mauritania | Mauritius | Mexico | Moldova | Monaco | Mongolia | Montenegro | Morocco | Myanmar | Namibia | Nauru | Nepal | Netherlands | New Zealand | Nicaragua | Niger | Nigeria | North Korea | North Macedonia | Norway | Oman | Pakistan | Palau | Panama | Papua New Guinea | Paraguay | Peru | Philippines | Poland | Portugal | Qatar | Romania | Russia | Rwanda | Saint Lucia | Saint Vincent And The Grenadines | Samoa | San Marino | São Tomé and Príncipe | Saudi Arabia | Senegal | Serbia | Seychelles | Sierra Leone | Singapore | Slovakia | Slovenia | Solomon Islands | Somalia | South Africa | South Korea | South Sudan | Spain | Sri Lanka | Suriname | Switzerland | Syria | Taiwan | Tajikistan | Tanzania | Togo | Tonga | Trinidad And Tobago | Tunisia | Türkiye | Turkmenistan | Tuvalu | Uganda | Ukraine | United Arab Emirates | United Kingdom | United States | Uruguay | Uzbekistan | Vanuatu | Vatican City | Venezuela | Vietnam | Yemen | Zambia | Zimbabwe
89%
184 left Albania | Algeria | Andorra | Angola |Antigua And Barbuda | Argentina | Armenia | Australia | Austria | Bahamas | Bahrain | Bangladesh | Barbados | Belarus | Belgium | Belize | Benin | Bhutan | Bolivia | Bosnia And Herzegovina | Botswana | Brazil | Brunei | Bulgaria | Burkina Faso | Burundi | Cambodia | Cameroon | Canada | Cape Verde | Central African Republic | Chad | Chile | China | Colombia | Comoros | Costa Rica | Croatia | Cuba | Cyprus | Czech Republic | Denmark | Djibouti | Dominica | Dominican Republic | D.R. Congo | East Timor | Ecuador | Egypt | El Salvador | Equatorial Guinea | Eritrea | Estonia | Ethiopia | F.S. Micronesia | Fiji | Finland | France | Gabon | Gambia | Georgia | Germany | Ghana | Greece | Grenada | Guinea | Guinea-Bissau | Guyana | Haiti | Honduras | Hungary | Iceland | India | Indonesia | Iraq | Ireland | Israel | Italy | Ivory Coast | Jamaica | Japan | Jordan | Kazakhstan | Kenya | Kiribati | Kosovo | Kuwait | Kyrgyzstan | Laos | Latvia | Lebanon | Lesotho | Liberia | Libya | Liechtenstein | Lithuania | Luxembourg | Madagascar | Malawi | Malaysia | Maldives | Mali | Malta | Marshall Islands | Mauritania | Mauritius | Mexico | Moldova | Monaco | Mongolia | Montenegro | Morocco | Myanmar | Namibia | Nauru | Nepal | Netherlands | New Zealand | Nicaragua | Niger | Nigeria | North Korea | North Macedonia | Norway | Oman | Pakistan | Palau | Panama | Papua New Guinea | Paraguay | Peru | Philippines | Poland | Portugal | Qatar | Romania | Russia | Rwanda | Saint Lucia | Saint Vincent And The Grenadines | Samoa | San Marino | São Tomé and Príncipe | Saudi Arabia | Senegal | Serbia | Seychelles | Sierra Leone | Singapore | Slovakia | Slovenia | Solomon Islands | Somalia | South Africa | South Korea | South Sudan | Spain | Sri Lanka | Suriname | Switzerland | Syria | Taiwan | Tajikistan | Tanzania | Togo | Tonga | Trinidad And Tobago | Tunisia | Türkiye | Turkmenistan | Tuvalu | Uganda | Ukraine | United Arab Emirates | United Kingdom | United States | Uruguay | Uzbekistan | Vanuatu | Vatican City | Venezuela | Vietnam | Zambia | Zimbabwe
89%
183 left Albania | Algeria | Andorra | Angola |Antigua And Barbuda | Argentina | Armenia | Australia | Austria | Bahamas | Bahrain | Bangladesh | Barbados | Belarus | Belgium | Belize | Benin | Bhutan | Bolivia | Bosnia And Herzegovina | Botswana | Brazil | Brunei | Bulgaria | Burkina Faso | Burundi | Cambodia | Cameroon | Canada | Cape Verde | Central African Republic | Chad | Chile | China | Colombia | Comoros | Costa Rica | Croatia | Cuba | Cyprus | Czech Republic | Denmark | Djibouti | Dominica | Dominican Republic | D.R. Congo | East Timor | Ecuador | Egypt | El Salvador | Equatorial Guinea | Eritrea | Estonia | Ethiopia | F.S. Micronesia | Fiji | Finland | France | Gabon | Gambia | Georgia | Germany | Ghana | Greece | Grenada | Guinea | Guinea-Bissau | Guyana | Haiti | Honduras | Hungary | Iceland | India | Indonesia | Iraq | Ireland | Israel | Italy | Ivory Coast | Jamaica | Japan | Jordan | Kazakhstan | Kenya | Kiribati | Kosovo | Kuwait | Kyrgyzstan | Laos | Latvia | Lebanon | Lesotho | Liberia | Libya | Liechtenstein | Lithuania | Luxembourg | Madagascar | Malawi | Malaysia | Maldives | Mali | Malta | Marshall Islands | Mauritania | Mauritius | Mexico | Moldova | Monaco | Mongolia | Montenegro | Morocco | Myanmar | Namibia | Nauru | Nepal | New Zealand | Nicaragua | Niger | Nigeria | North Korea | North Macedonia | Norway | Oman | Pakistan | Palau | Panama | Papua New Guinea | Paraguay | Peru | Philippines | Poland | Portugal | Qatar | Romania | Russia | Rwanda | Saint Lucia | Saint Vincent And The Grenadines | Samoa | San Marino | São Tomé and Príncipe | Saudi Arabia | Senegal | Serbia | Seychelles | Sierra Leone | Singapore | Slovakia | Slovenia | Solomon Islands | Somalia | South Africa | South Korea | South Sudan | Spain | Sri Lanka | Suriname | Switzerland | Syria | Taiwan | Tajikistan | Tanzania | Togo | Tonga | Trinidad And Tobago | Tunisia | Türkiye | Turkmenistan | Tuvalu | Uganda | Ukraine | United Arab Emirates | United Kingdom | United States | Uruguay | Uzbekistan | Vanuatu | Vatican City | Venezuela | Vietnam | Zambia | Zimbabwe
89%
182 left Albania | Algeria | Andorra | Angola |Antigua And Barbuda | Argentina | Armenia | Australia | Austria | Bahamas | Bahrain | Bangladesh | Barbados | Belarus | Belgium | Belize | Benin | Bhutan | Bolivia | Bosnia And Herzegovina | Botswana | Brazil | Brunei | Bulgaria | Burkina Faso | Burundi | Cambodia | Cameroon | Canada | Cape Verde | Central African Republic | Chad | Chile | China | Colombia | Comoros | Costa Rica | Croatia | Cuba | Cyprus | Czech Republic | Denmark | Djibouti | Dominica | Dominican Republic | D.R. Congo | East Timor | Ecuador | Egypt | El Salvador | Equatorial Guinea | Eritrea | Estonia | Ethiopia | F.S. Micronesia | Fiji | Finland | France | Gabon | Gambia | Georgia | Germany | Ghana | Greece | Grenada | Guinea | Guinea-Bissau | Guyana | Haiti | Honduras | Hungary | Iceland | India | Indonesia | Iraq | Ireland | Israel | Italy | Ivory Coast | Jamaica | Japan | Jordan | Kazakhstan | Kenya | Kiribati | Kosovo | Kuwait | Kyrgyzstan | Laos | Latvia | Lebanon | Lesotho | Liberia | Libya | Liechtenstein | Luxembourg | Madagascar | Malawi | Malaysia | Maldives | Mali | Malta | Marshall Islands | Mauritania | Mauritius | Mexico | Moldova | Monaco | Mongolia | Montenegro | Morocco | Myanmar | Namibia | Nauru | Nepal | New Zealand | Nicaragua | Niger | Nigeria | North Korea | North Macedonia | Norway | Oman | Pakistan | Palau | Panama | Papua New Guinea | Paraguay | Peru | Philippines | Poland | Portugal | Qatar | Romania | Russia | Rwanda | Saint Lucia | Saint Vincent And The Grenadines | Samoa | San Marino | São Tomé and Príncipe | Saudi Arabia | Senegal | Serbia | Seychelles | Sierra Leone | Singapore | Slovakia | Slovenia | Solomon Islands | Somalia | South Africa | South Korea | South Sudan | Spain | Sri Lanka | Suriname | Switzerland | Syria | Taiwan | Tajikistan | Tanzania | Togo | Tonga | Trinidad And Tobago | Tunisia | Türkiye | Turkmenistan | Tuvalu | Uganda | Ukraine | United Arab Emirates | United Kingdom | United States | Uruguay | Uzbekistan | Vanuatu | Vatican City | Venezuela | Vietnam | Zambia | Zimbabwe
89%
181 left Albania | Algeria | Andorra | Angola |Antigua And Barbuda | Argentina | Armenia | Australia | Austria | Bahamas | Bahrain | Bangladesh | Barbados | Belgium | Belize | Benin | Bhutan | Bolivia | Bosnia And Herzegovina | Botswana | Brazil | Brunei | Bulgaria | Burkina Faso | Burundi | Cambodia | Cameroon | Canada | Cape Verde | Central African Republic | Chad | Chile | China | Colombia | Comoros | Costa Rica | Croatia | Cuba | Cyprus | Czech Republic | Denmark | Djibouti | Dominica | Dominican Republic | D.R. Congo | East Timor | Ecuador | Egypt | El Salvador | Equatorial Guinea | Eritrea | Estonia | Ethiopia | F.S. Micronesia | Fiji | Finland | France | Gabon | Gambia | Georgia | Germany | Ghana | Greece | Grenada | Guinea | Guinea-Bissau | Guyana | Haiti | Honduras | Hungary | Iceland | India | Indonesia | Iraq | Ireland | Israel | Italy | Ivory Coast | Jamaica | Japan | Jordan | Kazakhstan | Kenya | Kiribati | Kosovo | Kuwait | Kyrgyzstan | Laos | Latvia | Lebanon | Lesotho | Liberia | Libya | Liechtenstein | Luxembourg | Madagascar | Malawi | Malaysia | Maldives | Mali | Malta | Marshall Islands | Mauritania | Mauritius | Mexico | Moldova | Monaco | Mongolia | Montenegro | Morocco | Myanmar | Namibia | Nauru | Nepal | New Zealand | Nicaragua | Niger | Nigeria | North Korea | North Macedonia | Norway | Oman | Pakistan | Palau | Panama | Papua New Guinea | Paraguay | Peru | Philippines | Poland | Portugal | Qatar | Romania | Russia | Rwanda | Saint Lucia | Saint Vincent And The Grenadines | Samoa | San Marino | São Tomé and Príncipe | Saudi Arabia | Senegal | Serbia | Seychelles | Sierra Leone | Singapore | Slovakia | Slovenia | Solomon Islands | Somalia | South Africa | South Korea | South Sudan | Spain | Sri Lanka | Suriname | Switzerland | Syria | Taiwan | Tajikistan | Tanzania | Togo | Tonga | Trinidad And Tobago | Tunisia | Türkiye | Turkmenistan | Tuvalu | Uganda | Ukraine | United Arab Emirates | United Kingdom | United States | Uruguay | Uzbekistan | Vanuatu | Vatican City | Venezuela | Vietnam | Zambia | Zimbabwe
89%
180 left Albania | Algeria | Andorra | Angola |Antigua And Barbuda | Argentina | Armenia | Australia | Austria | Bahamas | Bahrain | Bangladesh | Barbados | Belgium | Belize | Benin | Bhutan | Bolivia | Bosnia And Herzegovina | Botswana | Brazil | Brunei | Bulgaria | Burkina Faso | Burundi | Cambodia | Cameroon | Canada | Cape Verde | Central African Republic | Chad | Chile | China | Colombia | Comoros | Costa Rica | Croatia | Cuba | Cyprus | Czech Republic | Denmark | Djibouti | Dominica | Dominican Republic | D.R. Congo | East Timor | Ecuador | Egypt | El Salvador | Equatorial Guinea | Estonia | Ethiopia | F.S. Micronesia | Fiji | Finland | France | Gabon | Gambia | Georgia | Germany | Ghana | Greece | Grenada | Guinea | Guinea-Bissau | Guyana | Haiti | Honduras | Hungary | Iceland | India | Indonesia | Iraq | Ireland | Israel | Italy | Ivory Coast | Jamaica | Japan | Jordan | Kazakhstan | Kenya | Kiribati | Kosovo | Kuwait | Kyrgyzstan | Laos | Latvia | Lebanon | Lesotho | Liberia | Libya | Liechtenstein | Luxembourg | Madagascar | Malawi | Malaysia | Maldives | Mali | Malta | Marshall Islands | Mauritania | Mauritius | Mexico | Moldova | Monaco | Mongolia | Montenegro | Morocco | Myanmar | Namibia | Nauru | Nepal | New Zealand | Nicaragua | Niger | Nigeria | North Korea | North Macedonia | Norway | Oman | Pakistan | Palau | Panama | Papua New Guinea | Paraguay | Peru | Philippines | Poland | Portugal | Qatar | Romania | Russia | Rwanda | Saint Lucia | Saint Vincent And The Grenadines | Samoa | San Marino | São Tomé and Príncipe | Saudi Arabia | Senegal | Serbia | Seychelles | Sierra Leone | Singapore | Slovakia | Slovenia | Solomon Islands | Somalia | South Africa | South Korea | South Sudan | Spain | Sri Lanka | Suriname | Switzerland | Syria | Taiwan | Tajikistan | Tanzania | Togo | Tonga | Trinidad And Tobago | Tunisia | Türkiye | Turkmenistan | Tuvalu | Uganda | Ukraine | United Arab Emirates | United Kingdom | United States | Uruguay | Uzbekistan | Vanuatu | Vatican City | Venezuela | Vietnam | Zambia | Zimbabwe
89%
179 left Albania | Algeria | Andorra | Angola |Antigua And Barbuda | Argentina | Armenia | Australia | Austria | Bahamas | Bahrain | Bangladesh | Barbados | Belgium | Belize | Benin | Bhutan | Bolivia | Bosnia And Herzegovina | Botswana | Brazil | Brunei | Bulgaria | Burkina Faso | Burundi | Cambodia | Cameroon | Canada | Cape Verde | Central African Republic | Chad | Chile | China | Colombia | Comoros | Costa Rica | Croatia | Cuba | Cyprus | Czech Republic | Denmark | Djibouti | Dominica | Dominican Republic | D.R. Congo | East Timor | Ecuador | Egypt | El Salvador | Equatorial Guinea | Estonia | Ethiopia | F.S. Micronesia | Fiji | Finland | France | Gabon | Gambia | Georgia | Germany | Ghana | Greece | Grenada | Guinea | Guinea-Bissau | Guyana | Haiti | Honduras | Hungary | Iceland | India | Indonesia | Iraq | Ireland | Israel | Italy | Ivory Coast | Jamaica | Japan | Jordan | Kazakhstan | Kenya | Kiribati | Kosovo | Kuwait | Kyrgyzstan | Laos | Latvia | Lebanon | Lesotho | Liberia | Libya | Liechtenstein | Luxembourg | Madagascar | Malawi | Malaysia | Maldives | Mali | Malta | Marshall Islands | Mauritania | Mauritius | Mexico | Moldova | Monaco | Mongolia | Montenegro | Morocco | Myanmar | Namibia | Nauru | Nepal | New Zealand | Nicaragua | Niger | Nigeria | North Korea | North Macedonia | Norway | Oman | Pakistan | Palau | Panama | Papua New Guinea | Paraguay | Peru | Philippines | Poland | Portugal | Qatar | Romania | Russia | Rwanda | Saint Lucia | Saint Vincent And The Grenadines | Samoa | San Marino | São Tomé and Príncipe | Saudi Arabia | Senegal | Serbia | Seychelles | Sierra Leone | Singapore | Slovakia | Slovenia | Solomon Islands | Somalia | South Africa | South Korea | South Sudan | Spain | Sri Lanka | Suriname | Switzerland | Syria | Taiwan | Tajikistan | Tanzania | Togo | Tonga | Trinidad And Tobago | Tunisia | Türkiye | Turkmenistan | Tuvalu | Uganda | Ukraine | United Kingdom | United States | Uruguay | Uzbekistan | Vanuatu | Vatican City | Venezuela | Vietnam | Zambia | Zimbabwe
89%
178 left Albania | Algeria | Andorra | Angola |Antigua And Barbuda | Argentina | Armenia | Australia | Austria | Bahamas | Bahrain | Bangladesh | Barbados | Belgium | Belize | Benin | Bhutan | Bolivia | Bosnia And Herzegovina | Botswana | Brazil | Brunei | Bulgaria | Burkina Faso | Burundi | Cambodia | Cameroon | Canada | Cape Verde | Central African Republic | Chad | Chile | China | Colombia | Comoros | Costa Rica | Croatia | Cuba | Cyprus | Czech Republic | Denmark | Djibouti | Dominica | Dominican Republic | D.R. Congo | East Timor | Ecuador | Egypt | El Salvador | Equatorial Guinea | Estonia | Ethiopia | F.S. Micronesia | Fiji | Finland | France | Gabon | Gambia | Georgia | Germany | Ghana | Greece | Grenada | Guinea | Guinea-Bissau | Guyana | Haiti | Honduras | Hungary | Iceland | India | Indonesia | Iraq | Ireland | Israel | Italy | Ivory Coast | Jamaica | Japan | Jordan | Kazakhstan | Kenya | Kiribati | Kosovo | Kuwait | Kyrgyzstan | Laos | Latvia | Lebanon | Lesotho | Liberia | Libya | Liechtenstein | Luxembourg | Madagascar | Malawi | Malaysia | Maldives | Mali | Malta | Marshall Islands | Mauritania | Mauritius | Mexico | Moldova | Monaco | Mongolia | Montenegro | Morocco | Myanmar | Namibia | Nauru | Nepal | New Zealand | Nicaragua | Niger | Nigeria | North Korea | North Macedonia | Norway | Oman | Palau | Panama | Papua New Guinea | Paraguay | Peru | Philippines | Poland | Portugal | Qatar | Romania | Russia | Rwanda | Saint Lucia | Saint Vincent And The Grenadines | Samoa | San Marino | São Tomé and Príncipe | Saudi Arabia | Senegal | Serbia | Seychelles | Sierra Leone | Singapore | Slovakia | Slovenia | Solomon Islands | Somalia | South Africa | South Korea | South Sudan | Spain | Sri Lanka | Suriname | Switzerland | Syria | Taiwan | Tajikistan | Tanzania | Togo | Tonga | Trinidad And Tobago | Tunisia | Türkiye | Turkmenistan | Tuvalu | Uganda | Ukraine | United Kingdom | United States | Uruguay | Uzbekistan | Vanuatu | Vatican City | Venezuela | Vietnam | Zambia | Zimbabwe
89%
177 left Albania | Algeria | Andorra | Angola |Antigua And Barbuda | Argentina | Armenia | Australia | Austria | Bahamas | Bahrain | Bangladesh | Barbados | Belgium | Belize | Benin | Bhutan | Bolivia | Bosnia And Herzegovina | Botswana | Brazil | Brunei | Bulgaria | Burkina Faso | Burundi | Cambodia | Cameroon | Canada | Cape Verde | Central African Republic | Chad | Chile | China | Colombia | Comoros | Costa Rica | Croatia | Cuba | Cyprus | Czech Republic | Denmark | Djibouti | Dominica | Dominican Republic | D.R. Congo | East Timor | Ecuador | Egypt | El Salvador | Equatorial Guinea | Estonia | Ethiopia | F.S. Micronesia | Fiji | Finland | France | Gabon | Gambia | Georgia | Germany | Ghana | Greece | Grenada | Guinea | Guinea-Bissau | Guyana | Haiti | Honduras | Hungary | Iceland | India | Indonesia | Iraq | Ireland | Israel | Italy | Ivory Coast | Jamaica | Japan | Jordan | Kazakhstan | Kenya | Kiribati | Kosovo | Kuwait | Kyrgyzstan | Laos | Latvia | Lebanon | Lesotho | Liberia | Libya | Liechtenstein | Luxembourg | Madagascar | Malawi | Malaysia | Maldives | Mali | Malta | Marshall Islands | Mauritania | Mauritius | Mexico | Moldova | Monaco | Mongolia | Montenegro | Morocco | Myanmar | Namibia | Nauru | Nepal | New Zealand | Nicaragua | Niger | Nigeria | North Korea | North Macedonia | Norway | Oman | Palau | Panama | Paraguay | Peru | Philippines | Poland | Portugal | Qatar | Romania | Russia | Rwanda | Saint Lucia | Saint Vincent And The Grenadines | Samoa | San Marino | São Tomé and Príncipe | Saudi Arabia | Senegal | Serbia | Seychelles | Sierra Leone | Singapore | Slovakia | Slovenia | Solomon Islands | Somalia | South Africa | South Korea | South Sudan | Spain | Sri Lanka | Suriname | Switzerland | Syria | Taiwan | Tajikistan | Tanzania | Togo | Tonga | Trinidad And Tobago | Tunisia | Türkiye | Turkmenistan | Tuvalu | Uganda | Ukraine | United Kingdom | United States | Uruguay | Uzbekistan | Vanuatu | Vatican City | Venezuela | Vietnam | Zambia | Zimbabwe
89%
176 left Albania | Algeria | Andorra | Angola |Antigua And Barbuda | Argentina | Armenia | Australia | Austria | Bahamas | Bahrain | Bangladesh | Barbados | Belgium | Belize | Benin | Bhutan | Bolivia | Bosnia And Herzegovina | Botswana | Brazil | Brunei | Bulgaria | Burkina Faso | Burundi | Cambodia | Cameroon | Canada | Cape Verde | Central African Republic | Chad | Chile | China | Colombia | Comoros | Costa Rica | Croatia | Cuba | Cyprus | Czech Republic | Denmark | Djibouti | Dominica | Dominican Republic | D.R. Congo | East Timor | Ecuador | Egypt | El Salvador | Equatorial Guinea | Estonia | Ethiopia | F.S. Micronesia | Fiji | Finland | France | Gabon | Gambia | Georgia | Germany | Ghana | Greece | Grenada | Guinea | Guinea-Bissau | Guyana | Haiti | Honduras | Hungary | Iceland | India | Indonesia | Iraq | Ireland | Israel | Italy | Ivory Coast | Jamaica | Japan | Jordan | Kazakhstan | Kenya | Kiribati | Kosovo | Kuwait | Kyrgyzstan | Laos | Latvia | Lebanon | Lesotho | Liberia | Libya | Liechtenstein | Luxembourg | Madagascar | Malawi | Malaysia | Maldives | Mali | Malta | Marshall Islands | Mauritania | Mauritius | Mexico | Moldova | Monaco | Mongolia | Montenegro | Morocco | Myanmar | Namibia | Nauru | Nepal | New Zealand | Nicaragua | Niger | Nigeria | North Korea | North Macedonia | Norway | Oman | Palau | Panama | Paraguay | Peru | Philippines | Poland | Portugal | Qatar | Russia | Rwanda | Saint Lucia | Saint Vincent And The Grenadines | Samoa | San Marino | São Tomé and Príncipe | Saudi Arabia | Senegal | Serbia | Seychelles | Sierra Leone | Singapore | Slovakia | Slovenia | Solomon Islands | Somalia | South Africa | South Korea | South Sudan | Spain | Sri Lanka | Suriname | Switzerland | Syria | Taiwan | Tajikistan | Tanzania | Togo | Tonga | Trinidad And Tobago | Tunisia | Türkiye | Turkmenistan | Tuvalu | Uganda | Ukraine | United Kingdom | United States | Uruguay | Uzbekistan | Vanuatu | Vatican City | Venezuela | Vietnam | Zambia | Zimbabwe
89%
175 left Albania | Algeria | Andorra | Angola |Antigua And Barbuda | Argentina | Armenia | Australia | Austria | Bahamas | Bahrain | Bangladesh | Barbados | Belgium | Belize | Benin | Bhutan | Bolivia | Bosnia And Herzegovina | Botswana | Brazil | Brunei | Bulgaria | Burkina Faso | Burundi | Cambodia | Cameroon | Canada | Cape Verde | Chad | Chile | China | Colombia | Comoros | Costa Rica | Croatia | Cuba | Cyprus | Czech Republic | Denmark | Djibouti | Dominica | Dominican Republic | D.R. Congo | East Timor | Ecuador | Egypt | El Salvador | Equatorial Guinea | Estonia | Ethiopia | F.S. Micronesia | Fiji | Finland | France | Gabon | Gambia | Georgia | Germany | Ghana | Greece | Grenada | Guinea | Guinea-Bissau | Guyana | Haiti | Honduras | Hungary | Iceland | India | Indonesia | Iraq | Ireland | Israel | Italy | Ivory Coast | Jamaica | Japan | Jordan | Kazakhstan | Kenya | Kiribati | Kosovo | Kuwait | Kyrgyzstan | Laos | Latvia | Lebanon | Lesotho | Liberia | Libya | Liechtenstein | Luxembourg | Madagascar | Malawi | Malaysia | Maldives | Mali | Malta | Marshall Islands | Mauritania | Mauritius | Mexico | Moldova | Monaco | Mongolia | Montenegro | Morocco | Myanmar | Namibia | Nauru | Nepal | New Zealand | Nicaragua | Niger | Nigeria | North Korea | North Macedonia | Norway | Oman | Palau | Panama | Paraguay | Peru | Philippines | Poland | Portugal | Qatar | Russia | Rwanda | Saint Lucia | Saint Vincent And The Grenadines | Samoa | San Marino | São Tomé and Príncipe | Saudi Arabia | Senegal | Serbia | Seychelles | Sierra Leone | Singapore | Slovakia | Slovenia | Solomon Islands | Somalia | South Africa | South Korea | South Sudan | Spain | Sri Lanka | Suriname | Switzerland | Syria | Taiwan | Tajikistan | Tanzania | Togo | Tonga | Trinidad And Tobago | Tunisia | Türkiye | Turkmenistan | Tuvalu | Uganda | Ukraine | United Kingdom | United States | Uruguay | Uzbekistan | Vanuatu | Vatican City | Venezuela | Vietnam | Zambia | Zimbabwe
87%
174 left Albania | Algeria | Andorra | Angola |Antigua And Barbuda | Argentina | Armenia | Australia | Austria | Bahamas | Bahrain | Bangladesh | Barbados | Belgium | Belize | Benin | Bhutan | Bolivia | Bosnia And Herzegovina | Botswana | Brazil | Brunei | Bulgaria | Burkina Faso | Burundi | Cambodia | Cameroon | Canada | Cape Verde | Chad | Chile | China | Colombia | Comoros | Costa Rica | Croatia | Cuba | Cyprus | Czech Republic | Denmark | Djibouti | Dominica | Dominican Republic | D.R. Congo | East Timor | Ecuador | Egypt | El Salvador | Equatorial Guinea | Estonia | Ethiopia | F.S. Micronesia | Fiji | Finland | France | Gabon | Gambia | Georgia | Germany | Ghana | Greece | Grenada | Guinea | Guinea-Bissau | Guyana | Haiti | Honduras | Hungary | Iceland | India | Indonesia | Iraq | Ireland | Israel | Italy | Ivory Coast | Jamaica | Japan | Jordan | Kazakhstan | Kenya | Kiribati | Kosovo | Kuwait | Kyrgyzstan | Laos | Latvia | Lesotho | Liberia | Libya | Liechtenstein | Luxembourg | Madagascar | Malawi | Malaysia | Maldives | Mali | Malta | Marshall Islands | Mauritania | Mauritius | Mexico | Moldova | Monaco | Mongolia | Montenegro | Morocco | Myanmar | Namibia | Nauru | Nepal | New Zealand | Nicaragua | Niger | Nigeria | North Korea | North Macedonia | Norway | Oman | Palau | Panama | Paraguay | Peru | Philippines | Poland | Portugal | Qatar | Russia | Rwanda | Saint Lucia | Saint Vincent And The Grenadines | Samoa | San Marino | São Tomé and Príncipe | Saudi Arabia | Senegal | Serbia | Seychelles | Sierra Leone | Singapore | Slovakia | Slovenia | Solomon Islands | Somalia | South Africa | South Korea | South Sudan | Spain | Sri Lanka | Suriname | Switzerland | Syria | Taiwan | Tajikistan | Tanzania | Togo | Tonga | Trinidad And Tobago | Tunisia | Türkiye | Turkmenistan | Tuvalu | Uganda | Ukraine | United Kingdom | United States | Uruguay | Uzbekistan | Vanuatu | Vatican City | Venezuela | Vietnam | Zambia | Zimbabwe
87%
173 left Albania | Algeria | Andorra | Angola |Antigua And Barbuda | Argentina | Armenia | Australia | Austria | Bahamas | Bahrain | Bangladesh | Barbados | Belgium | Belize | Benin | Bhutan | Bolivia | Bosnia And Herzegovina | Botswana | Brazil | Brunei | Bulgaria | Burkina Faso | Burundi | Cambodia | Cameroon | Canada | Cape Verde | Chad | Chile | China | Comoros | Costa Rica | Croatia | Cuba | Cyprus | Czech Republic | Denmark | Djibouti | Dominica | Dominican Republic | D.R. Congo | East Timor | Ecuador | Egypt | El Salvador | Equatorial Guinea | Estonia | Ethiopia | F.S. Micronesia | Fiji | Finland | France | Gabon | Gambia | Georgia | Germany | Ghana | Greece | Grenada | Guinea | Guinea-Bissau | Guyana | Haiti | Honduras | Hungary | Iceland | India | Indonesia | Iraq | Ireland | Israel | Italy | Ivory Coast | Jamaica | Japan | Jordan | Kazakhstan | Kenya | Kiribati | Kosovo | Kuwait | Kyrgyzstan | Laos | Latvia | Lesotho | Liberia | Libya | Liechtenstein | Luxembourg | Madagascar | Malawi | Malaysia | Maldives | Mali | Malta | Marshall Islands | Mauritania | Mauritius | Mexico | Moldova | Monaco | Mongolia | Montenegro | Morocco | Myanmar | Namibia | Nauru | Nepal | New Zealand | Nicaragua | Niger | Nigeria | North Korea | North Macedonia | Norway | Oman | Palau | Panama | Paraguay | Peru | Philippines | Poland | Portugal | Qatar | Russia | Rwanda | Saint Lucia | Saint Vincent And The Grenadines | Samoa | San Marino | São Tomé and Príncipe | Saudi Arabia | Senegal | Serbia | Seychelles | Sierra Leone | Singapore | Slovakia | Slovenia | Solomon Islands | Somalia | South Africa | South Korea | South Sudan | Spain | Sri Lanka | Suriname | Switzerland | Syria | Taiwan | Tajikistan | Tanzania | Togo | Tonga | Trinidad And Tobago | Tunisia | Türkiye | Turkmenistan | Tuvalu | Uganda | Ukraine | United Kingdom | United States | Uruguay | Uzbekistan | Vanuatu | Vatican City | Venezuela | Vietnam | Zambia | Zimbabwe
87%
172 left Albania | Algeria | Andorra | Angola |Antigua And Barbuda | Argentina | Armenia | Australia | Austria | Bahamas | Bahrain | Bangladesh | Barbados | Belgium | Belize | Benin | Bhutan | Bolivia | Bosnia And Herzegovina | Botswana | Brazil | Brunei | Bulgaria | Burkina Faso | Burundi | Cambodia | Cameroon | Canada | Cape Verde | Chad | Chile | China | Comoros | Costa Rica | Croatia | Cuba | Cyprus | Czech Republic | Denmark | Djibouti | Dominica | Dominican Republic | D.R. Congo | East Timor | Ecuador | Egypt | El Salvador | Equatorial Guinea | Estonia | Ethiopia | F.S. Micronesia | Fiji | Finland | France | Gabon | Gambia | Georgia | Germany | Ghana | Greece | Grenada | Guinea | Guinea-Bissau | Guyana | Haiti | Honduras | Hungary | Iceland | India | Indonesia | Iraq | Ireland | Israel | Italy | Ivory Coast | Jamaica | Japan | Jordan | Kazakhstan | Kenya | Kiribati | Kosovo | Kuwait | Kyrgyzstan | Laos | Latvia | Lesotho | Liberia | Libya | Liechtenstein | Luxembourg | Madagascar | Malawi | Malaysia | Maldives | Mali | Malta | Marshall Islands | Mauritius | Mexico | Moldova | Monaco | Mongolia | Montenegro | Morocco | Myanmar | Namibia | Nauru | Nepal | New Zealand | Nicaragua | Niger | Nigeria | North Korea | North Macedonia | Norway | Oman | Palau | Panama | Paraguay | Peru | Philippines | Poland | Portugal | Qatar | Russia | Rwanda | Saint Lucia | Saint Vincent And The Grenadines | Samoa | San Marino | São Tomé and Príncipe | Saudi Arabia | Senegal | Serbia | Seychelles | Sierra Leone | Singapore | Slovakia | Slovenia | Solomon Islands | Somalia | South Africa | South Korea | South Sudan | Spain | Sri Lanka | Suriname | Switzerland | Syria | Taiwan | Tajikistan | Tanzania | Togo | Tonga | Trinidad And Tobago | Tunisia | Türkiye | Turkmenistan | Tuvalu | Uganda | Ukraine | United Kingdom | United States | Uruguay | Uzbekistan | Vanuatu | Vatican City | Venezuela | Vietnam | Zambia | Zimbabwe
87%
171 left Albania | Algeria | Andorra | Angola |Antigua And Barbuda | Argentina | Armenia | Austria | Bahamas | Bahrain | Bangladesh | Barbados | Belgium | Belize | Benin | Bhutan | Bolivia | Bosnia And Herzegovina | Botswana | Brazil | Brunei | Bulgaria | Burkina Faso | Burundi | Cambodia | Cameroon | Canada | Cape Verde | Chad | Chile | China | Comoros | Costa Rica | Croatia | Cuba | Cyprus | Czech Republic | Denmark | Djibouti | Dominica | Dominican Republic | D.R. Congo | East Timor | Ecuador | Egypt | El Salvador | Equatorial Guinea | Estonia | Ethiopia | F.S. Micronesia | Fiji | Finland | France | Gabon | Gambia | Georgia | Germany | Ghana | Greece | Grenada | Guinea | Guinea-Bissau | Guyana | Haiti | Honduras | Hungary | Iceland | India | Indonesia | Iraq | Ireland | Israel | Italy | Ivory Coast | Jamaica | Japan | Jordan | Kazakhstan | Kenya | Kiribati | Kosovo | Kuwait | Kyrgyzstan | Laos | Latvia | Lesotho | Liberia | Libya | Liechtenstein | Luxembourg | Madagascar | Malawi | Malaysia | Maldives | Mali | Malta | Marshall Islands | Mauritius | Mexico | Moldova | Monaco | Mongolia | Montenegro | Morocco | Myanmar | Namibia | Nauru | Nepal | New Zealand | Nicaragua | Niger | Nigeria | North Korea | North Macedonia | Norway | Oman | Palau | Panama | Paraguay | Peru | Philippines | Poland | Portugal | Qatar | Russia | Rwanda | Saint Lucia | Saint Vincent And The Grenadines | Samoa | San Marino | São Tomé and Príncipe | Saudi Arabia | Senegal | Serbia | Seychelles | Sierra Leone | Singapore | Slovakia | Slovenia | Solomon Islands | Somalia | South Africa | South Korea | South Sudan | Spain | Sri Lanka | Suriname | Switzerland | Syria | Taiwan | Tajikistan | Tanzania | Togo | Tonga | Trinidad And Tobago | Tunisia | Türkiye | Turkmenistan | Tuvalu | Uganda | Ukraine | United Kingdom | United States | Uruguay | Uzbekistan | Vanuatu | Vatican City | Venezuela | Vietnam | Zambia | Zimbabwe
87%
170 left Albania | Algeria | Andorra | Angola |Antigua And Barbuda | Argentina | Armenia | Austria | Bahamas | Bahrain | Bangladesh | Barbados | Belgium | Belize | Benin | Bhutan | Bolivia | Bosnia And Herzegovina | Botswana | Brazil | Brunei | Bulgaria | Burkina Faso | Burundi | Cambodia | Cameroon | Canada | Cape Verde | Chad | Chile | China | Comoros | Costa Rica | Croatia | Cuba | Cyprus | Czech Republic | Denmark | Djibouti | Dominica | Dominican Republic | D.R. Congo | East Timor | Ecuador | Egypt | El Salvador | Equatorial Guinea | Estonia | Ethiopia | F.S. Micronesia | Fiji | Finland | France | Gabon | Gambia | Georgia | Germany | Ghana | Greece | Grenada | Guinea | Guinea-Bissau | Guyana | Haiti | Honduras | Hungary | Iceland | India | Indonesia | Iraq | Ireland | Israel | Italy | Ivory Coast | Jamaica | Japan | Jordan | Kazakhstan | Kenya | Kiribati | Kosovo | Kuwait | Kyrgyzstan | Laos | Latvia | Lesotho | Liberia | Libya | Liechtenstein | Luxembourg | Madagascar | Malawi | Malaysia | Maldives | Mali | Malta | Marshall Islands | Mauritius | Mexico | Moldova | Monaco | Mongolia | Montenegro | Morocco | Myanmar | Namibia | Nauru | Nepal | New Zealand | Nicaragua | Niger | Nigeria | North Macedonia | Norway | Oman | Palau | Panama | Paraguay | Peru | Philippines | Poland | Portugal | Qatar | Russia | Rwanda | Saint Lucia | Saint Vincent And The Grenadines | Samoa | San Marino | São Tomé and Príncipe | Saudi Arabia | Senegal | Serbia | Seychelles | Sierra Leone | Singapore | Slovakia | Slovenia | Solomon Islands | Somalia | South Africa | South Korea | South Sudan | Spain | Sri Lanka | Suriname | Switzerland | Syria | Taiwan | Tajikistan | Tanzania | Togo | Tonga | Trinidad And Tobago | Tunisia | Türkiye | Turkmenistan | Tuvalu | Uganda | Ukraine | United Kingdom | United States | Uruguay | Uzbekistan | Vanuatu | Vatican City | Venezuela | Vietnam | Zambia | Zimbabwe
87%
169 left Albania | Andorra | Angola |Antigua And Barbuda | Argentina | Armenia | Austria | Bahamas | Bahrain | Bangladesh | Barbados | Belgium | Belize | Benin | Bhutan | Bolivia | Bosnia And Herzegovina | Botswana | Brazil | Brunei | Bulgaria | Burkina Faso | Burundi | Cambodia | Cameroon | Canada | Cape Verde | Chad | Chile | China | Comoros | Costa Rica | Croatia | Cuba | Cyprus | Czech Republic | Denmark | Djibouti | Dominica | Dominican Republic | D.R. Congo | East Timor | Ecuador | Egypt | El Salvador | Equatorial Guinea | Estonia | Ethiopia | F.S. Micronesia | Fiji | Finland | France | Gabon | Gambia | Georgia | Germany | Ghana | Greece | Grenada | Guinea | Guinea-Bissau | Guyana | Haiti | Honduras | Hungary | Iceland | India | Indonesia | Iraq | Ireland | Israel | Italy | Ivory Coast | Jamaica | Japan | Jordan | Kazakhstan | Kenya | Kiribati | Kosovo | Kuwait | Kyrgyzstan | Laos | Latvia | Lesotho | Liberia | Libya | Liechtenstein | Luxembourg | Madagascar | Malawi | Malaysia | Maldives | Mali | Malta | Marshall Islands | Mauritius | Mexico | Moldova | Monaco | Mongolia | Montenegro | Morocco | Myanmar | Namibia | Nauru | Nepal | New Zealand | Nicaragua | Niger | Nigeria | North Macedonia | Norway | Oman | Palau | Panama | Paraguay | Peru | Philippines | Poland | Portugal | Qatar | Russia | Rwanda | Saint Lucia | Saint Vincent And The Grenadines | Samoa | San Marino | São Tomé and Príncipe | Saudi Arabia | Senegal | Serbia | Seychelles | Sierra Leone | Singapore | Slovakia | Slovenia | Solomon Islands | Somalia | South Africa | South Korea | South Sudan | Spain | Sri Lanka | Suriname | Switzerland | Syria | Taiwan | Tajikistan | Tanzania | Togo | Tonga | Trinidad And Tobago | Tunisia | Türkiye | Turkmenistan | Tuvalu | Uganda | Ukraine | United Kingdom | United States | Uruguay | Uzbekistan | Vanuatu | Vatican City | Venezuela | Vietnam | Zambia | Zimbabwe
87%
168 left Albania | Andorra | Angola |Antigua And Barbuda | Argentina | Armenia | Austria | Bahamas | Bahrain | Bangladesh | Barbados | Belgium | Belize | Benin | Bhutan | Bolivia | Bosnia And Herzegovina | Botswana | Brazil | Brunei | Bulgaria | Burkina Faso | Burundi | Cambodia | Cameroon | Canada | Cape Verde | Chad | Chile | China | Comoros | Costa Rica | Croatia | Cuba | Cyprus | Czech Republic | Denmark | Djibouti | Dominica | Dominican Republic | D.R. Congo | East Timor | Ecuador | Egypt | El Salvador | Equatorial Guinea | Estonia | Ethiopia | F.S. Micronesia | Fiji | Finland | France | Gabon | Gambia | Georgia | Germany | Ghana | Greece | Grenada | Guinea | Guinea-Bissau | Guyana | Haiti | Honduras | Hungary | Iceland | India | Indonesia | Iraq | Ireland | Israel | Italy | Ivory Coast | Jamaica | Japan | Jordan | Kazakhstan | Kenya | Kiribati | Kosovo | Kuwait | Kyrgyzstan | Laos | Latvia | Lesotho | Libya | Liechtenstein | Luxembourg | Madagascar | Malawi | Malaysia | Maldives | Mali | Malta | Marshall Islands | Mauritius | Mexico | Moldova | Monaco | Mongolia | Montenegro | Morocco | Myanmar | Namibia | Nauru | Nepal | New Zealand | Nicaragua | Niger | Nigeria | North Macedonia | Norway | Oman | Palau | Panama | Paraguay | Peru | Philippines | Poland | Portugal | Qatar | Russia | Rwanda | Saint Lucia | Saint Vincent And The Grenadines | Samoa | San Marino | São Tomé and Príncipe | Saudi Arabia | Senegal | Serbia | Seychelles | Sierra Leone | Singapore | Slovakia | Slovenia | Solomon Islands | Somalia | South Africa | South Korea | South Sudan | Spain | Sri Lanka | Suriname | Switzerland | Syria | Taiwan | Tajikistan | Tanzania | Togo | Tonga | Trinidad And Tobago | Tunisia | Türkiye | Turkmenistan | Tuvalu | Uganda | Ukraine | United Kingdom | United States | Uruguay | Uzbekistan | Vanuatu | Vatican City | Venezuela | Vietnam | Zambia | Zimbabwe
87%
167 left Albania | Andorra | Angola |Antigua And Barbuda | Argentina | Armenia | Austria | Bahamas | Bahrain | Bangladesh | Barbados | Belgium | Belize | Benin | Bhutan | Bolivia | Bosnia And Herzegovina | Botswana | Brazil | Brunei | Bulgaria | Burkina Faso | Burundi | Cambodia | Cameroon | Canada | Cape Verde | Chad | Chile | China | Comoros | Costa Rica | Croatia | Cuba | Cyprus | Czech Republic | Denmark | Djibouti | Dominica | Dominican Republic | D.R. Congo | East Timor | Ecuador | Egypt | El Salvador | Equatorial Guinea | Estonia | Ethiopia | F.S. Micronesia | Fiji | Finland | France | Gabon | Gambia | Georgia | Germany | Ghana | Greece | Grenada | Guinea | Guinea-Bissau | Guyana | Haiti | Honduras | Hungary | Iceland | India | Indonesia | Iraq | Ireland | Israel | Italy | Ivory Coast | Jamaica | Japan | Jordan | Kazakhstan | Kenya | Kiribati | Kosovo | Kuwait | Kyrgyzstan | Laos | Latvia | Lesotho | Libya | Liechtenstein | Luxembourg | Madagascar | Malawi | Malaysia | Maldives | Mali | Malta | Marshall Islands | Mauritius | Mexico | Moldova | Monaco | Mongolia | Montenegro | Morocco | Myanmar | Namibia | Nauru | Nepal | New Zealand | Nicaragua | Niger | Nigeria | North Macedonia | Norway | Oman | Palau | Panama | Paraguay | Peru | Philippines | Poland | Portugal | Qatar | Russia | Rwanda | Saint Lucia | Saint Vincent And The Grenadines | Samoa | San Marino | São Tomé and Príncipe | Saudi Arabia | Senegal | Serbia | Seychelles | Sierra Leone | Singapore | Slovakia | Slovenia | Solomon Islands | Somalia | South Africa | South Korea | South Sudan | Spain | Sri Lanka | Suriname | Syria | Taiwan | Tajikistan | Tanzania | Togo | Tonga | Trinidad And Tobago | Tunisia | Türkiye | Turkmenistan | Tuvalu | Uganda | Ukraine | United Kingdom | United States | Uruguay | Uzbekistan | Vanuatu | Vatican City | Venezuela | Vietnam | Zambia | Zimbabwe
85%
166 left Albania | Andorra | Angola |Antigua And Barbuda | Argentina | Armenia | Austria | Bahamas | Bahrain | Bangladesh | Barbados | Belgium | Belize | Benin | Bhutan | Bolivia | Bosnia And Herzegovina | Botswana | Brazil | Brunei | Bulgaria | Burkina Faso | Burundi | Cambodia | Cameroon | Canada | Cape Verde | Chad | Chile | China | Comoros | Costa Rica | Croatia | Cuba | Cyprus | Czech Republic | Denmark | Djibouti | Dominica | Dominican Republic | D.R. Congo | East Timor | Ecuador | Egypt | El Salvador | Equatorial Guinea | Estonia | Ethiopia | F.S. Micronesia | Fiji | Finland | France | Gabon | Gambia | Georgia | Germany | Ghana | Greece | Grenada | Guinea | Guinea-Bissau | Guyana | Haiti | Honduras | Hungary | Iceland | India | Indonesia | Iraq | Ireland | Israel | Italy | Ivory Coast | Jamaica | Japan | Jordan | Kazakhstan | Kenya | Kiribati | Kosovo | Kuwait | Kyrgyzstan | Laos | Latvia | Lesotho | Libya | Liechtenstein | Luxembourg | Madagascar | Malawi | Malaysia | Maldives | Mali | Malta | Marshall Islands | Mauritius | Mexico | Moldova | Monaco | Mongolia | Montenegro | Morocco | Myanmar | Namibia | Nauru | Nepal | New Zealand | Nicaragua | Niger | Nigeria | North Macedonia | Norway | Oman | Palau | Panama | Paraguay | Peru | Philippines | Poland | Portugal | Qatar | Russia | Rwanda | Saint Lucia | Saint Vincent And The Grenadines | Samoa | São Tomé and Príncipe | Saudi Arabia | Senegal | Serbia | Seychelles | Sierra Leone | Singapore | Slovakia | Slovenia | Solomon Islands | Somalia | South Africa | South Korea | South Sudan | Spain | Sri Lanka | Suriname | Syria | Taiwan | Tajikistan | Tanzania | Togo | Tonga | Trinidad And Tobago | Tunisia | Türkiye | Turkmenistan | Tuvalu | Uganda | Ukraine | United Kingdom | United States | Uruguay | Uzbekistan | Vanuatu | Vatican City | Venezuela | Vietnam | Zambia | Zimbabwe
84%
165 left Albania | Andorra | Angola |Antigua And Barbuda | Argentina | Armenia | Austria | Bahamas | Bahrain | Bangladesh | Barbados | Belgium | Belize | Benin | Bhutan | Bolivia | Bosnia And Herzegovina | Botswana | Brazil | Brunei | Bulgaria | Burkina Faso | Burundi | Cambodia | Cameroon | Canada | Cape Verde | Chad | Chile | China | Comoros | Costa Rica | Croatia | Cuba | Cyprus | Czech Republic | Denmark | Djibouti | Dominica | Dominican Republic | D.R. Congo | East Timor | Ecuador | Egypt | El Salvador | Equatorial Guinea | Estonia | Ethiopia | F.S. Micronesia | Fiji | Finland | France | Gabon | Gambia | Georgia | Germany | Ghana | Greece | Grenada | Guinea | Guinea-Bissau | Guyana | Haiti | Hungary | Iceland | India | Indonesia | Iraq | Ireland | Israel | Italy | Ivory Coast | Jamaica | Japan | Jordan | Kazakhstan | Kenya | Kiribati | Kosovo | Kuwait | Kyrgyzstan | Laos | Latvia | Lesotho | Libya | Liechtenstein | Luxembourg | Madagascar | Malawi | Malaysia | Maldives | Mali | Malta | Marshall Islands | Mauritius | Mexico | Moldova | Monaco | Mongolia | Montenegro | Morocco | Myanmar | Namibia | Nauru | Nepal | New Zealand | Nicaragua | Niger | Nigeria | North Macedonia | Norway | Oman | Palau | Panama | Paraguay | Peru | Philippines | Poland | Portugal | Qatar | Russia | Rwanda | Saint Lucia | Saint Vincent And The Grenadines | Samoa | São Tomé and Príncipe | Saudi Arabia | Senegal | Serbia | Seychelles | Sierra Leone | Singapore | Slovakia | Slovenia | Solomon Islands | Somalia | South Africa | South Korea | South Sudan | Spain | Sri Lanka | Suriname | Syria | Taiwan | Tajikistan | Tanzania | Togo | Tonga | Trinidad And Tobago | Tunisia | Türkiye | Turkmenistan | Tuvalu | Uganda | Ukraine | United Kingdom | United States | Uruguay | Uzbekistan | Vanuatu | Vatican City | Venezuela | Vietnam | Zambia | Zimbabwe
82%
163 left Albania | Andorra | Angola |Antigua And Barbuda | Argentina | Armenia | Austria | Bahamas | Bahrain | Barbados | Belgium | Belize | Benin | Bhutan | Bolivia | Botswana | Brazil | Brunei | Bulgaria | Burkina Faso | Burundi | Cambodia | Cameroon | Canada | Cape Verde | Chad | Chile | China | Comoros | Costa Rica | Croatia | Cuba | Cyprus | Czech Republic | Denmark | Djibouti | Dominica | Dominican Republic | D.R. Congo | East Timor | Ecuador | Egypt | El Salvador | Equatorial Guinea | Estonia | Ethiopia | F.S. Micronesia | Fiji | Finland | France | Gabon | Gambia | Georgia | Germany | Ghana | Greece | Grenada | Guinea | Guinea-Bissau | Guyana | Haiti | Hungary | Iceland | India | Indonesia | Iraq | Ireland | Israel | Italy | Ivory Coast | Jamaica | Japan | Jordan | Kazakhstan | Kenya | Kiribati | Kosovo | Kuwait | Kyrgyzstan | Laos | Latvia | Lesotho | Libya | Liechtenstein | Luxembourg | Madagascar | Malawi | Malaysia | Maldives | Mali | Malta | Marshall Islands | Mauritius | Mexico | Moldova | Monaco | Mongolia | Montenegro | Morocco | Myanmar | Namibia | Nauru | Nepal | New Zealand | Nicaragua | Niger | Nigeria | North Macedonia | Norway | Oman | Palau | Panama | Paraguay | Peru | Philippines | Poland | Portugal | Qatar | Russia | Rwanda | Saint Lucia | Saint Vincent And The Grenadines | Samoa | São Tomé and Príncipe | Saudi Arabia | Senegal | Serbia | Seychelles | Sierra Leone | Singapore | Slovakia | Slovenia | Solomon Islands | Somalia | South Africa | South Korea | South Sudan | Spain | Sri Lanka | Suriname | Syria | Taiwan | Tajikistan | Tanzania | Togo | Tonga | Trinidad And Tobago | Tunisia | Türkiye | Turkmenistan | Tuvalu | Uganda | Ukraine | United Kingdom | United States | Uruguay | Uzbekistan | Vanuatu | Vatican City | Venezuela | Vietnam | Zambia | Zimbabwe
82%
164 left Albania | Andorra | Angola |Antigua And Barbuda | Argentina | Armenia | Austria | Bahamas | Bahrain | Barbados | Belgium | Belize | Benin | Bhutan | Bolivia | Bosnia And Herzegovina | Botswana | Brazil | Brunei | Bulgaria | Burkina Faso | Burundi | Cambodia | Cameroon | Canada | Cape Verde | Chad | Chile | China | Comoros | Costa Rica | Croatia | Cuba | Cyprus | Czech Republic | Denmark | Djibouti | Dominica | Dominican Republic | D.R. Congo | East Timor | Ecuador | Egypt | El Salvador | Equatorial Guinea | Estonia | Ethiopia | F.S. Micronesia | Fiji | Finland | France | Gabon | Gambia | Georgia | Germany | Ghana | Greece | Grenada | Guinea | Guinea-Bissau | Guyana | Haiti | Hungary | Iceland | India | Indonesia | Iraq | Ireland | Israel | Italy | Ivory Coast | Jamaica | Japan | Jordan | Kazakhstan | Kenya | Kiribati | Kosovo | Kuwait | Kyrgyzstan | Laos | Latvia | Lesotho | Libya | Liechtenstein | Luxembourg | Madagascar | Malawi | Malaysia | Maldives | Mali | Malta | Marshall Islands | Mauritius | Mexico | Moldova | Monaco | Mongolia | Montenegro | Morocco | Myanmar | Namibia | Nauru | Nepal | New Zealand | Nicaragua | Niger | Nigeria | North Macedonia | Norway | Oman | Palau | Panama | Paraguay | Peru | Philippines | Poland | Portugal | Qatar | Russia | Rwanda | Saint Lucia | Saint Vincent And The Grenadines | Samoa | São Tomé and Príncipe | Saudi Arabia | Senegal | Serbia | Seychelles | Sierra Leone | Singapore | Slovakia | Slovenia | Solomon Islands | Somalia | South Africa | South Korea | South Sudan | Spain | Sri Lanka | Suriname | Syria | Taiwan | Tajikistan | Tanzania | Togo | Tonga | Trinidad And Tobago | Tunisia | Türkiye | Turkmenistan | Tuvalu | Uganda | Ukraine | United Kingdom | United States | Uruguay | Uzbekistan | Vanuatu | Vatican City | Venezuela | Vietnam | Zambia | Zimbabwe
82%
162 left Albania | Andorra | Angola |Antigua And Barbuda | Argentina | Armenia | Austria | Bahamas | Bahrain | Barbados | Belgium | Belize | Benin | Bhutan | Bolivia | Botswana | Brazil | Brunei | Bulgaria | Burkina Faso | Burundi | Cambodia | Cameroon | Canada | Cape Verde | Chad | Chile | China | Comoros | Costa Rica | Croatia | Cuba | Cyprus | Czech Republic | Denmark | Djibouti | Dominica | Dominican Republic | D.R. Congo | East Timor | Ecuador | Egypt | El Salvador | Equatorial Guinea | Estonia | Ethiopia | F.S. Micronesia | Fiji | Finland | France | Gabon | Gambia | Georgia | Germany | Ghana | Greece | Grenada | Guinea | Guinea-Bissau | Guyana | Haiti | Hungary | Iceland | India | Indonesia | Iraq | Ireland | Israel | Italy | Ivory Coast | Jamaica | Japan | Jordan | Kazakhstan | Kenya | Kiribati | Kosovo | Kuwait | Kyrgyzstan | Laos | Latvia | Lesotho | Libya | Liechtenstein | Luxembourg | Madagascar | Malawi | Malaysia | Maldives | Mali | Malta | Marshall Islands | Mauritius | Mexico | Moldova | Monaco | Mongolia | Montenegro | Morocco | Myanmar | Namibia | Nauru | Nepal | New Zealand | Nicaragua | Niger | Nigeria | North Macedonia | Norway | Oman | Palau | Panama | Paraguay | Peru | Philippines | Poland | Portugal | Qatar | Russia | Rwanda | Saint Lucia | Saint Vincent And The Grenadines | Samoa | São Tomé and Príncipe | Saudi Arabia | Senegal | Serbia | Seychelles | Sierra Leone | Singapore | Slovakia | Slovenia | Somalia | South Africa | South Korea | South Sudan | Spain | Sri Lanka | Suriname | Syria | Taiwan | Tajikistan | Tanzania | Togo | Tonga | Trinidad And Tobago | Tunisia | Türkiye | Turkmenistan | Tuvalu | Uganda | Ukraine | United Kingdom | United States | Uruguay | Uzbekistan | Vanuatu | Vatican City | Venezuela | Vietnam | Zambia | Zimbabwe
80%
161 left Albania | Andorra | Angola |Antigua And Barbuda | Argentina | Armenia | Austria | Bahamas | Bahrain | Barbados | Belgium | Belize | Benin | Bhutan | Bolivia | Botswana | Brazil | Brunei | Bulgaria | Burkina Faso | Burundi | Cambodia | Cameroon | Canada | Cape Verde | Chad | Chile | China | Comoros | Costa Rica | Croatia | Cuba | Cyprus | Czech Republic | Denmark | Djibouti | Dominica | Dominican Republic | D.R. Congo | East Timor | Ecuador | Egypt | El Salvador | Equatorial Guinea | Estonia | Ethiopia | F.S. Micronesia | Fiji | Finland | France | Gabon | Gambia | Georgia | Germany | Ghana | Greece | Grenada | Guinea | Guinea-Bissau | Guyana | Haiti | Iceland | India | Indonesia | Iraq | Ireland | Israel | Italy | Ivory Coast | Jamaica | Japan | Jordan | Kazakhstan | Kenya | Kiribati | Kosovo | Kuwait | Kyrgyzstan | Laos | Latvia | Lesotho | Libya | Liechtenstein | Luxembourg | Madagascar | Malawi | Malaysia | Maldives | Mali | Malta | Marshall Islands | Mauritius | Mexico | Moldova | Monaco | Mongolia | Montenegro | Morocco | Myanmar | Namibia | Nauru | Nepal | New Zealand | Nicaragua | Niger | Nigeria | North Macedonia | Norway | Oman | Palau | Panama | Paraguay | Peru | Philippines | Poland | Portugal | Qatar | Russia | Rwanda | Saint Lucia | Saint Vincent And The Grenadines | Samoa | São Tomé and Príncipe | Saudi Arabia | Senegal | Serbia | Seychelles | Sierra Leone | Singapore | Slovakia | Slovenia | Somalia | South Africa | South Korea | South Sudan | Spain | Sri Lanka | Suriname | Syria | Taiwan | Tajikistan | Tanzania | Togo | Tonga | Trinidad And Tobago | Tunisia | Türkiye | Turkmenistan | Tuvalu | Uganda | Ukraine | United Kingdom | United States | Uruguay | Uzbekistan | Vanuatu | Vatican City | Venezuela | Vietnam | Zambia | Zimbabwe
80%
160 left Albania | Andorra | Angola |Antigua And Barbuda | Argentina | Armenia | Austria | Bahamas | Bahrain | Barbados | Belgium | Belize | Benin | Bhutan | Bolivia | Botswana | Brazil | Brunei | Bulgaria | Burkina Faso | Burundi | Cambodia | Cameroon | Canada | Cape Verde | Chad | Chile | China | Comoros | Costa Rica | Croatia | Cuba | Cyprus | Czech Republic | Denmark | Djibouti | Dominica | Dominican Republic | D.R. Congo | East Timor | Ecuador | Egypt | El Salvador | Equatorial Guinea | Estonia | Ethiopia | F.S. Micronesia | Fiji | Finland | France | Gabon | Gambia | Georgia | Germany | Ghana | Greece | Grenada | Guinea | Guinea-Bissau | Guyana | Haiti | Iceland | India | Indonesia | Iraq | Ireland | Italy | Ivory Coast | Jamaica | Japan | Jordan | Kazakhstan | Kenya | Kiribati | Kosovo | Kuwait | Kyrgyzstan | Laos | Latvia | Lesotho | Libya | Liechtenstein | Luxembourg | Madagascar | Malawi | Malaysia | Maldives | Mali | Malta | Marshall Islands | Mauritius | Mexico | Moldova | Monaco | Mongolia | Montenegro | Morocco | Myanmar | Namibia | Nauru | Nepal | New Zealand | Nicaragua | Niger | Nigeria | North Macedonia | Norway | Oman | Palau | Panama | Paraguay | Peru | Philippines | Poland | Portugal | Qatar | Russia | Rwanda | Saint Lucia | Saint Vincent And The Grenadines | Samoa | São Tomé and Príncipe | Saudi Arabia | Senegal | Serbia | Seychelles | Sierra Leone | Singapore | Slovakia | Slovenia | Somalia | South Africa | South Korea | South Sudan | Spain | Sri Lanka | Suriname | Syria | Taiwan | Tajikistan | Tanzania | Togo | Tonga | Trinidad And Tobago | Tunisia | Türkiye | Turkmenistan | Tuvalu | Uganda | Ukraine | United Kingdom | United States | Uruguay | Uzbekistan | Vanuatu | Vatican City | Venezuela | Vietnam | Zambia | Zimbabwe
80%
158 left Albania | Andorra | Angola |Antigua And Barbuda | Argentina | Armenia | Austria | Bahamas | Bahrain | Barbados | Belgium | Belize | Benin | Bhutan | Bolivia | Botswana | Brazil | Brunei | Bulgaria | Burkina Faso | Burundi | Cambodia | Cameroon | Canada | Cape Verde | Chad | Chile | China | Comoros | Costa Rica | Croatia | Cuba | Cyprus | Czech Republic | Denmark | Djibouti | Dominica | Dominican Republic | D.R. Congo | East Timor | Ecuador | Egypt | El Salvador | Equatorial Guinea | Estonia | Ethiopia | F.S. Micronesia | Fiji | Finland | France | Gabon | Gambia | Georgia | Germany | Ghana | Greece | Grenada | Guinea | Guinea-Bissau | Guyana | Haiti | Iceland | India | Indonesia | Iraq | Ireland | Italy | Ivory Coast | Jamaica | Japan | Jordan | Kenya | Kiribati | Kosovo | Kuwait | Kyrgyzstan | Laos | Latvia | Lesotho | Libya | Liechtenstein | Luxembourg | Madagascar | Malawi | Malaysia | Maldives | Mali | Malta | Marshall Islands | Mauritius | Mexico | Moldova | Monaco | Mongolia | Montenegro | Morocco | Myanmar | Namibia | Nauru | Nepal | New Zealand | Nicaragua | Nigeria | North Macedonia | Norway | Oman | Palau | Panama | Paraguay | Peru | Philippines | Poland | Portugal | Qatar | Russia | Rwanda | Saint Lucia | Saint Vincent And The Grenadines | Samoa | São Tomé and Príncipe | Saudi Arabia | Senegal | Serbia | Seychelles | Sierra Leone | Singapore | Slovakia | Slovenia | Somalia | South Africa | South Korea | South Sudan | Spain | Sri Lanka | Suriname | Syria | Taiwan | Tajikistan | Tanzania | Togo | Tonga | Trinidad And Tobago | Tunisia | Türkiye | Turkmenistan | Tuvalu | Uganda | Ukraine | United Kingdom | United States | Uruguay | Uzbekistan | Vanuatu | Vatican City | Venezuela | Vietnam | Zambia | Zimbabwe
80%
159 left Albania | Andorra | Angola |Antigua And Barbuda | Argentina | Armenia | Austria | Bahamas | Bahrain | Barbados | Belgium | Belize | Benin | Bhutan | Bolivia | Botswana | Brazil | Brunei | Bulgaria | Burkina Faso | Burundi | Cambodia | Cameroon | Canada | Cape Verde | Chad | Chile | China | Comoros | Costa Rica | Croatia | Cuba | Cyprus | Czech Republic | Denmark | Djibouti | Dominica | Dominican Republic | D.R. Congo | East Timor | Ecuador | Egypt | El Salvador | Equatorial Guinea | Estonia | Ethiopia | F.S. Micronesia | Fiji | Finland | France | Gabon | Gambia | Georgia | Germany | Ghana | Greece | Grenada | Guinea | Guinea-Bissau | Guyana | Haiti | Iceland | India | Indonesia | Iraq | Ireland | Italy | Ivory Coast | Jamaica | Japan | Jordan | Kenya | Kiribati | Kosovo | Kuwait | Kyrgyzstan | Laos | Latvia | Lesotho | Libya | Liechtenstein | Luxembourg | Madagascar | Malawi | Malaysia | Maldives | Mali | Malta | Marshall Islands | Mauritius | Mexico | Moldova | Monaco | Mongolia | Montenegro | Morocco | Myanmar | Namibia | Nauru | Nepal | New Zealand | Nicaragua | Niger | Nigeria | North Macedonia | Norway | Oman | Palau | Panama | Paraguay | Peru | Philippines | Poland | Portugal | Qatar | Russia | Rwanda | Saint Lucia | Saint Vincent And The Grenadines | Samoa | São Tomé and Príncipe | Saudi Arabia | Senegal | Serbia | Seychelles | Sierra Leone | Singapore | Slovakia | Slovenia | Somalia | South Africa | South Korea | South Sudan | Spain | Sri Lanka | Suriname | Syria | Taiwan | Tajikistan | Tanzania | Togo | Tonga | Trinidad And Tobago | Tunisia | Türkiye | Turkmenistan | Tuvalu | Uganda | Ukraine | United Kingdom | United States | Uruguay | Uzbekistan | Vanuatu | Vatican City | Venezuela | Vietnam | Zambia | Zimbabwe
80%
157 left Albania | Andorra | Angola |Antigua And Barbuda | Argentina | Armenia | Austria | Bahamas | Bahrain | Barbados | Belgium | Belize | Benin | Bhutan | Bolivia | Botswana | Brazil | Brunei | Bulgaria | Burkina Faso | Burundi | Cambodia | Cameroon | Canada | Cape Verde | Chad | Chile | China | Comoros | Costa Rica | Croatia | Cuba | Cyprus | Czech Republic | Denmark | Djibouti | Dominica | Dominican Republic | D.R. Congo | East Timor | Ecuador | Egypt | El Salvador | Equatorial Guinea | Estonia | Ethiopia | F.S. Micronesia | Fiji | Finland | France | Gabon | Gambia | Georgia | Germany | Ghana | Greece | Grenada | Guinea | Guinea-Bissau | Guyana | Haiti | Iceland | India | Indonesia | Iraq | Ireland | Italy | Ivory Coast | Jamaica | Japan | Jordan | Kenya | Kiribati | Kosovo | Kuwait | Kyrgyzstan | Laos | Latvia | Lesotho | Libya | Liechtenstein | Luxembourg | Madagascar | Malawi | Malaysia | Maldives | Mali | Malta | Marshall Islands | Mauritius | Mexico | Moldova | Monaco | Mongolia | Morocco | Myanmar | Namibia | Nauru | Nepal | New Zealand | Nicaragua | Nigeria | North Macedonia | Norway | Oman | Palau | Panama | Paraguay | Peru | Philippines | Poland | Portugal | Qatar | Russia | Rwanda | Saint Lucia | Saint Vincent And The Grenadines | Samoa | São Tomé and Príncipe | Saudi Arabia | Senegal | Serbia | Seychelles | Sierra Leone | Singapore | Slovakia | Slovenia | Somalia | South Africa | South Korea | South Sudan | Spain | Sri Lanka | Suriname | Syria | Taiwan | Tajikistan | Tanzania | Togo | Tonga | Trinidad And Tobago | Tunisia | Türkiye | Turkmenistan | Tuvalu | Uganda | Ukraine | United Kingdom | United States | Uruguay | Uzbekistan | Vanuatu | Vatican City | Venezuela | Vietnam | Zambia | Zimbabwe
78%
156 left Albania | Andorra | Angola |Antigua And Barbuda | Argentina | Armenia | Austria | Bahamas | Bahrain | Barbados | Belgium | Belize | Benin | Bhutan | Bolivia | Botswana | Brazil | Brunei | Bulgaria | Burkina Faso | Burundi | Cambodia | Cameroon | Canada | Cape Verde | Chad | Chile | China | Comoros | Costa Rica | Croatia | Cuba | Cyprus | Czech Republic | Denmark | Djibouti | Dominica | Dominican Republic | D.R. Congo | East Timor | Ecuador | Egypt | El Salvador | Equatorial Guinea | Estonia | Ethiopia | F.S. Micronesia | Fiji | Finland | France | Gabon | Gambia | Georgia | Germany | Ghana | Greece | Grenada | Guinea | Guinea-Bissau | Guyana | Haiti | Iceland | India | Indonesia | Iraq | Ireland | Italy | Ivory Coast | Jamaica | Japan | Jordan | Kenya | Kiribati | Kosovo | Kuwait | Kyrgyzstan | Laos | Latvia | Lesotho | Libya | Liechtenstein | Luxembourg | Madagascar | Malawi | Malaysia | Maldives | Mali | Malta | Marshall Islands | Mauritius | Mexico | Moldova | Monaco | Mongolia | Morocco | Myanmar | Namibia | Nauru | Nepal | New Zealand | Nicaragua | Nigeria | North Macedonia | Norway | Oman | Palau | Panama | Paraguay | Peru | Philippines | Poland | Portugal | Qatar | Russia | Rwanda | Saint Lucia | Saint Vincent And The Grenadines | Samoa | São Tomé and Príncipe | Saudi Arabia | Senegal | Serbia | Seychelles | Sierra Leone | Singapore | Slovakia | Slovenia | Somalia | South Korea | South Sudan | Spain | Sri Lanka | Suriname | Syria | Taiwan | Tajikistan | Tanzania | Togo | Tonga | Trinidad And Tobago | Tunisia | Türkiye | Turkmenistan | Tuvalu | Uganda | Ukraine | United Kingdom | United States | Uruguay | Uzbekistan | Vanuatu | Vatican City | Venezuela | Vietnam | Zambia | Zimbabwe
76%
155 left Albania | Andorra | Angola |Antigua And Barbuda | Argentina | Armenia | Austria | Bahamas | Bahrain | Barbados | Belgium | Belize | Benin | Bhutan | Bolivia | Botswana | Brazil | Brunei | Bulgaria | Burkina Faso | Burundi | Cambodia | Cameroon | Canada | Cape Verde | Chad | Chile | China | Comoros | Costa Rica | Croatia | Cuba | Cyprus | Czech Republic | Denmark | Djibouti | Dominica | Dominican Republic | D.R. Congo | East Timor | Ecuador | Egypt | El Salvador | Equatorial Guinea | Estonia | Ethiopia | F.S. Micronesia | Fiji | Finland | France | Gabon | Gambia | Georgia | Germany | Ghana | Greece | Grenada | Guinea | Guinea-Bissau | Guyana | Haiti | Iceland | India | Indonesia | Iraq | Ireland | Italy | Ivory Coast | Jamaica | Japan | Jordan | Kenya | Kosovo | Kuwait | Kyrgyzstan | Laos | Latvia | Lesotho | Libya | Liechtenstein | Luxembourg | Madagascar | Malawi | Malaysia | Maldives | Mali | Malta | Marshall Islands | Mauritius | Mexico | Moldova | Monaco | Mongolia | Morocco | Myanmar | Namibia | Nauru | Nepal | New Zealand | Nicaragua | Nigeria | North Macedonia | Norway | Oman | Palau | Panama | Paraguay | Peru | Philippines | Poland | Portugal | Qatar | Russia | Rwanda | Saint Lucia | Saint Vincent And The Grenadines | Samoa | São Tomé and Príncipe | Saudi Arabia | Senegal | Serbia | Seychelles | Sierra Leone | Singapore | Slovakia | Slovenia | Somalia | South Korea | South Sudan | Spain | Sri Lanka | Suriname | Syria | Taiwan | Tajikistan | Tanzania | Togo | Tonga | Trinidad And Tobago | Tunisia | Türkiye | Turkmenistan | Tuvalu | Uganda | Ukraine | United Kingdom | United States | Uruguay | Uzbekistan | Vanuatu | Vatican City | Venezuela | Vietnam | Zambia | Zimbabwe
76%
154 left Albania | Andorra | Angola |Antigua And Barbuda | Argentina | Armenia | Austria | Bahamas | Bahrain | Barbados | Belgium | Belize | Benin | Bhutan | Bolivia | Botswana | Brazil | Brunei | Bulgaria | Burkina Faso | Burundi | Cambodia | Cameroon | Canada | Cape Verde | Chad | Chile | China | Comoros | Costa Rica | Croatia | Cuba | Cyprus | Czech Republic | Denmark | Djibouti | Dominica | Dominican Republic | D.R. Congo | East Timor | Ecuador | Egypt | El Salvador | Equatorial Guinea | Estonia | Ethiopia | F.S. Micronesia | Fiji | Finland | France | Gabon | Gambia | Georgia | Germany | Ghana | Greece | Grenada | Guinea | Guinea-Bissau | Guyana | Haiti | Iceland | India | Indonesia | Iraq | Ireland | Italy | Ivory Coast | Jamaica | Japan | Jordan | Kenya | Kosovo | Kuwait | Kyrgyzstan | Laos | Latvia | Lesotho | Libya | Liechtenstein | Luxembourg | Madagascar | Malawi | Malaysia | Maldives | Mali | Malta | Marshall Islands | Mauritius | Mexico | Moldova | Monaco | Mongolia | Morocco | Myanmar | Namibia | Nauru | Nepal | New Zealand | Nicaragua | Nigeria | North Macedonia | Norway | Oman | Palau | Panama | Paraguay | Peru | Philippines | Poland | Portugal | Qatar | Russia | Rwanda | Saint Lucia | Samoa | São Tomé and Príncipe | Saudi Arabia | Senegal | Serbia | Seychelles | Sierra Leone | Singapore | Slovakia | Slovenia | Somalia | South Korea | South Sudan | Spain | Sri Lanka | Suriname | Syria | Taiwan | Tajikistan | Tanzania | Togo | Tonga | Trinidad And Tobago | Tunisia | Türkiye | Turkmenistan | Tuvalu | Uganda | Ukraine | United Kingdom | United States | Uruguay | Uzbekistan | Vanuatu | Vatican City | Venezuela | Vietnam | Zambia | Zimbabwe
76%
153 left Albania | Andorra | Angola |Antigua And Barbuda | Argentina | Armenia | Austria | Bahamas | Bahrain | Barbados | Belgium | Belize | Benin | Bhutan | Bolivia | Botswana | Brazil | Brunei | Bulgaria | Burkina Faso | Burundi | Cambodia | Cameroon | Canada | Cape Verde | Chad | Chile | China | Comoros | Costa Rica | Croatia | Cuba | Cyprus | Czech Republic | Denmark | Djibouti | Dominica | Dominican Republic | D.R. Congo | East Timor | Ecuador | Egypt | El Salvador | Equatorial Guinea | Estonia | Ethiopia | F.S. Micronesia | Fiji | Finland | France | Gabon | Gambia | Georgia | Germany | Ghana | Greece | Grenada | Guinea | Guinea-Bissau | Guyana | Haiti | Iceland | India | Indonesia | Iraq | Ireland | Italy | Ivory Coast | Jamaica | Japan | Jordan | Kenya | Kosovo | Kuwait | Kyrgyzstan | Laos | Latvia | Lesotho | Libya | Liechtenstein | Luxembourg | Madagascar | Malawi | Malaysia | Maldives | Mali | Malta | Marshall Islands | Mauritius | Mexico | Moldova | Monaco | Mongolia | Morocco | Myanmar | Namibia | Nauru | Nepal | New Zealand | Nicaragua | Nigeria | North Macedonia | Norway | Oman | Palau | Panama | Paraguay | Peru | Philippines | Poland | Portugal | Qatar | Russia | Rwanda | Saint Lucia | Samoa | São Tomé and Príncipe | Saudi Arabia | Senegal | Serbia | Seychelles | Singapore | Slovakia | Slovenia | Somalia | South Korea | South Sudan | Spain | Sri Lanka | Suriname | Syria | Taiwan | Tajikistan | Tanzania | Togo | Tonga | Trinidad And Tobago | Tunisia | Türkiye | Turkmenistan | Tuvalu | Uganda | Ukraine | United Kingdom | United States | Uruguay | Uzbekistan | Vanuatu | Vatican City | Venezuela | Vietnam | Zambia | Zimbabwe
76%
152 left Albania | Andorra | Angola |Antigua And Barbuda | Argentina | Armenia | Austria | Bahamas | Bahrain | Barbados | Belgium | Belize | Benin | Bhutan | Bolivia | Botswana | Brazil | Brunei | Bulgaria | Burkina Faso | Burundi | Cambodia | Cameroon | Canada | Cape Verde | Chad | Chile | China | Comoros | Costa Rica | Croatia | Cuba | Cyprus | Czech Republic | Denmark | Djibouti | Dominica | Dominican Republic | D.R. Congo | East Timor | Ecuador | Egypt | El Salvador | Equatorial Guinea | Estonia | Ethiopia | F.S. Micronesia | Fiji | Finland | France | Gabon | Gambia | Georgia | Germany | Ghana | Greece | Grenada | Guinea | Guinea-Bissau | Guyana | Haiti | Iceland | India | Indonesia | Iraq | Ireland | Italy | Ivory Coast | Jamaica | Japan | Jordan | Kenya | Kosovo | Kuwait | Kyrgyzstan | Laos | Latvia | Lesotho | Libya | Liechtenstein | Luxembourg | Madagascar | Malawi | Malaysia | Maldives | Mali | Malta | Marshall Islands | Mauritius | Mexico | Moldova | Monaco | Mongolia | Morocco | Myanmar | Namibia | Nauru | Nepal | New Zealand | Nicaragua | Nigeria | North Macedonia | Norway | Oman | Palau | Paraguay | Peru | Philippines | Poland | Portugal | Qatar | Russia | Rwanda | Saint Lucia | Samoa | São Tomé and Príncipe | Saudi Arabia | Senegal | Serbia | Seychelles | Singapore | Slovakia | Slovenia | Somalia | South Korea | South Sudan | Spain | Sri Lanka | Suriname | Syria | Taiwan | Tajikistan | Tanzania | Togo | Tonga | Trinidad And Tobago | Tunisia | Türkiye | Turkmenistan | Tuvalu | Uganda | Ukraine | United Kingdom | United States | Uruguay | Uzbekistan | Vanuatu | Vatican City | Venezuela | Vietnam | Zambia | Zimbabwe
75%
151 left Albania | Andorra | Angola |Antigua And Barbuda | Argentina | Armenia | Austria | Bahamas | Barbados | Belgium | Belize | Benin | Bhutan | Bolivia | Botswana | Brazil | Brunei | Bulgaria | Burkina Faso | Burundi | Cambodia | Cameroon | Canada | Cape Verde | Chad | Chile | China | Comoros | Costa Rica | Croatia | Cuba | Cyprus | Czech Republic | Denmark | Djibouti | Dominica | Dominican Republic | D.R. Congo | East Timor | Ecuador | Egypt | El Salvador | Equatorial Guinea | Estonia | Ethiopia | F.S. Micronesia | Fiji | Finland | France | Gabon | Gambia | Georgia | Germany | Ghana | Greece | Grenada | Guinea | Guinea-Bissau | Guyana | Haiti | Iceland | India | Indonesia | Iraq | Ireland | Italy | Ivory Coast | Jamaica | Japan | Jordan | Kenya | Kosovo | Kuwait | Kyrgyzstan | Laos | Latvia | Lesotho | Libya | Liechtenstein | Luxembourg | Madagascar | Malawi | Malaysia | Maldives | Mali | Malta | Marshall Islands | Mauritius | Mexico | Moldova | Monaco | Mongolia | Morocco | Myanmar | Namibia | Nauru | Nepal | New Zealand | Nicaragua | Nigeria | North Macedonia | Norway | Oman | Palau | Paraguay | Peru | Philippines | Poland | Portugal | Qatar | Russia | Rwanda | Saint Lucia | Samoa | São Tomé and Príncipe | Saudi Arabia | Senegal | Serbia | Seychelles | Singapore | Slovakia | Slovenia | Somalia | South Korea | South Sudan | Spain | Sri Lanka | Suriname | Syria | Taiwan | Tajikistan | Tanzania | Togo | Tonga | Trinidad And Tobago | Tunisia | Türkiye | Turkmenistan | Tuvalu | Uganda | Ukraine | United Kingdom | United States | Uruguay | Uzbekistan | Vanuatu | Vatican City | Venezuela | Vietnam | Zambia | Zimbabwe
73%
150 left Albania | Andorra | Angola |Antigua And Barbuda | Argentina | Armenia | Austria | Bahamas | Barbados | Belgium | Belize | Benin | Bhutan | Bolivia | Botswana | Brazil | Brunei | Bulgaria | Burkina Faso | Burundi | Cambodia | Cameroon | Canada | Cape Verde | Chad | Chile | China | Comoros | Costa Rica | Croatia | Cuba | Cyprus | Czech Republic | Denmark | Djibouti | Dominica | Dominican Republic | D.R. Congo | East Timor | Ecuador | Egypt | El Salvador | Equatorial Guinea | Estonia | Ethiopia | F.S. Micronesia | Fiji | Finland | France | Gabon | Gambia | Georgia | Germany | Ghana | Greece | Grenada | Guinea | Guinea-Bissau | Guyana | Haiti | Iceland | India | Indonesia | Iraq | Ireland | Ivory Coast | Jamaica | Japan | Jordan | Kenya | Kosovo | Kuwait | Kyrgyzstan | Laos | Latvia | Lesotho | Libya | Liechtenstein | Luxembourg | Madagascar | Malawi | Malaysia | Maldives | Mali | Malta | Marshall Islands | Mauritius | Mexico | Moldova | Monaco | Mongolia | Morocco | Myanmar | Namibia | Nauru | Nepal | New Zealand | Nicaragua | Nigeria | North Macedonia | Norway | Oman | Palau | Paraguay | Peru | Philippines | Poland | Portugal | Qatar | Russia | Rwanda | Saint Lucia | Samoa | São Tomé and Príncipe | Saudi Arabia | Senegal | Serbia | Seychelles | Singapore | Slovakia | Slovenia | Somalia | South Korea | South Sudan | Spain | Sri Lanka | Suriname | Syria | Taiwan | Tajikistan | Tanzania | Togo | Tonga | Trinidad And Tobago | Tunisia | Türkiye | Turkmenistan | Tuvalu | Uganda | Ukraine | United Kingdom | United States | Uruguay | Uzbekistan | Vanuatu | Vatican City | Venezuela | Vietnam | Zambia | Zimbabwe
71%
149 left Albania | Andorra | Angola |Antigua And Barbuda | Argentina | Armenia | Austria | Bahamas | Barbados | Belgium | Belize | Benin | Bhutan | Bolivia | Botswana | Brazil | Brunei | Bulgaria | Burkina Faso | Burundi | Cambodia | Cameroon | Canada | Cape Verde | Chad | Chile | China | Comoros | Costa Rica | Croatia | Cuba | Cyprus | Czech Republic | Denmark | Djibouti | Dominica | Dominican Republic | D.R. Congo | East Timor | Ecuador | Egypt | El Salvador | Equatorial Guinea | Estonia | Ethiopia | F.S. Micronesia | Fiji | Finland | France | Gabon | Gambia | Georgia | Germany | Ghana | Greece | Grenada | Guinea | Guinea-Bissau | Guyana | Haiti | Iceland | India | Indonesia | Iraq | Ireland | Ivory Coast | Jamaica | Japan | Jordan | Kenya | Kosovo | Kuwait | Kyrgyzstan | Laos | Latvia | Lesotho | Libya | Liechtenstein | Luxembourg | Madagascar | Malawi | Malaysia | Maldives | Mali | Malta | Marshall Islands | Mauritius | Mexico | Moldova | Monaco | Mongolia | Morocco | Myanmar | Namibia | Nauru | Nepal | New Zealand | Nicaragua | Nigeria | North Macedonia | Norway | Oman | Palau | Paraguay | Peru | Philippines | Poland | Portugal | Qatar | Russia | Rwanda | Saint Lucia | Samoa | São Tomé and Príncipe | Saudi Arabia | Senegal | Serbia | Seychelles | Singapore | Slovakia | Slovenia | Somalia | South Korea | South Sudan | Spain | Sri Lanka | Suriname | Syria | Taiwan | Tajikistan | Tanzania | Togo | Tonga | Trinidad And Tobago | Tunisia | Türkiye | Turkmenistan | Tuvalu | Uganda | Ukraine | United Kingdom | United States | Uzbekistan | Vanuatu | Vatican City | Venezuela | Vietnam | Zambia | Zimbabwe
71%
148 left Albania | Andorra | Angola |Antigua And Barbuda | Argentina | Armenia | Austria | Bahamas | Barbados | Belgium | Belize | Benin | Bhutan | Bolivia | Botswana | Brazil | Brunei | Bulgaria | Burkina Faso | Burundi | Cambodia | Cameroon | Canada | Cape Verde | Chad | Chile | China | Comoros | Costa Rica | Croatia | Cuba | Cyprus | Czech Republic | Denmark | Djibouti | Dominica | Dominican Republic | D.R. Congo | East Timor | Ecuador | Egypt | El Salvador | Equatorial Guinea | Estonia | Ethiopia | F.S. Micronesia | Fiji | Finland | France | Gabon | Gambia | Georgia | Germany | Ghana | Greece | Grenada | Guinea | Guinea-Bissau | Guyana | Haiti | India | Indonesia | Iraq | Ireland | Ivory Coast | Jamaica | Japan | Jordan | Kenya | Kosovo | Kuwait | Kyrgyzstan | Laos | Latvia | Lesotho | Libya | Liechtenstein | Luxembourg | Madagascar | Malawi | Malaysia | Maldives | Mali | Malta | Marshall Islands | Mauritius | Mexico | Moldova | Monaco | Mongolia | Morocco | Myanmar | Namibia | Nauru | Nepal | New Zealand | Nicaragua | Nigeria | North Macedonia | Norway | Oman | Palau | Paraguay | Peru | Philippines | Poland | Portugal | Qatar | Russia | Rwanda | Saint Lucia | Samoa | São Tomé and Príncipe | Saudi Arabia | Senegal | Serbia | Seychelles | Singapore | Slovakia | Slovenia | Somalia | South Korea | South Sudan | Spain | Sri Lanka | Suriname | Syria | Taiwan | Tajikistan | Tanzania | Togo | Tonga | Trinidad And Tobago | Tunisia | Türkiye | Turkmenistan | Tuvalu | Uganda | Ukraine | United Kingdom | United States | Uzbekistan | Vanuatu | Vatican City | Venezuela | Vietnam | Zambia | Zimbabwe
71%
147 left Albania | Andorra | Angola |Antigua And Barbuda | Argentina | Armenia | Austria | Bahamas | Barbados | Belgium | Belize | Benin | Bhutan | Bolivia | Botswana | Brazil | Brunei | Bulgaria | Burkina Faso | Burundi | Cambodia | Cameroon | Canada | Cape Verde | Chad | Chile | China | Comoros | Costa Rica | Croatia | Cuba | Cyprus | Czech Republic | Denmark | Djibouti | Dominica | Dominican Republic | D.R. Congo | East Timor | Ecuador | Egypt | El Salvador | Equatorial Guinea | Estonia | Ethiopia | F.S. Micronesia | Finland | France | Gabon | Gambia | Georgia | Germany | Ghana | Greece | Grenada | Guinea | Guinea-Bissau | Guyana | Haiti | India | Indonesia | Iraq | Ireland | Ivory Coast | Jamaica | Japan | Jordan | Kenya | Kosovo | Kuwait | Kyrgyzstan | Laos | Latvia | Lesotho | Libya | Liechtenstein | Luxembourg | Madagascar | Malawi | Malaysia | Maldives | Mali | Malta | Marshall Islands | Mauritius | Mexico | Moldova | Monaco | Mongolia | Morocco | Myanmar | Namibia | Nauru | Nepal | New Zealand | Nicaragua | Nigeria | North Macedonia | Norway | Oman | Palau | Paraguay | Peru | Philippines | Poland | Portugal | Qatar | Russia | Rwanda | Saint Lucia | Samoa | São Tomé and Príncipe | Saudi Arabia | Senegal | Serbia | Seychelles | Singapore | Slovakia | Slovenia | Somalia | South Korea | South Sudan | Spain | Sri Lanka | Suriname | Syria | Taiwan | Tajikistan | Tanzania | Togo | Tonga | Trinidad And Tobago | Tunisia | Türkiye | Turkmenistan | Tuvalu | Uganda | Ukraine | United Kingdom | United States | Uzbekistan | Vanuatu | Vatican City | Venezuela | Vietnam | Zambia | Zimbabwe
71%
146 left Albania | Andorra | Angola |Antigua And Barbuda | Argentina | Armenia | Austria | Bahamas | Barbados | Belgium | Belize | Benin | Bhutan | Bolivia | Botswana | Brazil | Brunei | Bulgaria | Burkina Faso | Burundi | Cambodia | Cameroon | Canada | Cape Verde | Chad | Chile | China | Comoros | Costa Rica | Croatia | Cuba | Cyprus | Czech Republic | Denmark | Djibouti | Dominica | Dominican Republic | D.R. Congo | East Timor | Ecuador | Egypt | El Salvador | Equatorial Guinea | Estonia | Ethiopia | F.S. Micronesia | Finland | France | Gabon | Gambia | Georgia | Germany | Ghana | Greece | Grenada | Guinea | Guinea-Bissau | Guyana | Haiti | India | Indonesia | Iraq | Ireland | Ivory Coast | Jamaica | Japan | Jordan | Kenya | Kosovo | Kuwait | Kyrgyzstan | Laos | Latvia | Lesotho | Libya | Liechtenstein | Luxembourg | Madagascar | Malawi | Malaysia | Maldives | Mali | Malta | Marshall Islands | Mauritius | Mexico | Moldova | Monaco | Mongolia | Morocco | Myanmar | Namibia | Nauru | Nepal | New Zealand | Nicaragua | Nigeria | North Macedonia | Norway | Oman | Palau | Paraguay | Peru | Philippines | Poland | Portugal | Qatar | Rwanda | Saint Lucia | Samoa | São Tomé and Príncipe | Saudi Arabia | Senegal | Serbia | Seychelles | Singapore | Slovakia | Slovenia | Somalia | South Korea | South Sudan | Spain | Sri Lanka | Suriname | Syria | Taiwan | Tajikistan | Tanzania | Togo | Tonga | Trinidad And Tobago | Tunisia | Türkiye | Turkmenistan | Tuvalu | Uganda | Ukraine | United Kingdom | United States | Uzbekistan | Vanuatu | Vatican City | Venezuela | Vietnam | Zambia | Zimbabwe
71%
145 left Albania | Andorra | Angola |Antigua And Barbuda | Argentina | Armenia | Austria | Bahamas | Barbados | Belgium | Belize | Benin | Bhutan | Bolivia | Botswana | Brazil | Brunei | Bulgaria | Burkina Faso | Burundi | Cambodia | Cameroon | Canada | Cape Verde | Chad | Chile | China | Comoros | Costa Rica | Croatia | Cuba | Cyprus | Czech Republic | Denmark | Djibouti | Dominica | Dominican Republic | D.R. Congo | East Timor | Ecuador | Egypt | El Salvador | Equatorial Guinea | Estonia | Ethiopia | F.S. Micronesia | Finland | France | Gabon | Gambia | Georgia | Germany | Ghana | Greece | Grenada | Guinea | Guinea-Bissau | Guyana | Haiti | India | Indonesia | Iraq | Ireland | Ivory Coast | Jamaica | Japan | Jordan | Kenya | Kosovo | Kuwait | Kyrgyzstan | Laos | Latvia | Lesotho | Libya | Liechtenstein | Luxembourg | Madagascar | Malawi | Malaysia | Maldives | Mali | Malta | Marshall Islands | Mauritius | Mexico | Moldova | Monaco | Mongolia | Morocco | Myanmar | Namibia | Nauru | Nepal | New Zealand | Nicaragua | Nigeria | North Macedonia | Norway | Oman | Palau | Paraguay | Peru | Philippines | Poland | Portugal | Qatar | Rwanda | Saint Lucia | Samoa | São Tomé and Príncipe | Saudi Arabia | Senegal | Serbia | Seychelles | Singapore | Slovakia | Slovenia | Somalia | South Korea | South Sudan | Spain | Sri Lanka | Suriname | Syria | Taiwan | Tajikistan | Tanzania | Togo | Tonga | Trinidad And Tobago | Tunisia | Türkiye | Turkmenistan | Tuvalu | Uganda | Ukraine | United States | Uzbekistan | Vanuatu | Vatican City | Venezuela | Vietnam | Zambia | Zimbabwe
71%
144 left Albania | Andorra | Angola |Antigua And Barbuda | Argentina | Armenia | Austria | Bahamas | Barbados | Belgium | Belize | Benin | Bhutan | Bolivia | Botswana | Brazil | Brunei | Bulgaria | Burkina Faso | Burundi | Cambodia | Cameroon | Canada | Cape Verde | Chad | Chile | China | Comoros | Costa Rica | Croatia | Cuba | Cyprus | Czech Republic | Denmark | Djibouti | Dominica | Dominican Republic | D.R. Congo | East Timor | Ecuador | Egypt | El Salvador | Equatorial Guinea | Estonia | Ethiopia | F.S. Micronesia | Finland | France | Gabon | Gambia | Georgia | Germany | Ghana | Greece | Grenada | Guinea | Guinea-Bissau | Guyana | Haiti | India | Indonesia | Iraq | Ireland | Ivory Coast | Jamaica | Japan | Jordan | Kenya | Kosovo | Kuwait | Kyrgyzstan | Laos | Latvia | Lesotho | Libya | Liechtenstein | Luxembourg | Madagascar | Malawi | Malaysia | Maldives | Mali | Malta | Marshall Islands | Mauritius | Mexico | Monaco | Mongolia | Morocco | Myanmar | Namibia | Nauru | Nepal | New Zealand | Nicaragua | Nigeria | North Macedonia | Norway | Oman | Palau | Paraguay | Peru | Philippines | Poland | Portugal | Qatar | Rwanda | Saint Lucia | Samoa | São Tomé and Príncipe | Saudi Arabia | Senegal | Serbia | Seychelles | Singapore | Slovakia | Slovenia | Somalia | South Korea | South Sudan | Spain | Sri Lanka | Suriname | Syria | Taiwan | Tajikistan | Tanzania | Togo | Tonga | Trinidad And Tobago | Tunisia | Türkiye | Turkmenistan | Tuvalu | Uganda | Ukraine | United States | Uzbekistan | Vanuatu | Vatican City | Venezuela | Vietnam | Zambia | Zimbabwe
71%
143 left Albania | Andorra | Angola |Antigua And Barbuda | Argentina | Armenia | Austria | Bahamas | Barbados | Belgium | Belize | Benin | Bhutan | Bolivia | Botswana | Brazil | Brunei | Bulgaria | Burkina Faso | Burundi | Cambodia | Cameroon | Canada | Cape Verde | Chad | Chile | China | Comoros | Costa Rica | Croatia | Cuba | Cyprus | Czech Republic | Denmark | Djibouti | Dominica | Dominican Republic | D.R. Congo | East Timor | Ecuador | Egypt | El Salvador | Equatorial Guinea | Estonia | Ethiopia | F.S. Micronesia | Finland | France | Gabon | Gambia | Georgia | Germany | Ghana | Greece | Grenada | Guinea | Guinea-Bissau | Guyana | Haiti | India | Indonesia | Iraq | Ireland | Ivory Coast | Jamaica | Japan | Jordan | Kenya | Kosovo | Kuwait | Kyrgyzstan | Laos | Latvia | Lesotho | Libya | Liechtenstein | Luxembourg | Madagascar | Malawi | Malaysia | Maldives | Mali | Malta | Marshall Islands | Mauritius | Mexico | Monaco | Mongolia | Morocco | Myanmar | Namibia | Nauru | Nepal | New Zealand | Nicaragua | Nigeria | North Macedonia | Norway | Oman | Palau | Paraguay | Peru | Philippines | Poland | Portugal | Qatar | Rwanda | Saint Lucia | Samoa | São Tomé and Príncipe | Saudi Arabia | Senegal | Seychelles | Singapore | Slovakia | Slovenia | Somalia | South Korea | South Sudan | Spain | Sri Lanka | Suriname | Syria | Taiwan | Tajikistan | Tanzania | Togo | Tonga | Trinidad And Tobago | Tunisia | Türkiye | Turkmenistan | Tuvalu | Uganda | Ukraine | United States | Uzbekistan | Vanuatu | Vatican City | Venezuela | Vietnam | Zambia | Zimbabwe
71%
142 left Albania | Andorra | Angola |Antigua And Barbuda | Argentina | Armenia | Austria | Bahamas | Barbados | Belgium | Belize | Benin | Bhutan | Bolivia | Botswana | Brazil | Brunei | Bulgaria | Burkina Faso | Burundi | Cambodia | Cameroon | Canada | Cape Verde | Chad | Chile | China | Comoros | Costa Rica | Croatia | Cuba | Cyprus | Czech Republic | Denmark | Djibouti | Dominica | Dominican Republic | D.R. Congo | East Timor | Ecuador | Egypt | El Salvador | Equatorial Guinea | Estonia | Ethiopia | F.S. Micronesia | Finland | France | Gabon | Gambia | Georgia | Germany | Ghana | Greece | Grenada | Guinea | Guinea-Bissau | Guyana | Haiti | India | Indonesia | Iraq | Ireland | Ivory Coast | Jamaica | Jordan | Kenya | Kosovo | Kuwait | Kyrgyzstan | Laos | Latvia | Lesotho | Libya | Liechtenstein | Luxembourg | Madagascar | Malawi | Malaysia | Maldives | Mali | Malta | Marshall Islands | Mauritius | Mexico | Monaco | Mongolia | Morocco | Myanmar | Namibia | Nauru | Nepal | New Zealand | Nicaragua | Nigeria | North Macedonia | Norway | Oman | Palau | Paraguay | Peru | Philippines | Poland | Portugal | Qatar | Rwanda | Saint Lucia | Samoa | São Tomé and Príncipe | Saudi Arabia | Senegal | Seychelles | Singapore | Slovakia | Slovenia | Somalia | South Korea | South Sudan | Spain | Sri Lanka | Suriname | Syria | Taiwan | Tajikistan | Tanzania | Togo | Tonga | Trinidad And Tobago | Tunisia | Türkiye | Turkmenistan | Tuvalu | Uganda | Ukraine | United States | Uzbekistan | Vanuatu | Vatican City | Venezuela | Vietnam | Zambia | Zimbabwe
71%
141 left Albania | Andorra | Angola |Antigua And Barbuda | Argentina | Armenia | Austria | Bahamas | Barbados | Belgium | Belize | Benin | Bhutan | Bolivia | Botswana | Brazil | Brunei | Bulgaria | Burkina Faso | Burundi | Cambodia | Cameroon | Canada | Cape Verde | Chad | Chile | China | Comoros | Costa Rica | Croatia | Cuba | Cyprus | Czech Republic | Denmark | Djibouti | Dominica | Dominican Republic | D.R. Congo | East Timor | Ecuador | Egypt | El Salvador | Equatorial Guinea | Estonia | Ethiopia | F.S. Micronesia | Finland | France | Gabon | Gambia | Georgia | Germany | Ghana | Greece | Grenada | Guinea | Guinea-Bissau | Guyana | Haiti | India | Indonesia | Iraq | Ireland | Ivory Coast | Jamaica | Jordan | Kenya | Kosovo | Kuwait | Kyrgyzstan | Laos | Latvia | Lesotho | Libya | Luxembourg | Madagascar | Malawi | Malaysia | Maldives | Mali | Malta | Marshall Islands | Mauritius | Mexico | Monaco | Mongolia | Morocco | Myanmar | Namibia | Nauru | Nepal | New Zealand | Nicaragua | Nigeria | North Macedonia | Norway | Oman | Palau | Paraguay | Peru | Philippines | Poland | Portugal | Qatar | Rwanda | Saint Lucia | Samoa | São Tomé and Príncipe | Saudi Arabia | Senegal | Seychelles | Singapore | Slovakia | Slovenia | Somalia | South Korea | South Sudan | Spain | Sri Lanka | Suriname | Syria | Taiwan | Tajikistan | Tanzania | Togo | Tonga | Trinidad And Tobago | Tunisia | Türkiye | Turkmenistan | Tuvalu | Uganda | Ukraine | United States | Uzbekistan | Vanuatu | Vatican City | Venezuela | Vietnam | Zambia | Zimbabwe
69%
140 left Albania | Andorra | Angola |Antigua And Barbuda | Argentina | Armenia | Austria | Bahamas | Barbados | Belgium | Belize | Benin | Bhutan | Bolivia | Botswana | Brazil | Brunei | Bulgaria | Burkina Faso | Burundi | Cambodia | Cameroon | Canada | Cape Verde | Chad | Chile | China | Comoros | Costa Rica | Croatia | Cuba | Cyprus | Czech Republic | Denmark | Djibouti | Dominica | Dominican Republic | D.R. Congo | East Timor | Ecuador | Egypt | El Salvador | Equatorial Guinea | Estonia | Ethiopia | F.S. Micronesia | Finland | France | Gabon | Gambia | Georgia | Germany | Ghana | Greece | Grenada | Guinea | Guinea-Bissau | Guyana | Haiti | India | Indonesia | Iraq | Ireland | Ivory Coast | Jamaica | Jordan | Kenya | Kosovo | Kuwait | Kyrgyzstan | Laos | Latvia | Lesotho | Libya | Luxembourg | Madagascar | Malawi | Malaysia | Maldives | Mali | Malta | Marshall Islands | Mauritius | Mexico | Monaco | Mongolia | Morocco | Myanmar | Namibia | Nauru | New Zealand | Nicaragua | Nigeria | North Macedonia | Norway | Oman | Palau | Paraguay | Peru | Philippines | Poland | Portugal | Qatar | Rwanda | Saint Lucia | Samoa | São Tomé and Príncipe | Saudi Arabia | Senegal | Seychelles | Singapore | Slovakia | Slovenia | Somalia | South Korea | South Sudan | Spain | Sri Lanka | Suriname | Syria | Taiwan | Tajikistan | Tanzania | Togo | Tonga | Trinidad And Tobago | Tunisia | Türkiye | Turkmenistan | Tuvalu | Uganda | Ukraine | United States | Uzbekistan | Vanuatu | Vatican City | Venezuela | Vietnam | Zambia | Zimbabwe
65%
139 left Albania | Andorra | Angola |Antigua And Barbuda | Argentina | Armenia | Austria | Bahamas | Barbados | Belgium | Belize | Benin | Bhutan | Bolivia | Botswana | Brazil | Brunei | Bulgaria | Burkina Faso | Burundi | Cambodia | Cameroon | Canada | Cape Verde | Chad | Chile | China | Comoros | Costa Rica | Croatia | Cuba | Cyprus | Czech Republic | Denmark | Djibouti | Dominica | Dominican Republic | D.R. Congo | East Timor | Ecuador | Egypt | El Salvador | Equatorial Guinea | Estonia | Ethiopia | F.S. Micronesia | Finland | France | Gabon | Gambia | Georgia | Germany | Ghana | Greece | Grenada | Guinea | Guinea-Bissau | Guyana | Haiti | India | Indonesia | Iraq | Ireland | Ivory Coast | Jamaica | Jordan | Kenya | Kosovo | Kuwait | Kyrgyzstan | Laos | Latvia | Lesotho | Libya | Luxembourg | Madagascar | Malawi | Malaysia | Maldives | Mali | Malta | Marshall Islands | Mauritius | Mexico | Monaco | Mongolia | Morocco | Myanmar | Namibia | Nauru | Nicaragua | Nigeria | North Macedonia | Norway | Oman | Palau | Paraguay | Peru | Philippines | Poland | Portugal | Qatar | Rwanda | Saint Lucia | Samoa | São Tomé and Príncipe | Saudi Arabia | Senegal | Seychelles | Singapore | Slovakia | Slovenia | Somalia | South Korea | South Sudan | Spain | Sri Lanka | Suriname | Syria | Taiwan | Tajikistan | Tanzania | Togo | Tonga | Trinidad And Tobago | Tunisia | Türkiye | Turkmenistan | Tuvalu | Uganda | Ukraine | United States | Uzbekistan | Vanuatu | Vatican City | Venezuela | Vietnam | Zambia | Zimbabwe
65%
138 left Albania | Andorra | Angola | Argentina | Armenia |Austria | Bahamas | Barbados | Belgium | Belize | Benin | Bhutan | Bolivia | Botswana | Brazil | Brunei | Bulgaria | Burkina Faso | Burundi | Cambodia | Cameroon | Canada | Cape Verde | Chad | Chile | China | Comoros | Costa Rica | Croatia | Cuba | Cyprus | Czech Republic | Denmark | Djibouti | Dominica | Dominican Republic | D.R. Congo | East Timor | Ecuador | Egypt | El Salvador | Equatorial Guinea | Estonia | Ethiopia | F.S. Micronesia | Finland | France | Gabon | Gambia | Georgia | Germany | Ghana | Greece | Grenada | Guinea | Guinea-Bissau | Guyana | Haiti | India | Indonesia | Iraq | Ireland | Ivory Coast | Jamaica | Jordan | Kenya | Kosovo | Kuwait | Kyrgyzstan | Laos | Latvia | Lesotho | Libya | Luxembourg | Madagascar | Malawi | Malaysia | Maldives | Mali | Malta | Marshall Islands | Mauritius | Mexico | Monaco | Mongolia | Morocco | Myanmar | Namibia | Nauru | Nicaragua | Nigeria | North Macedonia | Norway | Oman | Palau | Paraguay | Peru | Philippines | Poland | Portugal | Qatar | Rwanda | Saint Lucia | Samoa | São Tomé and Príncipe | Saudi Arabia | Senegal | Seychelles | Singapore | Slovakia | Slovenia | Somalia | South Korea | South Sudan | Spain | Sri Lanka | Suriname | Syria | Taiwan | Tajikistan | Tanzania | Togo | Tonga | Trinidad And Tobago | Tunisia | Türkiye | Turkmenistan | Tuvalu | Uganda | Ukraine | United States | Uzbekistan | Vanuatu | Vatican City | Venezuela | Vietnam | Zambia | Zimbabwe
64%
137 left Albania | Andorra | Angola | Argentina | Armenia |Austria | Bahamas | Barbados | Belgium | Belize | Benin | Bhutan | Bolivia | Botswana | Brazil | Brunei | Bulgaria | Burkina Faso | Burundi | Cambodia | Cameroon | Canada | Cape Verde | Chad | Chile | China | Comoros | Costa Rica | Croatia | Cuba | Cyprus | Czech Republic | Denmark | Djibouti | Dominica | Dominican Republic | D.R. Congo | East Timor | Ecuador | Egypt | El Salvador | Equatorial Guinea | Estonia | Ethiopia | F.S. Micronesia | Finland | France | Gabon | Gambia | Georgia | Germany | Ghana | Greece | Grenada | Guinea | Guinea-Bissau | Guyana | Haiti | India | Indonesia | Iraq | Ireland | Ivory Coast | Jamaica | Jordan | Kenya | Kosovo | Kuwait | Kyrgyzstan | Laos | Latvia | Lesotho | Libya | Luxembourg | Madagascar | Malawi | Maldives | Mali | Malta | Marshall Islands | Mauritius | Mexico | Monaco | Mongolia | Morocco | Myanmar | Namibia | Nauru | Nicaragua | Nigeria | North Macedonia | Norway | Oman | Palau | Paraguay | Peru | Philippines | Poland | Portugal | Qatar | Rwanda | Saint Lucia | Samoa | São Tomé and Príncipe | Saudi Arabia | Senegal | Seychelles | Singapore | Slovakia | Slovenia | Somalia | South Korea | South Sudan | Spain | Sri Lanka | Suriname | Syria | Taiwan | Tajikistan | Tanzania | Togo | Tonga | Trinidad And Tobago | Tunisia | Türkiye | Turkmenistan | Tuvalu | Uganda | Ukraine | United States | Uzbekistan | Vanuatu | Vatican City | Venezuela | Vietnam | Zambia | Zimbabwe
64%
136 left Albania | Andorra | Angola | Argentina | Armenia |Austria | Bahamas | Barbados | Belgium | Belize | Benin | Bhutan | Bolivia | Botswana | Brazil | Brunei | Bulgaria | Burkina Faso | Burundi | Cambodia | Cameroon | Canada | Cape Verde | Chad | Chile | China | Comoros | Costa Rica | Croatia | Cuba | Cyprus | Czech Republic | Denmark | Djibouti | Dominica | Dominican Republic | D.R. Congo | East Timor | Ecuador | Egypt | El Salvador | Equatorial Guinea | Estonia | Ethiopia | F.S. Micronesia | France | Gabon | Gambia | Georgia | Germany | Ghana | Greece | Grenada | Guinea | Guinea-Bissau | Guyana | Haiti | India | Indonesia | Iraq | Ireland | Ivory Coast | Jamaica | Jordan | Kenya | Kosovo | Kuwait | Kyrgyzstan | Laos | Latvia | Lesotho | Libya | Luxembourg | Madagascar | Malawi | Maldives | Mali | Malta | Marshall Islands | Mauritius | Mexico | Monaco | Mongolia | Morocco | Myanmar | Namibia | Nauru | Nicaragua | Nigeria | North Macedonia | Norway | Oman | Palau | Paraguay | Peru | Philippines | Poland | Portugal | Qatar | Rwanda | Saint Lucia | Samoa | São Tomé and Príncipe | Saudi Arabia | Senegal | Seychelles | Singapore | Slovakia | Slovenia | Somalia | South Korea | South Sudan | Spain | Sri Lanka | Suriname | Syria | Taiwan | Tajikistan | Tanzania | Togo | Tonga | Trinidad And Tobago | Tunisia | Türkiye | Turkmenistan | Tuvalu | Uganda | Ukraine | United States | Uzbekistan | Vanuatu | Vatican City | Venezuela | Vietnam | Zambia | Zimbabwe
64%
135 left Albania | Andorra | Angola | Argentina | Armenia |Austria | Bahamas | Barbados | Belgium | Belize | Benin | Bhutan | Bolivia | Botswana | Brazil | Brunei | Bulgaria | Burkina Faso | Burundi | Cambodia | Cameroon | Canada | Cape Verde | Chad | Chile | China | Comoros | Costa Rica | Croatia | Cuba | Cyprus | Czech Republic | Denmark | Djibouti | Dominica | Dominican Republic | D.R. Congo | East Timor | Ecuador | Egypt | El Salvador | Equatorial Guinea | Estonia | Ethiopia | F.S. Micronesia | France | Gabon | Gambia | Georgia | Germany | Ghana | Greece | Grenada | Guinea | Guinea-Bissau | Haiti | India | Indonesia | Iraq | Ireland | Ivory Coast | Jamaica | Jordan | Kenya | Kosovo | Kuwait | Kyrgyzstan | Laos | Latvia | Lesotho | Libya | Luxembourg | Madagascar | Malawi | Maldives | Mali | Malta | Marshall Islands | Mauritius | Mexico | Monaco | Mongolia | Morocco | Myanmar | Namibia | Nauru | Nicaragua | Nigeria | North Macedonia | Norway | Oman | Palau | Paraguay | Peru | Philippines | Poland | Portugal | Qatar | Rwanda | Saint Lucia | Samoa | São Tomé and Príncipe | Saudi Arabia | Senegal | Seychelles | Singapore | Slovakia | Slovenia | Somalia | South Korea | South Sudan | Spain | Sri Lanka | Suriname | Syria | Taiwan | Tajikistan | Tanzania | Togo | Tonga | Trinidad And Tobago | Tunisia | Türkiye | Turkmenistan | Tuvalu | Uganda | Ukraine | United States | Uzbekistan | Vanuatu | Vatican City | Venezuela | Vietnam | Zambia | Zimbabwe
62%
134 left Albania | Andorra | Angola | Argentina | Armenia |Austria | Bahamas | Barbados | Belgium | Belize | Benin | Bhutan | Bolivia | Botswana | Brazil | Brunei | Bulgaria | Burkina Faso | Burundi | Cambodia | Cameroon | Canada | Cape Verde | Chad | Chile | China | Comoros | Costa Rica | Croatia | Cuba | Cyprus | Czech Republic | Denmark | Djibouti | Dominica | Dominican Republic | D.R. Congo | East Timor | Ecuador | Egypt | El Salvador | Equatorial Guinea | Estonia | Ethiopia | F.S. Micronesia | France | Gabon | Gambia | Georgia | Germany | Ghana | Greece | Grenada | Guinea | Guinea-Bissau | Haiti | India | Indonesia | Iraq | Ireland | Ivory Coast | Jamaica | Jordan | Kenya | Kosovo | Kuwait | Kyrgyzstan | Laos | Latvia | Lesotho | Libya | Luxembourg | Madagascar | Malawi | Maldives | Mali | Malta | Marshall Islands | Mauritius | Mexico | Monaco | Mongolia | Morocco | Myanmar | Namibia | Nauru | Nicaragua | Nigeria | North Macedonia | Norway | Oman | Palau | Paraguay | Peru | Philippines | Poland | Portugal | Qatar | Rwanda | Saint Lucia | Samoa | São Tomé and Príncipe | Saudi Arabia | Senegal | Seychelles | Singapore | Slovakia | Slovenia | Somalia | South Korea | South Sudan | Spain | Sri Lanka | Suriname | Syria | Taiwan | Tanzania | Togo | Tonga | Trinidad And Tobago | Tunisia | Türkiye | Turkmenistan | Tuvalu | Uganda | Ukraine | United States | Uzbekistan | Vanuatu | Vatican City | Venezuela | Vietnam | Zambia | Zimbabwe
62%
133 left Albania | Andorra | Angola | Argentina | Armenia |Austria | Bahamas | Barbados | Belgium | Belize | Benin | Bhutan | Bolivia | Botswana | Brazil | Brunei | Bulgaria | Burkina Faso | Burundi | Cambodia | Cameroon | Canada | Cape Verde | Chad | Chile | China | Comoros | Costa Rica | Croatia | Cuba | Cyprus | Czech Republic | Denmark | Djibouti | Dominica | Dominican Republic | D.R. Congo | East Timor | Ecuador | Egypt | El Salvador | Equatorial Guinea | Estonia | Ethiopia | F.S. Micronesia | France | Gabon | Gambia | Georgia | Germany | Ghana | Greece | Grenada | Guinea | Guinea-Bissau | Haiti | India | Indonesia | Iraq | Ireland | Ivory Coast | Jamaica | Jordan | Kenya | Kosovo | Kuwait | Kyrgyzstan | Laos | Latvia | Lesotho | Libya | Luxembourg | Madagascar | Malawi | Maldives | Mali | Malta | Marshall Islands | Mauritius | Mexico | Monaco | Mongolia | Morocco | Myanmar | Namibia | Nauru | Nicaragua | Nigeria | North Macedonia | Norway | Oman | Palau | Paraguay | Peru | Philippines | Portugal | Qatar | Rwanda | Saint Lucia | Samoa | São Tomé and Príncipe | Saudi Arabia | Senegal | Seychelles | Singapore | Slovakia | Slovenia | Somalia | South Korea | South Sudan | Spain | Sri Lanka | Suriname | Syria | Taiwan | Tanzania | Togo | Tonga | Trinidad And Tobago | Tunisia | Türkiye | Turkmenistan | Tuvalu | Uganda | Ukraine | United States | Uzbekistan | Vanuatu | Vatican City | Venezuela | Vietnam | Zambia | Zimbabwe
62%
131 left Albania | Andorra | Angola | Argentina | Armenia |
Austria | Bahamas | Barbados | Belgium |
Belize | Benin | Bhutan | Bolivia | Botswana | Brazil |
Brunei | Bulgaria | Burkina Faso | Burundi | Cambodia |
Cameroon | Canada | Cape Verde | Chad | Chile |
China | Comoros | Costa Rica | Croatia | Cuba |
Cyprus | Czech Republic | Denmark | Djibouti |
Dominica | Dominican Republic | D.R. Congo |
East Timor | Ecuador | Egypt | El Salvador |
Equatorial Guinea | Estonia | Ethiopia |
F.S. Micronesia | France | Gabon | Gambia | Georgia |
Germany | Ghana | Greece | Grenada | Guinea |
Guinea-Bissau | Haiti | India | Indonesia |
Iraq | Ireland | Ivory Coast | Jamaica | Jordan | Kenya |
Kosovo | Kuwait | Kyrgyzstan | Laos | Latvia | Lesotho |
Libya | Luxembourg | Madagascar |
Malawi | Maldives | Mali | Malta |
Marshall Islands | Mauritius | Mexico | Monaco |
Mongolia | Morocco | Myanmar | Namibia | Nauru |
Nicaragua | Nigeria | North Macedonia |
Norway | Oman | Palau | Paraguay | Philippines |
Portugal | Qatar | Rwanda | Saint Lucia |
Samoa | São Tomé and Príncipe |
Saudi Arabia | Senegal | Seychelles |
Singapore | Slovakia | Slovenia |
Somalia | South Korea | South Sudan |
Spain | Sri Lanka | Suriname | Syria | Taiwan |
Tanzania | Togo | Tonga | Trinidad And Tobago |
Tunisia | Türkiye | Turkmenistan | Tuvalu | Uganda |
Ukraine | United States | Uzbekistan | Vanuatu |
Vatican City | Venezuela | Vietnam | Zambia
62%
132 left Albania | Andorra | Angola | Argentina | Armenia |
Austria | Bahamas | Barbados | Belgium |
Belize | Benin | Bhutan | Bolivia | Botswana | Brazil |
Brunei | Bulgaria | Burkina Faso | Burundi | Cambodia |
Cameroon | Canada | Cape Verde | Chad | Chile |
China | Comoros | Costa Rica | Croatia | Cuba |
Cyprus | Czech Republic | Denmark | Djibouti |
Dominica | Dominican Republic | D.R. Congo |
East Timor | Ecuador | Egypt | El Salvador |
Equatorial Guinea | Estonia | Ethiopia |
F.S. Micronesia | France | Gabon | Gambia | Georgia |
Germany | Ghana | Greece | Grenada | Guinea |
Guinea-Bissau | Haiti | India | Indonesia |
Iraq | Ireland | Ivory Coast | Jamaica | Jordan | Kenya |
Kosovo | Kuwait | Kyrgyzstan | Laos | Latvia | Lesotho |
Libya | Luxembourg | Madagascar |
Malawi | Maldives | Mali | Malta |
Marshall Islands | Mauritius | Mexico | Monaco |
Mongolia | Morocco | Myanmar | Namibia | Nauru |
Nicaragua | Nigeria | North Macedonia |
Norway | Oman | Palau | Paraguay | Philippines | Portugal | Qatar | Rwanda | Saint Lucia |
Samoa | São Tomé and Príncipe |
Saudi Arabia | Senegal | Seychelles |
Singapore | Slovakia | Slovenia |
Somalia | South Korea | South Sudan |
Spain | Sri Lanka | Suriname | Syria | Taiwan |
Tanzania | Togo | Tonga | Trinidad And Tobago |
Tunisia | Türkiye | Turkmenistan | Tuvalu | Uganda |
Ukraine | United States | Uzbekistan | Vanuatu |
Vatican City | Venezuela | Vietnam | Zambia |
Zimbabwe
62%
130 left Albania | Andorra | Angola | Argentina | Armenia |
Austria | Bahamas | Barbados | Belgium |
Belize | Benin | Bhutan | Bolivia | Botswana | Brazil |
Brunei | Bulgaria | Burkina Faso | Burundi | Cambodia |
Cameroon | Canada | Cape Verde | Chad | Chile |
China | Comoros | Costa Rica | Croatia | Cuba |
Cyprus | Czech Republic | Denmark | Djibouti |
Dominica | Dominican Republic | D.R. Congo |
East Timor | Ecuador | El Salvador | Equatorial Guinea | Estonia | Ethiopia |
F.S. Micronesia | France | Gabon | Gambia | Georgia |
Germany | Ghana | Greece | Grenada | Guinea |
Guinea-Bissau | Haiti | India | Indonesia |
Iraq | Ireland | Ivory Coast | Jamaica | Jordan | Kenya |
Kosovo | Kuwait | Kyrgyzstan | Laos | Latvia | Lesotho |
Libya | Luxembourg | Madagascar |
Malawi | Maldives | Mali | Malta |
Marshall Islands | Mauritius | Mexico | Monaco |
Mongolia | Morocco | Myanmar | Namibia | Nauru |
Nicaragua | Nigeria | North Macedonia |
Norway | Oman | Palau | Paraguay | Philippines |
Portugal | Qatar | Rwanda | Saint Lucia |
Samoa | São Tomé and Príncipe |
Saudi Arabia | Senegal | Seychelles |
Singapore | Slovakia | Slovenia |
Somalia | South Korea | South Sudan |
Spain | Sri Lanka | Suriname | Syria | Taiwan |
Tanzania | Togo | Tonga | Trinidad And Tobago |
Tunisia | Türkiye | Turkmenistan | Tuvalu | Uganda |
Ukraine | United States | Uzbekistan | Vanuatu |
Vatican City | Venezuela | Vietnam | Zambia
62%
129 left Albania | Andorra | Angola | Argentina | Armenia |
Austria | Bahamas | Barbados | Belgium |
Belize | Benin | Bhutan | Bolivia | Botswana | Brazil |
Brunei | Bulgaria | Burkina Faso | Burundi | Cambodia |
Cameroon | Canada | Cape Verde | Chad | Chile |
China | Comoros | Costa Rica | Croatia | Cuba |
Cyprus | Czech Republic | Denmark | Djibouti |
Dominica | Dominican Republic | D.R. Congo |
East Timor | Ecuador | El Salvador |
Equatorial Guinea | Estonia | Ethiopia |
F.S. Micronesia | France | Gabon | Gambia | Georgia |
Germany | Ghana | Greece | Grenada | Guinea |
Guinea-Bissau | Haiti | India | Indonesia |
Iraq | Ireland | Ivory Coast | Jamaica | Jordan | Kenya |
Kosovo | Kuwait | Kyrgyzstan | Laos | Latvia | Lesotho |
Libya | Luxembourg | Malawi | Maldives | Mali | Malta |
Marshall Islands | Mauritius | Mexico | Monaco |
Mongolia | Morocco | Myanmar | Namibia | Nauru |
Nicaragua | Nigeria | North Macedonia |
Norway | Oman | Palau | Paraguay | Philippines |
Portugal | Qatar | Rwanda | Saint Lucia |
Samoa | São Tomé and Príncipe |
Saudi Arabia | Senegal | Seychelles |
Singapore | Slovakia | Slovenia |
Somalia | South Korea | South Sudan |
Spain | Sri Lanka | Suriname | Syria | Taiwan |
Tanzania | Togo | Tonga | Trinidad And Tobago |
Tunisia | Türkiye | Turkmenistan | Tuvalu | Uganda |
Ukraine | United States | Uzbekistan | Vanuatu |
Vatican City | Venezuela | Vietnam | Zambia
62%
128 left Albania | Andorra | Angola | Argentina | Armenia |
Austria | Bahamas | Barbados | Belgium |
Belize | Benin | Bhutan | Bolivia | Botswana | Brazil |
Brunei | Bulgaria | Burkina Faso | Burundi | Cambodia |
Cameroon | Canada | Cape Verde | Chad | Chile |
China | Comoros | Costa Rica | Croatia | Cuba |
Cyprus | Czech Republic | Denmark | Djibouti |
Dominica | Dominican Republic | D.R. Congo |
East Timor | Ecuador | El Salvador |
Equatorial Guinea | Estonia | Ethiopia |
F.S. Micronesia | France | Gabon | Georgia |
Germany | Ghana | Greece | Grenada | Guinea |
Guinea-Bissau | Haiti | India | Indonesia |
Iraq | Ireland | Ivory Coast | Jamaica | Jordan | Kenya |
Kosovo | Kuwait | Kyrgyzstan | Laos | Latvia | Lesotho |
Libya | Luxembourg | Malawi | Maldives | Mali | Malta |
Marshall Islands | Mauritius | Mexico | Monaco |
Mongolia | Morocco | Myanmar | Namibia | Nauru |
Nicaragua | Nigeria | North Macedonia |
Norway | Oman | Palau | Paraguay | Philippines |
Portugal | Qatar | Rwanda | Saint Lucia |
Samoa | São Tomé and Príncipe |
Saudi Arabia | Senegal | Seychelles |
Singapore | Slovakia | Slovenia |
Somalia | South Korea | South Sudan |
Spain | Sri Lanka | Suriname | Syria | Taiwan |
Tanzania | Togo | Tonga | Trinidad And Tobago |
Tunisia | Türkiye | Turkmenistan | Tuvalu | Uganda |
Ukraine | United States | Uzbekistan | Vanuatu |
Vatican City | Venezuela | Vietnam | Zambia
62%
127 left Albania | Andorra | Angola | Argentina | Armenia |
Austria | Bahamas | Barbados | Belgium |
Belize | Benin | Bhutan | Bolivia | Botswana | Brazil |
Brunei | Bulgaria | Burkina Faso | Burundi | Cambodia |
Cameroon | Canada | Cape Verde | Chad | Chile |
China | Comoros | Costa Rica | Cuba |
Cyprus | Czech Republic | Denmark | Djibouti |
Dominica | Dominican Republic | D.R. Congo |
East Timor | Ecuador | El Salvador |
Equatorial Guinea | Estonia | Ethiopia |
F.S. Micronesia | France | Gabon | Georgia |
Germany | Ghana | Greece | Grenada | Guinea |
Guinea-Bissau | Haiti | India | Indonesia |
Iraq | Ireland | Ivory Coast | Jamaica | Jordan | Kenya |
Kosovo | Kuwait | Kyrgyzstan | Laos | Latvia | Lesotho |
Libya | Luxembourg | Malawi | Maldives | Mali | Malta |
Marshall Islands | Mauritius | Mexico | Monaco |
Mongolia | Morocco | Myanmar | Namibia | Nauru |
Nicaragua | Nigeria | North Macedonia |
Norway | Oman | Palau | Paraguay | Philippines |
Portugal | Qatar | Rwanda | Saint Lucia |
Samoa | São Tomé and Príncipe |
Saudi Arabia | Senegal | Seychelles |
Singapore | Slovakia | Slovenia |
Somalia | South Korea | South Sudan |
Spain | Sri Lanka | Suriname | Syria | Taiwan |
Tanzania | Togo | Tonga | Trinidad And Tobago |
Tunisia | Türkiye | Turkmenistan | Tuvalu | Uganda |
Ukraine | United States | Uzbekistan | Vanuatu |
Vatican City | Venezuela | Vietnam | Zambia
62%
126 left Albania | Andorra | Angola | Argentina | Armenia |
Austria | Bahamas | Barbados | Belgium |
Belize | Benin | Bhutan | Bolivia | Botswana | Brazil |
Brunei | Bulgaria | Burkina Faso | Burundi | Cambodia |
Cameroon | Canada | Cape Verde | Chad | Chile |
China | Comoros | Costa Rica | Cuba |
Cyprus | Czech Republic | Denmark | Djibouti |
Dominica | Dominican Republic | D.R. Congo |
East Timor | Ecuador | El Salvador |
Equatorial Guinea | Estonia | Ethiopia |
F.S. Micronesia | France | Gabon | Georgia |
Germany | Ghana | Greece | Grenada | Guinea |
Guinea-Bissau | Haiti | India | Indonesia |
Iraq | Ireland | Ivory Coast | Jamaica | Jordan | Kenya |
Kosovo | Kuwait | Kyrgyzstan | Laos | Latvia | Lesotho |
Libya | Luxembourg | Malawi | Maldives | Mali | Malta |
Marshall Islands | Mauritius | Mexico | Monaco |
Mongolia | Morocco | Myanmar | Namibia | Nauru |
Nicaragua | Nigeria | North Macedonia |
Norway | Oman | Palau | Paraguay | Philippines |
Portugal | Qatar | Rwanda | Saint Lucia |
Samoa | São Tomé and Príncipe |
Saudi Arabia | Senegal | Seychelles |
Singapore | Slovakia | Slovenia |
Somalia | South Korea | South Sudan |
Spain | Sri Lanka | Suriname | Taiwan |
Tanzania | Togo | Tonga | Trinidad And Tobago |
Tunisia | Türkiye | Turkmenistan | Tuvalu | Uganda |
Ukraine | United States | Uzbekistan | Vanuatu |
Vatican City | Venezuela | Vietnam | Zambia
62%
125 left Albania | Andorra | Angola | Argentina | Armenia |
Austria | Bahamas | Barbados | Belgium |
Belize | Benin | Bhutan | Bolivia | Botswana | Brazil |
Brunei | Bulgaria | Burkina Faso | Burundi | Cambodia |
Cameroon | Canada | Cape Verde | Chad | Chile |
China | Comoros | Costa Rica | Cuba |
Cyprus | Czech Republic | Denmark | Djibouti |
Dominica | Dominican Republic | D.R. Congo |
East Timor | Ecuador | El Salvador |
Equatorial Guinea | Estonia | Ethiopia |
F.S. Micronesia | France | Gabon | Georgia |
Germany | Ghana | Greece | Grenada | Guinea |
Guinea-Bissau | Haiti | India | Indonesia |
Iraq | Ireland | Ivory Coast | Jamaica | Jordan | Kenya |
Kosovo | Kuwait | Kyrgyzstan | Laos | Latvia | Lesotho |
Libya | Luxembourg | Malawi | Maldives | Mali | Malta |
Marshall Islands | Mauritius | Mexico | Monaco |
Mongolia | Morocco | Myanmar | Namibia | Nauru |
Nicaragua | Nigeria | North Macedonia |
Norway | Oman | Palau | Paraguay | Philippines |
Portugal | Qatar | Rwanda | Saint Lucia |
Samoa | São Tomé and Príncipe |
Saudi Arabia | Senegal | Seychelles |
Singapore | Slovakia | Slovenia |
Somalia | South Korea | South Sudan |
Spain | Sri Lanka | Suriname | Taiwan |
Tanzania | Togo | Tonga | Trinidad And Tobago |
Tunisia | Türkiye | Turkmenistan | Tuvalu | Uganda |
Ukraine | Uzbekistan | Vanuatu |
Vatican City | Venezuela | Vietnam | Zambia
60%
124 left Albania | Andorra | Angola | Argentina | Armenia |
Austria | Bahamas | Barbados | Belgium |
Belize | Benin | Bhutan | Bolivia | Botswana | Brazil |
Brunei | Bulgaria | Burkina Faso | Burundi | Cambodia |
Cameroon | Canada | Cape Verde | Chad | Chile |
China | Comoros | Costa Rica | Cuba |
Cyprus | Czech Republic | Denmark | Djibouti |
Dominica | Dominican Republic | D.R. Congo |
East Timor | Ecuador | El Salvador |
Equatorial Guinea | Estonia | Ethiopia |
F.S. Micronesia | France | Gabon | Georgia |
Germany | Ghana | Greece | Grenada | Guinea |
Guinea-Bissau | Haiti | India | Indonesia |
Iraq | Ireland | Jamaica | Jordan | Kenya |
Kosovo | Kuwait | Kyrgyzstan | Laos | Latvia | Lesotho |
Libya | Luxembourg | Malawi | Maldives | Mali | Malta |
Marshall Islands | Mauritius | Mexico | Monaco |
Mongolia | Morocco | Myanmar | Namibia | Nauru |
Nicaragua | Nigeria | North Macedonia |
Norway | Oman | Palau | Paraguay | Philippines |
Portugal | Qatar | Rwanda | Saint Lucia |
Samoa | São Tomé and Príncipe |
Saudi Arabia | Senegal | Seychelles |
Singapore | Slovakia | Slovenia |
Somalia | South Korea | South Sudan |
Spain | Sri Lanka | Suriname | Taiwan |
Tanzania | Togo | Tonga | Trinidad And Tobago |
Tunisia | Türkiye | Turkmenistan | Tuvalu | Uganda |
Ukraine | Uzbekistan | Vanuatu |
Vatican City | Venezuela | Vietnam | Zambia
60%
123 left Albania | Andorra | Angola | Argentina | Armenia |
Austria | Bahamas | Barbados | Belgium |
Belize | Benin | Bhutan | Bolivia | Botswana | Brazil |
Brunei | Bulgaria | Burkina Faso | Burundi | Cambodia |
Cameroon | Canada | Cape Verde | Chad | Chile |
China | Comoros | Costa Rica | Cuba |
Cyprus | Czech Republic | Denmark | Djibouti |
Dominica | Dominican Republic | D.R. Congo |
East Timor | Ecuador | El Salvador |
Equatorial Guinea | Estonia | Ethiopia |
F.S. Micronesia | France | Gabon | Georgia |
Germany | Ghana | Greece | Grenada | Guinea |
Guinea-Bissau | Haiti | India | Indonesia |
Iraq | Ireland | Jamaica | Jordan | Kenya |
Kosovo | Kuwait | Kyrgyzstan | Laos | Latvia | Lesotho |
Libya | Luxembourg | Maldives | Mali | Malta |
Marshall Islands | Mauritius | Mexico | Monaco |
Mongolia | Morocco | Myanmar | Namibia | Nauru |
Nicaragua | Nigeria | North Macedonia |
Norway | Oman | Palau | Paraguay | Philippines |
Portugal | Qatar | Rwanda | Saint Lucia |
Samoa | São Tomé and Príncipe |
Saudi Arabia | Senegal | Seychelles |
Singapore | Slovakia | Slovenia |
Somalia | South Korea | South Sudan |
Spain | Sri Lanka | Suriname | Taiwan |
Tanzania | Togo | Tonga | Trinidad And Tobago |
Tunisia | Türkiye | Turkmenistan | Tuvalu | Uganda |
Ukraine | Uzbekistan | Vanuatu |
Vatican City | Venezuela | Vietnam | Zambia
58%
122 left Albania | Andorra | Angola | Argentina | Armenia |
Austria | Bahamas | Barbados | Belgium |
Belize | Benin | Bhutan | Bolivia | Botswana | Brazil |
Brunei | Bulgaria | Burkina Faso | Burundi | Cambodia |
Cameroon | Canada | Cape Verde | Chad | Chile |
China | Comoros | Costa Rica | Cuba |
Cyprus | Czech Republic | Denmark | Djibouti |
Dominica | Dominican Republic | D.R. Congo |
East Timor | Ecuador | El Salvador |
Equatorial Guinea | Estonia | Ethiopia |
F.S. Micronesia | Gabon | Georgia |
Germany | Ghana | Greece | Grenada | Guinea |
Guinea-Bissau | Haiti | India | Indonesia |
Iraq | Ireland | Jamaica | Jordan | Kenya |
Kosovo | Kuwait | Kyrgyzstan | Laos | Latvia | Lesotho |
Libya | Luxembourg | Maldives | Mali | Malta |
Marshall Islands | Mauritius | Mexico | Monaco |
Mongolia | Morocco | Myanmar | Namibia | Nauru |
Nicaragua | Nigeria | North Macedonia |
Norway | Oman | Palau | Paraguay | Philippines |
Portugal | Qatar | Rwanda | Saint Lucia |
Samoa | São Tomé and Príncipe |
Saudi Arabia | Senegal | Seychelles |
Singapore | Slovakia | Slovenia |
Somalia | South Korea | South Sudan |
Spain | Sri Lanka | Suriname | Taiwan |
Tanzania | Togo | Tonga | Trinidad And Tobago |
Tunisia | Türkiye | Turkmenistan | Tuvalu | Uganda |
Ukraine | Uzbekistan | Vanuatu |
Vatican City | Venezuela | Vietnam | Zambia
58%
121 left Albania | Andorra | Angola | Argentina | Armenia |
Austria | Bahamas | Barbados | Belgium |
Belize | Bhutan | Bolivia | Botswana | Brazil |
Brunei | Bulgaria | Burkina Faso | Burundi | Cambodia |
Cameroon | Canada | Cape Verde | Chad | Chile |
China | Comoros | Costa Rica | Cuba |
Cyprus | Czech Republic | Denmark | Djibouti |
Dominica | Dominican Republic | D.R. Congo |
East Timor | Ecuador | El Salvador |
Equatorial Guinea | Estonia | Ethiopia |
F.S. Micronesia | Gabon | Georgia |
Germany | Ghana | Greece | Grenada | Guinea |
Guinea-Bissau | Haiti | India | Indonesia |
Iraq | Ireland | Jamaica | Jordan | Kenya |
Kosovo | Kuwait | Kyrgyzstan | Laos | Latvia | Lesotho |
Libya | Luxembourg | Maldives | Mali | Malta |
Marshall Islands | Mauritius | Mexico | Monaco |
Mongolia | Morocco | Myanmar | Namibia | Nauru |
Nicaragua | Nigeria | North Macedonia |
Norway | Oman | Palau | Paraguay | Philippines |
Portugal | Qatar | Rwanda | Saint Lucia |
Samoa | São Tomé and Príncipe |
Saudi Arabia | Senegal | Seychelles |
Singapore | Slovakia | Slovenia |
Somalia | South Korea | South Sudan |
Spain | Sri Lanka | Suriname | Taiwan |
Tanzania | Togo | Tonga | Trinidad And Tobago |
Tunisia | Türkiye | Turkmenistan | Tuvalu | Uganda |
Ukraine | Uzbekistan | Vanuatu |
Vatican City | Venezuela | Vietnam | Zambia
58%
120 left Albania | Andorra | Angola | Argentina | Armenia |
Austria | Bahamas | Barbados | Belgium |
Belize | Bhutan | Bolivia | Botswana | Brazil |
Brunei | Bulgaria | Burkina Faso | Burundi |
Cameroon | Canada | Cape Verde | Chad | Chile |
China | Comoros | Costa Rica | Cuba |
Cyprus | Czech Republic | Denmark | Djibouti |
Dominica | Dominican Republic | D.R. Congo |
East Timor | Ecuador | El Salvador |
Equatorial Guinea | Estonia | Ethiopia |
F.S. Micronesia | Gabon | Georgia |
Germany | Ghana | Greece | Grenada | Guinea |
Guinea-Bissau | Haiti | India | Indonesia |
Iraq | Ireland | Jamaica | Jordan | Kenya |
Kosovo | Kuwait | Kyrgyzstan | Laos | Latvia | Lesotho |
Libya | Luxembourg | Maldives | Mali | Malta |
Marshall Islands | Mauritius | Mexico | Monaco |
Mongolia | Morocco | Myanmar | Namibia | Nauru |
Nicaragua | Nigeria | North Macedonia |
Norway | Oman | Palau | Paraguay | Philippines |
Portugal | Qatar | Rwanda | Saint Lucia |
Samoa | São Tomé and Príncipe |
Saudi Arabia | Senegal | Seychelles |
Singapore | Slovakia | Slovenia |
Somalia | South Korea | South Sudan |
Spain | Sri Lanka | Suriname | Taiwan |
Tanzania | Togo | Tonga | Trinidad And Tobago |
Tunisia | Türkiye | Turkmenistan | Tuvalu | Uganda |
Ukraine | Uzbekistan | Vanuatu |
Vatican City | Venezuela | Vietnam | Zambia
58%
119 left Albania | Andorra | Angola | Argentina | Armenia |
Austria | Bahamas | Barbados | Belgium |
Belize | Bhutan | Bolivia | Botswana | Brazil |
Brunei | Bulgaria | Burkina Faso | Burundi |
Cameroon | Canada | Cape Verde | Chad | Chile |
China | Comoros | Costa Rica | Cuba |
Cyprus | Czech Republic | Denmark | Djibouti |
Dominica | Dominican Republic | D.R. Congo |
East Timor | Ecuador | El Salvador |
Equatorial Guinea | Estonia | Ethiopia |
F.S. Micronesia | Gabon | Georgia |
Germany | Ghana | Greece | Grenada | Guinea |
Guinea-Bissau | Haiti | India | Indonesia |
Iraq | Ireland | Jamaica | Jordan | Kenya |
Kosovo | Kuwait | Kyrgyzstan | Laos | Latvia | Lesotho |
Libya | Luxembourg | Maldives | Mali | Malta |
Marshall Islands | Mauritius | Mexico | Monaco |
Mongolia | Morocco | Myanmar | Namibia | Nauru |
Nicaragua | Nigeria | North Macedonia |
Norway | Oman | Palau | Paraguay | Philippines |
Portugal | Qatar | Rwanda | Saint Lucia |
Samoa | São Tomé and Príncipe |
Saudi Arabia | Senegal | Seychelles |
Singapore | Slovakia | Slovenia |
Somalia | South Korea | South Sudan |
Spain | Sri Lanka | Suriname | Taiwan |
Tanzania | Togo | Tonga | Trinidad And Tobago |
Tunisia | Türkiye | Turkmenistan | Tuvalu | Uganda |
Ukraine | Uzbekistan | Vanuatu |
Vatican City | Vietnam | Zambia
58%
118 left Albania | Andorra | Angola | Argentina | Armenia |
Austria | Bahamas | Barbados | Belgium |
Belize | Bhutan | Bolivia | Botswana | Brazil |
Brunei | Bulgaria | Burkina Faso | Burundi |
Cameroon | Canada | Cape Verde | Chad | Chile |
China | Comoros | Costa Rica | Cuba |
Cyprus | Czech Republic | Denmark | Djibouti |
Dominica | Dominican Republic | D.R. Congo |
East Timor | Ecuador | El Salvador |
Equatorial Guinea | Estonia | Ethiopia |
F.S. Micronesia | Gabon | Georgia |
Germany | Ghana | Greece | Grenada | Guinea |
Guinea-Bissau | Haiti | India | Indonesia |
Iraq | Ireland | Jamaica | Jordan | Kenya |
Kosovo | Kuwait | Kyrgyzstan | Laos | Latvia | Lesotho |
Libya | Luxembourg | Maldives | Mali | Malta |
Marshall Islands | Mauritius | Mexico | Monaco |
Mongolia | Morocco | Myanmar | Namibia | Nauru |
Nicaragua | Nigeria | North Macedonia |
Norway | Oman | Palau | Paraguay | Philippines |
Portugal | Qatar | Rwanda | Saint Lucia |
Samoa | São Tomé and Príncipe |
Saudi Arabia | Senegal | Seychelles |
Singapore | Slovakia | Slovenia |
Somalia | South Korea | South Sudan |
Spain | Sri Lanka | Suriname | Taiwan |
Tanzania | Togo | Tonga | Tunisia | Türkiye | Turkmenistan | Tuvalu | Uganda |
Ukraine | Uzbekistan | Vanuatu |
Vatican City | Vietnam | Zambia
58%
116 left Albania | Andorra | Angola | Argentina | Armenia |
Austria | Bahamas | Barbados | Belgium |
Belize | Bhutan | Bolivia | Botswana | Brazil |
Brunei | Bulgaria | Burkina Faso | Burundi |
Cameroon | Canada | Cape Verde | Chad | Chile |
China | Comoros | Costa Rica | Cuba |
Cyprus | Czech Republic | Djibouti |
Dominica | Dominican Republic | D.R. Congo |
East Timor | Ecuador | El Salvador |
Equatorial Guinea | Estonia | Ethiopia |
F.S. Micronesia | Gabon | Georgia |
Germany | Ghana | Greece | Grenada | Guinea |
Guinea-Bissau | Haiti | India | Indonesia |
Iraq | Ireland | Jamaica | Jordan | Kenya |
Kosovo | Kuwait | Kyrgyzstan | Laos | Latvia | Lesotho |
Libya | Luxembourg | Maldives | Mali | Malta |
Marshall Islands | Mauritius | Mexico | Monaco |
Mongolia | Morocco | Myanmar | Namibia | Nauru |
Nicaragua | Nigeria | North Macedonia |
Norway | Oman | Palau | Paraguay | Philippines |
Portugal | Qatar | Rwanda | Saint Lucia |
Samoa | São Tomé and Príncipe |
Saudi Arabia | Senegal | Seychelles |
Singapore | Slovakia | Slovenia |
Somalia | South Korea | South Sudan |
Spain | Sri Lanka | Suriname |
Tanzania | Togo | Tonga | Tunisia | Türkiye |
Turkmenistan | Tuvalu | Uganda |
Ukraine | Uzbekistan | Vanuatu |
Vatican City | Vietnam | Zambia
58%
117 left Albania | Andorra | Angola | Argentina | Armenia |
Austria | Bahamas | Barbados | Belgium |
Belize | Bhutan | Bolivia | Botswana | Brazil |
Brunei | Bulgaria | Burkina Faso | Burundi |
Cameroon | Canada | Cape Verde | Chad | Chile |
China | Comoros | Costa Rica | Cuba |
Cyprus | Czech Republic | Djibouti |
Dominica | Dominican Republic | D.R. Congo |
East Timor | Ecuador | El Salvador |
Equatorial Guinea | Estonia | Ethiopia |
F.S. Micronesia | Gabon | Georgia |
Germany | Ghana | Greece | Grenada | Guinea |
Guinea-Bissau | Haiti | India | Indonesia |
Iraq | Ireland | Jamaica | Jordan | Kenya |
Kosovo | Kuwait | Kyrgyzstan | Laos | Latvia | Lesotho |
Libya | Luxembourg | Maldives | Mali | Malta |
Marshall Islands | Mauritius | Mexico | Monaco |
Mongolia | Morocco | Myanmar | Namibia | Nauru |
Nicaragua | Nigeria | North Macedonia |
Norway | Oman | Palau | Paraguay | Philippines |
Portugal | Qatar | Rwanda | Saint Lucia |
Samoa | São Tomé and Príncipe |
Saudi Arabia | Senegal | Seychelles |
Singapore | Slovakia | Slovenia |
Somalia | South Korea | South Sudan |
Spain | Sri Lanka | Suriname | Taiwan |
Tanzania | Togo | Tonga | Tunisia | Türkiye |
Turkmenistan | Tuvalu | Uganda |
Ukraine | Uzbekistan | Vanuatu |
Vatican City | Vietnam | Zambia
58%
114 left Albania | Andorra | Angola | Argentina | Armenia |
Austria | Bahamas | Barbados | Belgium |
Belize | Bhutan | Bolivia | Botswana |
Brunei | Bulgaria | Burkina Faso | Burundi |
Cameroon | Canada | Cape Verde | Chad | Chile |
China | Comoros | Costa Rica | Cuba |
Cyprus | Czech Republic | Djibouti |
Dominica | Dominican Republic | D.R. Congo |
East Timor | Ecuador | El Salvador |
Equatorial Guinea | Estonia | Ethiopia |
F.S. Micronesia | Gabon | Georgia |
Germany | Ghana | Greece | Grenada | Guinea |
Guinea-Bissau | Haiti | India | Indonesia |
Iraq | Ireland | Jamaica | Jordan | Kenya |
Kosovo | Kuwait | Kyrgyzstan | Laos | Latvia | Lesotho |
Libya | Luxembourg | Maldives | Mali | Malta |
Marshall Islands | Mauritius | Mexico | Monaco |
Mongolia | Morocco | Myanmar | Namibia | Nauru |
Nicaragua | Nigeria | North Macedonia |
Norway | Oman | Palau | Paraguay | Philippines |
Portugal | Qatar | Rwanda | Saint Lucia |
Samoa | São Tomé and Príncipe |
Saudi Arabia | Senegal | Seychelles |
Singapore | Slovakia | Slovenia |
Somalia | South Korea | South Sudan |
Spain | Sri Lanka | Suriname |
Tanzania | Togo | Tonga | Tunisia |
Turkmenistan | Tuvalu | Uganda |
Ukraine | Uzbekistan | Vanuatu |
Vatican City | Vietnam | Zambia
58%
115 left Albania | Andorra | Angola | Argentina | Armenia |
Austria | Bahamas | Barbados | Belgium |
Belize | Bhutan | Bolivia | Botswana |
Brunei | Bulgaria | Burkina Faso | Burundi |
Cameroon | Canada | Cape Verde | Chad | Chile |
China | Comoros | Costa Rica | Cuba |
Cyprus | Czech Republic | Djibouti |
Dominica | Dominican Republic | D.R. Congo |
East Timor | Ecuador | El Salvador |
Equatorial Guinea | Estonia | Ethiopia |
F.S. Micronesia | Gabon | Georgia |
Germany | Ghana | Greece | Grenada | Guinea |
Guinea-Bissau | Haiti | India | Indonesia |
Iraq | Ireland | Jamaica | Jordan | Kenya |
Kosovo | Kuwait | Kyrgyzstan | Laos | Latvia | Lesotho |
Libya | Luxembourg | Maldives | Mali | Malta |
Marshall Islands | Mauritius | Mexico | Monaco |
Mongolia | Morocco | Myanmar | Namibia | Nauru |
Nicaragua | Nigeria | North Macedonia |
Norway | Oman | Palau | Paraguay | Philippines |
Portugal | Qatar | Rwanda | Saint Lucia |
Samoa | São Tomé and Príncipe |
Saudi Arabia | Senegal | Seychelles |
Singapore | Slovakia | Slovenia |
Somalia | South Korea | South Sudan |
Spain | Sri Lanka | Suriname |
Tanzania | Togo | Tonga | Tunisia | Türkiye |
Turkmenistan | Tuvalu | Uganda |
Ukraine | Uzbekistan | Vanuatu |
Vatican City | Vietnam | Zambia
58%
113 left Albania | Andorra | Angola | Argentina | Armenia |Austria | Bahamas | Barbados | Belgium | Belize | Bhutan | Bolivia | Botswana | Brunei | Bulgaria | Burkina Faso | Burundi | Cameroon | Canada | Cape Verde | Chad | Chile | China | Comoros | Costa Rica | Cuba | Cyprus | Czech Republic | Djibouti | Dominica | Dominican Republic | D.R. Congo | East Timor | Ecuador | El Salvador | Equatorial Guinea | Estonia | Ethiopia | F.S. Micronesia | Gabon | Georgia | Germany | Ghana | Greece | Grenada | Guinea | Guinea-Bissau | Haiti | India | Indonesia | Iraq | Ireland | Jamaica | Jordan | Kenya | Kosovo | Kuwait | Kyrgyzstan | Laos | Latvia | Lesotho | Libya | Luxembourg | Maldives | Mali | Malta | Marshall Islands | Mauritius | Mexico | Monaco | Mongolia | Morocco | Myanmar | Namibia | Nauru | Nicaragua | Nigeria | North Macedonia | Norway | Palau | Paraguay | Philippines | Portugal | Qatar | Rwanda | Saint Lucia | Samoa | São Tomé and Príncipe | Saudi Arabia | Senegal | Seychelles | Singapore | Slovakia | Slovenia | Somalia | South Korea | South Sudan | Spain | Sri Lanka | Suriname | Tanzania | Togo | Tonga | Tunisia | Turkmenistan | Tuvalu | Uganda | Ukraine | Uzbekistan | Vanuatu | Vatican City | Vietnam | Zambia
58%
112 left Albania | Andorra | Angola | Argentina | Armenia |Austria | Bahamas | Barbados | Belgium | Belize | Bhutan | Bolivia | Botswana | Brunei | Bulgaria | Burkina Faso | Burundi | Cameroon | Canada | Cape Verde | Chad | Chile | China | Comoros | Costa Rica | Cuba | Cyprus | Czech Republic | Djibouti | Dominica | Dominican Republic | D.R. Congo | East Timor | Ecuador | El Salvador | Equatorial Guinea | Estonia | Ethiopia | F.S. Micronesia | Gabon | Georgia | Germany | Ghana | Greece | Grenada | Guinea | Guinea-Bissau | Haiti | India | Indonesia | Iraq | Ireland | Jamaica | Jordan | Kenya | Kosovo | Kuwait | Kyrgyzstan | Laos | Latvia | Lesotho | Libya | Luxembourg | Maldives | Mali | Malta | Marshall Islands | Mauritius | Mexico | Monaco | Mongolia | Morocco | Myanmar | Namibia | Nauru | Nicaragua | Nigeria | North Macedonia | Norway | Palau | Paraguay | Philippines | Portugal | Qatar | Rwanda | Saint Lucia | Samoa | São Tomé and Príncipe | Saudi Arabia | Senegal | Seychelles | Singapore | Slovakia | Somalia | South Korea | South Sudan | Spain | Sri Lanka | Suriname | Tanzania | Togo | Tonga | Tunisia | Turkmenistan | Tuvalu | Uganda | Ukraine | Uzbekistan | Vanuatu | Vatican City | Vietnam | Zambia
58%
111 left Albania | Andorra | Angola | Argentina | Armenia |Austria | Bahamas | Barbados | Belgium | Belize | Bhutan | Bolivia | Botswana | Brunei | Bulgaria | Burkina Faso | Burundi | Cameroon | Canada | Cape Verde | Chad | Chile | China | Comoros | Costa Rica | Cuba | Cyprus | Czech Republic | Djibouti | Dominica | Dominican Republic | D.R. Congo | East Timor | Ecuador | El Salvador | Equatorial Guinea | Estonia | Ethiopia | F.S. Micronesia | Gabon | Georgia | Germany | Ghana | Greece | Grenada | Guinea | Guinea-Bissau | Haiti | India | Indonesia | Iraq | Ireland | Jamaica | Jordan | Kenya | Kosovo | Kuwait | Kyrgyzstan | Laos | Latvia | Lesotho | Libya | Luxembourg | Maldives | Mali | Malta | Marshall Islands | Mauritius | Mexico | Monaco | Mongolia | Morocco | Myanmar | Namibia | Nauru | Nicaragua | Nigeria | North Macedonia | Norway | Palau | Paraguay | Philippines | Portugal | Qatar | Saint Lucia | Samoa | São Tomé and Príncipe | Saudi Arabia | Senegal | Seychelles | Singapore | Slovakia | Somalia | South Korea | South Sudan | Spain | Sri Lanka | Suriname | Tanzania | Togo | Tonga | Tunisia | Turkmenistan | Tuvalu | Uganda | Ukraine | Uzbekistan | Vanuatu | Vatican City | Vietnam | Zambia
58%
110 left Albania | Andorra | Angola | Argentina | Armenia |Austria | Bahamas | Barbados | Belgium | Belize | Bhutan | Bolivia | Botswana | Brunei | Bulgaria | Burkina Faso | Burundi | Cameroon | Canada | Cape Verde | Chad | Chile | China | Comoros | Costa Rica | Cuba | Cyprus | Czech Republic | Djibouti | Dominica | Dominican Republic | D.R. Congo | East Timor | Ecuador | El Salvador | Equatorial Guinea | Estonia | Ethiopia | F.S. Micronesia | Georgia | Germany | Ghana | Greece | Grenada | Guinea | Guinea-Bissau | Haiti | India | Indonesia | Iraq | Ireland | Jamaica | Jordan | Kenya | Kosovo | Kuwait | Kyrgyzstan | Laos | Latvia | Lesotho | Libya | Luxembourg | Maldives | Mali | Malta | Marshall Islands | Mauritius | Mexico | Monaco | Mongolia | Morocco | Myanmar | Namibia | Nauru | Nicaragua | Nigeria | North Macedonia | Norway | Palau | Paraguay | Philippines | Portugal | Qatar | Saint Lucia | Samoa | São Tomé and Príncipe | Saudi Arabia | Senegal | Seychelles | Singapore | Slovakia | Somalia | South Korea | South Sudan | Spain | Sri Lanka | Suriname | Tanzania | Togo | Tonga | Tunisia | Turkmenistan | Tuvalu | Uganda | Ukraine | Uzbekistan | Vanuatu | Vatican City | Vietnam | Zambia
58%
109 left Albania | Andorra | Angola | Argentina | Armenia |Austria | Bahamas | Barbados | Belgium | Belize | Bhutan | Bolivia | Botswana | Brunei | Bulgaria | Burkina Faso | Burundi | Cameroon | Canada | Cape Verde | Chad | Chile | China | Comoros | Costa Rica | Cuba | Cyprus | Czech Republic | Djibouti | Dominica | Dominican Republic | D.R. Congo | East Timor | Ecuador | El Salvador | Equatorial Guinea | Estonia | Ethiopia | F.S. Micronesia | Georgia | Germany | Ghana | Greece | Grenada | Guinea | Guinea-Bissau | Haiti | India | Indonesia | Iraq | Ireland | Jamaica | Jordan | Kenya | Kosovo | Kuwait | Kyrgyzstan | Laos | Latvia | Lesotho | Libya | Luxembourg | Maldives | Mali | Malta | Marshall Islands | Mauritius | Mexico | Monaco | Mongolia | Morocco | Myanmar | Namibia | Nauru | Nicaragua | Nigeria | North Macedonia | Norway | Palau | Philippines | Portugal | Qatar | Saint Lucia | Samoa | São Tomé and Príncipe | Saudi Arabia | Senegal | Seychelles | Singapore | Slovakia | Somalia | South Korea | South Sudan | Spain | Sri Lanka | Suriname | Tanzania | Togo | Tonga | Tunisia | Turkmenistan | Tuvalu | Uganda | Ukraine | Uzbekistan | Vanuatu | Vatican City | Vietnam | Zambia
56%
108 left Albania | Andorra | Angola | Argentina | Armenia |Austria | Bahamas | Barbados | Belgium | Belize | Bhutan | Bolivia | Botswana | Brunei | Bulgaria | Burkina Faso | Burundi | Cameroon | Canada | Cape Verde | Chad | Chile | China | Comoros | Costa Rica | Cuba | Cyprus | Czech Republic | Djibouti | Dominica | Dominican Republic | D.R. Congo | East Timor | Ecuador | El Salvador | Equatorial Guinea | Estonia | Ethiopia | F.S. Micronesia | Georgia | Germany | Ghana | Greece | Grenada | Guinea | Guinea-Bissau | Haiti | India | Indonesia | Iraq | Ireland | Jamaica | Jordan | Kenya | Kosovo | Kyrgyzstan | Laos | Latvia | Lesotho | Libya | Luxembourg | Maldives | Mali | Malta | Marshall Islands | Mauritius | Mexico | Monaco | Mongolia | Morocco | Myanmar | Namibia | Nauru | Nicaragua | Nigeria | North Macedonia | Norway | Palau | Philippines | Portugal | Qatar | Saint Lucia | Samoa | São Tomé and Príncipe | Saudi Arabia | Senegal | Seychelles | Singapore | Slovakia | Somalia | South Korea | South Sudan | Spain | Sri Lanka | Suriname | Tanzania | Togo | Tonga | Tunisia | Turkmenistan | Tuvalu | Uganda | Ukraine | Uzbekistan | Vanuatu | Vatican City | Vietnam | Zambia
56%
106 left Albania | Andorra | Angola | Argentina | Armenia |Austria | Bahamas | Belgium | Belize | Bhutan | Bolivia | Botswana | Brunei | Bulgaria | Burkina Faso | Burundi | Cameroon | Canada | Cape Verde | Chad | Chile | China | Comoros | Costa Rica | Cuba | Cyprus | Czech Republic | Djibouti | Dominica | Dominican Republic | D.R. Congo | East Timor | Ecuador | El Salvador | Equatorial Guinea | Estonia | Ethiopia | F.S. Micronesia | Georgia | Germany | Ghana | Greece | Grenada | Guinea | Guinea-Bissau | Haiti | India | Indonesia | Iraq | Ireland | Jamaica | Jordan | Kenya | Kosovo | Kyrgyzstan | Laos | Latvia | Lesotho | Libya | Luxembourg | Maldives | Mali | Malta | Marshall Islands | Mauritius | Mexico | Monaco | Mongolia | Morocco | Myanmar | Namibia | Nauru | Nicaragua | Nigeria | North Macedonia | Norway | Palau | Philippines | Portugal | Qatar | Saint Lucia | Samoa | São Tomé and Príncipe | Saudi Arabia | Senegal | Seychelles | Singapore | Slovakia | Somalia | South Korea | South Sudan | Spain | Sri Lanka | Suriname | Tanzania | Togo | Tonga | Tunisia | Turkmenistan | Tuvalu | Uganda | Ukraine | Uzbekistan | Vanuatu | Vatican City | Vietnam
56%
107 left Albania | Andorra | Angola | Argentina | Armenia |Austria | Bahamas | Belgium | Belize | Bhutan | Bolivia | Botswana | Brunei | Bulgaria | Burkina Faso | Burundi | Cameroon | Canada | Cape Verde | Chad | Chile | China | Comoros | Costa Rica | Cuba | Cyprus | Czech Republic | Djibouti | Dominica | Dominican Republic | D.R. Congo | East Timor | Ecuador | El Salvador | Equatorial Guinea | Estonia | Ethiopia | F.S. Micronesia | Georgia | Germany | Ghana | Greece | Grenada | Guinea | Guinea-Bissau | Haiti | India | Indonesia | Iraq | Ireland | Jamaica | Jordan | Kenya | Kosovo | Kyrgyzstan | Laos | Latvia | Lesotho | Libya | Luxembourg | Maldives | Mali | Malta | Marshall Islands | Mauritius | Mexico | Monaco | Mongolia | Morocco | Myanmar | Namibia | Nauru | Nicaragua | Nigeria | North Macedonia | Norway | Palau | Philippines | Portugal | Qatar | Saint Lucia | Samoa | São Tomé and Príncipe | Saudi Arabia | Senegal | Seychelles | Singapore | Slovakia | Somalia | South Korea | South Sudan | Spain | Sri Lanka | Suriname | Tanzania | Togo | Tonga | Tunisia | Turkmenistan | Tuvalu | Uganda | Ukraine | Uzbekistan | Vanuatu | Vatican City | Vietnam | Zambia
56%
105 left Albania | Andorra | Angola | Argentina | Armenia |Austria | Bahamas | Belgium | Belize | Bhutan | Bolivia | Botswana | Brunei | Bulgaria | Burkina Faso | Burundi | Cameroon | Canada | Cape Verde | Chad | Chile | China | Comoros | Costa Rica | Cyprus | Czech Republic | Djibouti | Dominica | Dominican Republic | D.R. Congo | East Timor | Ecuador | El Salvador | Equatorial Guinea | Estonia | Ethiopia | F.S. Micronesia | Georgia | Germany | Ghana | Greece | Grenada | Guinea | Guinea-Bissau | Haiti | India | Indonesia | Iraq | Ireland | Jamaica | Jordan | Kenya | Kosovo | Kyrgyzstan | Laos | Latvia | Lesotho | Libya | Luxembourg | Maldives | Mali | Malta | Marshall Islands | Mauritius | Mexico | Monaco | Mongolia | Morocco | Myanmar | Namibia | Nauru | Nicaragua | Nigeria | North Macedonia | Norway | Palau | Philippines | Portugal | Qatar | Saint Lucia | Samoa | São Tomé and Príncipe | Saudi Arabia | Senegal | Seychelles | Singapore | Slovakia | Somalia | South Korea | South Sudan | Spain | Sri Lanka | Suriname | Tanzania | Togo | Tonga | Tunisia | Turkmenistan | Tuvalu | Uganda | Ukraine | Uzbekistan | Vanuatu | Vatican City | Vietnam
56%
103 left Andorra | Angola | Argentina | Armenia |Austria | Bahamas | Belgium | Belize | Bhutan | Bolivia | Botswana | Brunei | Bulgaria | Burkina Faso | Burundi | Cameroon | Canada | Cape Verde | Chad | Chile | China | Comoros | Costa Rica | Cyprus | Czech Republic| Dominica | Dominican Republic | D.R. Congo | East Timor | Ecuador | El Salvador | Equatorial Guinea | Estonia | Ethiopia | F.S. Micronesia | Georgia | Germany | Ghana | Greece | Grenada | Guinea | Guinea-Bissau | Haiti | India | Indonesia | Iraq | Ireland | Jamaica | Jordan | Kenya | Kosovo | Kyrgyzstan | Laos | Latvia | Lesotho | Libya | Luxembourg | Maldives | Mali | Malta | Marshall Islands | Mauritius | Mexico | Monaco | Mongolia | Morocco | Myanmar | Namibia | Nauru | Nicaragua | Nigeria | North Macedonia | Norway | Palau | Philippines | Portugal | Qatar | Saint Lucia | Samoa | São Tomé and Príncipe | Saudi Arabia | Senegal | Seychelles | Singapore | Slovakia | Somalia | South Korea | South Sudan | Spain | Sri Lanka | Suriname | Tanzania | Togo | Tonga | Tunisia | Turkmenistan | Tuvalu | Uganda | Ukraine | Uzbekistan | Vanuatu | Vatican City | Vietnam
56%
102 left Andorra | Angola | Argentina | Armenia |Austria | Bahamas | Belgium | Belize | Bhutan | Bolivia | Botswana | Brunei | Bulgaria | Burkina Faso | Burundi | Cameroon | Canada | Cape Verde | Chad | Chile | China | Comoros | Costa Rica | Cyprus | Czech Republic| Dominica | Dominican Republic | D.R. Congo | East Timor | Ecuador | El Salvador | Equatorial Guinea | Estonia | Ethiopia | F.S. Micronesia | Georgia | Germany | Ghana | Greece | Grenada | Guinea | Guinea-Bissau | Haiti | India | Indonesia | Iraq | Ireland | Jamaica | Jordan | Kenya | Kosovo | Kyrgyzstan | Laos | Latvia | Lesotho | Libya | Luxembourg | Maldives | Mali | Malta | Marshall Islands | Mauritius | Mexico | Monaco | Mongolia | Morocco | Myanmar | Namibia | Nauru | Nicaragua | Nigeria | North Macedonia | Norway | Palau | Philippines | Portugal | Qatar | Saint Lucia | Samoa | São Tomé and Príncipe | Saudi Arabia | Senegal | Seychelles | Singapore | Slovakia | Somalia | South Korea | South Sudan | Spain | Sri Lanka | Suriname | Togo | Tonga | Tunisia | Turkmenistan | Tuvalu | Uganda | Ukraine | Uzbekistan | Vanuatu | Vatican City | Vietnam
56%
101 left Andorra | Angola | Argentina | Armenia |Austria | Bahamas | Belgium | Belize | Bhutan | Bolivia | Botswana | Brunei | Bulgaria | Burkina Faso | Burundi | Cameroon | Canada | Cape Verde | Chad | Chile | China | Comoros | Costa Rica | Cyprus | Czech Republic| Dominica | Dominican Republic | D.R. Congo | East Timor | Ecuador | El Salvador | Equatorial Guinea | Estonia | Ethiopia | F.S. Micronesia | Georgia | Germany | Ghana | Greece | Grenada | Guinea | Guinea-Bissau | Haiti | India | Indonesia | Iraq | Ireland | Jamaica | Jordan | Kenya | Kosovo | Kyrgyzstan | Laos | Latvia | Lesotho | Libya | Luxembourg | Maldives | Mali | Malta | Marshall Islands | Mauritius | Mexico | Monaco | Mongolia | Morocco | Myanmar | Namibia | Nauru | Nigeria | North Macedonia | Norway | Palau | Philippines | Portugal | Qatar | Saint Lucia | Samoa | São Tomé and Príncipe | Saudi Arabia | Senegal | Seychelles | Singapore | Slovakia | Somalia | South Korea | South Sudan | Spain | Sri Lanka | Suriname | Togo | Tonga | Tunisia | Turkmenistan | Tuvalu | Uganda | Ukraine | Uzbekistan | Vanuatu | Vatican City | Vietnam
56%
100 left Andorra | Angola | Argentina | Armenia |Austria | Bahamas | Belgium | Belize | Bhutan | Bolivia | Botswana | Brunei | Bulgaria | Burkina Faso | Burundi | Cameroon | Canada | Cape Verde | Chad | Chile | China | Comoros | Costa Rica | Cyprus | Czech Republic | Dominica | D.R. Congo | East Timor | Ecuador | El Salvador | Equatorial Guinea | Estonia | Ethiopia | F.S. Micronesia | Georgia | Germany | Ghana | Greece | Grenada | Guinea | Guinea-Bissau | Haiti | India | Indonesia | Iraq | Ireland | Jamaica | Jordan | Kenya | Kosovo | Kyrgyzstan | Laos | Latvia | Lesotho | Libya | Luxembourg | Maldives | Mali | Malta | Marshall Islands | Mauritius | Mexico | Monaco | Mongolia | Morocco | Myanmar | Namibia | Nauru | Nigeria | North Macedonia | Norway | Palau | Philippines | Portugal | Qatar | Saint Lucia | Samoa | São Tomé and Príncipe | Saudi Arabia | Senegal | Seychelles | Singapore | Slovakia | Somalia | South Korea | South Sudan | Spain | Sri Lanka | Suriname | Togo | Tonga | Tunisia | Turkmenistan | Tuvalu | Uganda | Ukraine | Uzbekistan | Vanuatu | Vatican City | Vietnam
56%
104 left Andorra | Angola | Argentina | Armenia |Austria | Bahamas | Belgium | Belize | Bhutan | Bolivia | Botswana | Brunei | Bulgaria | Burkina Faso | Burundi | Cameroon | Canada | Cape Verde | Chad | Chile | China | Comoros | Costa Rica | Cyprus | Czech Republic | Djibouti | Dominica | Dominican Republic | D.R. Congo | East Timor | Ecuador | El Salvador | Equatorial Guinea | Estonia | Ethiopia | F.S. Micronesia | Georgia | Germany | Ghana | Greece | Grenada | Guinea | Guinea-Bissau | Haiti | India | Indonesia | Iraq | Ireland | Jamaica | Jordan | Kenya | Kosovo | Kyrgyzstan | Laos | Latvia | Lesotho | Libya | Luxembourg | Maldives | Mali | Malta | Marshall Islands | Mauritius | Mexico | Monaco | Mongolia | Morocco | Myanmar | Namibia | Nauru | Nicaragua | Nigeria | North Macedonia | Norway | Palau | Philippines | Portugal | Qatar | Saint Lucia | Samoa | São Tomé and Príncipe | Saudi Arabia | Senegal | Seychelles | Singapore | Slovakia | Somalia | South Korea | South Sudan | Spain | Sri Lanka | Suriname | Tanzania | Togo | Tonga | Tunisia | Turkmenistan | Tuvalu | Uganda | Ukraine | Uzbekistan | Vanuatu | Vatican City | Vietnam
55%
99 left Andorra | Angola | Argentina | Armenia |Austria | Bahamas | Belgium | Belize | Bhutan | Bolivia | Botswana | Brunei | Bulgaria | Burkina Faso | Burundi | Cameroon | Canada | Cape Verde | Chad | Chile | China | Comoros | Costa Rica | Cyprus | Czech Republic | Dominica | D.R. Congo | East Timor | Ecuador | El Salvador | Equatorial Guinea | Estonia | Ethiopia | F.S. Micronesia | Georgia | Germany | Ghana | Greece | Grenada | Guinea | Guinea-Bissau | Haiti | India | Indonesia | Iraq | Ireland | Jamaica | Jordan | Kenya | Kosovo | Kyrgyzstan | Laos | Latvia | Lesotho | Libya | Luxembourg | Maldives | Mali | Malta | Marshall Islands | Mauritius | Mexico | Monaco | Mongolia | Morocco | Myanmar | Namibia | Nauru | Nigeria | North Macedonia | Norway | Palau | Philippines | Qatar | Saint Lucia | Samoa | São Tomé and Príncipe | Saudi Arabia | Senegal | Seychelles | Singapore | Slovakia | Somalia | South Korea | South Sudan | Spain | Sri Lanka | Suriname | Togo | Tonga | Tunisia | Turkmenistan | Tuvalu | Uganda | Ukraine | Uzbekistan | Vanuatu | Vatican City | Vietnam
55%
98 left Andorra | Angola | Argentina | Armenia |Austria | Bahamas | Belgium | Belize | Bhutan | Bolivia | Botswana | Brunei | Bulgaria | Burkina Faso | Burundi | Cameroon | Canada | Cape Verde | Chad | Chile | China | Comoros | Costa Rica | Cyprus | Czech Republic | Dominica | D.R. Congo | East Timor | Ecuador | El Salvador | Equatorial Guinea | Estonia | Ethiopia | F.S. Micronesia | Georgia | Germany | Ghana | Greece | Grenada | Guinea | Guinea-Bissau | Haiti | India | Indonesia | Iraq | Ireland | Jamaica | Jordan | Kenya | Kosovo | Kyrgyzstan | Laos | Latvia | Lesotho | Libya | Luxembourg | Maldives | Mali | Malta | Marshall Islands | Mauritius | Mexico | Monaco | Mongolia | Morocco | Myanmar | Namibia | Nauru | Nigeria | North Macedonia | Palau | Philippines | Qatar | Saint Lucia | Samoa | São Tomé and Príncipe | Saudi Arabia | Senegal | Seychelles | Singapore | Slovakia | Somalia | South Korea | South Sudan | Spain | Sri Lanka | Suriname | Togo | Tonga | Tunisia | Turkmenistan | Tuvalu | Uganda | Ukraine | Uzbekistan | Vanuatu | Vatican City | Vietnam
55%
97 left Andorra | Angola | Argentina | Armenia |Austria | Bahamas | Belgium | Belize | Bhutan | Bolivia | Botswana | Brunei | Bulgaria | Burkina Faso | Burundi | Cameroon | Canada | Cape Verde | Chad | Chile | China | Comoros | Costa Rica | Cyprus | Czech Republic | Dominica | D.R. Congo | East Timor | Ecuador | El Salvador | Equatorial Guinea | Estonia | Ethiopia | F.S. Micronesia | Georgia | Germany | Ghana | Greece | Grenada | Guinea | Guinea-Bissau | Haiti | India | Indonesia | Iraq | Ireland | Jamaica | Jordan | Kenya | Kosovo | Kyrgyzstan | Laos | Latvia | Lesotho | Libya | Luxembourg | Maldives | Mali | Malta | Marshall Islands | Mauritius | Mexico | Monaco | Mongolia | Morocco | Myanmar | Namibia | Nauru | Nigeria | North Macedonia | Palau | Philippines | Qatar | Saint Lucia | Samoa | São Tomé and Príncipe | Saudi Arabia | Senegal | Seychelles | Singapore | Slovakia | Somalia | South Korea | South Sudan | Spain | Sri Lanka | Suriname | Togo | Tonga | Turkmenistan | Tuvalu | Uganda | Ukraine | Uzbekistan | Vanuatu | Vatican City | Vietnam
55%
96 left Andorra | Angola | Argentina | Armenia |Austria | Bahamas | Belgium | Belize | Bhutan | Bolivia | Botswana | Brunei | Bulgaria | Burkina Faso | Burundi | Cameroon | Canada | Cape Verde | Chad | Chile | China | Comoros | Costa Rica | Cyprus | Czech Republic | Dominica | D.R. Congo | East Timor | El Salvador | Equatorial Guinea | Estonia | Ethiopia | F.S. Micronesia | Georgia | Germany | Ghana | Greece | Grenada | Guinea | Guinea-Bissau | Haiti | India | Indonesia | Iraq | Ireland | Jamaica | Jordan | Kenya | Kosovo | Kyrgyzstan | Laos | Latvia | Lesotho | Libya | Luxembourg | Maldives | Mali | Malta | Marshall Islands | Mauritius | Mexico | Monaco | Mongolia | Morocco | Myanmar | Namibia | Nauru | Nigeria | North Macedonia | Palau | Philippines | Qatar | Saint Lucia | Samoa | São Tomé and Príncipe | Saudi Arabia | Senegal | Seychelles | Singapore | Slovakia | Somalia | South Korea | South Sudan | Spain | Sri Lanka | Suriname | Togo | Tonga | Turkmenistan | Tuvalu | Uganda | Ukraine | Uzbekistan | Vanuatu | Vatican City | Vietnam
55%
94 left Andorra | Angola | Argentina | Armenia |Austria | Bahamas | Belgium | Belize | Bhutan | Bolivia | Botswana | Brunei | Burkina Faso | Burundi | Cameroon | Canada | Cape Verde | Chad | Chile | China | Comoros | Costa Rica | Cyprus | Czech Republic | Dominica | D.R. Congo | East Timor | El Salvador | Equatorial Guinea | Estonia | Ethiopia | F.S. Micronesia | Georgia | Germany | Ghana | Greece | Grenada | Guinea-Bissau | Haiti | India | Indonesia | Iraq | Ireland | Jamaica | Jordan | Kenya | Kosovo | Kyrgyzstan | Laos | Latvia | Lesotho | Libya | Luxembourg | Maldives | Mali | Malta | Marshall Islands | Mauritius | Mexico | Monaco | Mongolia | Morocco | Myanmar | Namibia | Nauru | Nigeria | North Macedonia | Palau | Philippines | Qatar | Saint Lucia | Samoa | São Tomé and Príncipe | Saudi Arabia | Senegal | Seychelles | Singapore | Slovakia | Somalia | South Korea | South Sudan | Spain | Sri Lanka | Suriname | Togo | Tonga | Turkmenistan | Tuvalu | Uganda | Ukraine | Uzbekistan | Vanuatu | Vatican City | Vietnam
55%
95 left Andorra | Angola | Argentina | Armenia |Austria | Bahamas | Belgium | Belize | Bhutan | Bolivia | Botswana | Brunei | Burkina Faso | Burundi | Cameroon | Canada | Cape Verde | Chad | Chile | China | Comoros | Costa Rica | Cyprus | Czech Republic | Dominica | D.R. Congo | East Timor | El Salvador | Equatorial Guinea | Estonia | Ethiopia | F.S. Micronesia | Georgia | Germany | Ghana | Greece | Grenada | Guinea | Guinea-Bissau | Haiti | India | Indonesia | Iraq | Ireland | Jamaica | Jordan | Kenya | Kosovo | Kyrgyzstan | Laos | Latvia | Lesotho | Libya | Luxembourg | Maldives | Mali | Malta | Marshall Islands | Mauritius | Mexico | Monaco | Mongolia | Morocco | Myanmar | Namibia | Nauru | Nigeria | North Macedonia | Palau | Philippines | Qatar | Saint Lucia | Samoa | São Tomé and Príncipe | Saudi Arabia | Senegal | Seychelles | Singapore | Slovakia | Somalia | South Korea | South Sudan | Spain | Sri Lanka | Suriname | Togo | Tonga | Turkmenistan | Tuvalu | Uganda | Ukraine | Uzbekistan | Vanuatu | Vatican City | Vietnam
55%
93 left Andorra | Angola | Argentina | Armenia |Austria | Bahamas | Belgium | Belize | Bhutan | Bolivia | Botswana | Brunei | Burkina Faso | Burundi | Cameroon | Canada | Cape Verde | Chad | Chile | China | Comoros | Costa Rica | Cyprus | Czech Republic | Dominica | D.R. Congo | East Timor | El Salvador | Equatorial Guinea | Estonia | Ethiopia | F.S. Micronesia | Georgia | Germany | Ghana | Greece | Grenada | Guinea-Bissau | Haiti | India | Indonesia | Iraq | Ireland | Jamaica | Jordan | Kenya | Kosovo | Kyrgyzstan | Laos | Latvia | Lesotho | Libya | Luxembourg | Maldives | Mali | Malta | Marshall Islands | Mauritius | Monaco | Mongolia | Morocco | Myanmar | Namibia | Nauru | Nigeria | North Macedonia | Palau | Philippines | Qatar | Saint Lucia | Samoa | São Tomé and Príncipe | Saudi Arabia | Senegal | Seychelles | Singapore | Slovakia | Somalia | South Korea | South Sudan | Spain | Sri Lanka | Suriname | Togo | Tonga | Turkmenistan | Tuvalu | Uganda | Ukraine | Uzbekistan | Vanuatu | Vatican City | Vietnam
53%
92 left Andorra | Angola | Argentina | Armenia |Austria | Bahamas | Belgium | Belize | Bhutan | Bolivia | Botswana | Brunei | Burkina Faso | Burundi | Cameroon | Canada | Cape Verde | Chad | Chile | China | Comoros | Costa Rica | Cyprus | Czech Republic | Dominica | D.R. Congo | East Timor | El Salvador | Equatorial Guinea | Estonia | Ethiopia | F.S. Micronesia | Georgia | Germany | Ghana | Greece | Grenada | Guinea-Bissau | Haiti | India | Indonesia | Iraq | Ireland | Jamaica | Jordan | Kenya | Kosovo | Kyrgyzstan | Laos | Latvia | Lesotho | Libya | Luxembourg | Maldives | Mali | Malta | Marshall Islands | Mauritius | Monaco | Mongolia | Morocco | Namibia | Nauru | Nigeria | North Macedonia | Palau | Philippines | Qatar | Saint Lucia | Samoa | São Tomé and Príncipe | Saudi Arabia | Senegal | Seychelles | Singapore | Slovakia | Somalia | South Korea | South Sudan | Spain | Sri Lanka | Suriname | Togo | Tonga | Turkmenistan | Tuvalu | Uganda | Ukraine | Uzbekistan | Vanuatu | Vatican City | Vietnam
53%
91 left Andorra | Angola | Argentina | Armenia |Austria | Bahamas | Belgium | Belize | Bhutan | Bolivia | Botswana | Brunei | Burkina Faso | Burundi | Cameroon | Canada | Cape Verde | Chad | Chile | China | Comoros | Costa Rica | Cyprus | Czech Republic | Dominica | D.R. Congo | East Timor | El Salvador | Equatorial Guinea | Estonia | Ethiopia | F.S. Micronesia | Georgia | Germany | Ghana | Greece | Grenada | Guinea-Bissau | Haiti | India | Indonesia | Iraq | Ireland | Jamaica | Jordan | Kenya | Kosovo | Kyrgyzstan | Laos | Latvia | Lesotho | Libya | Luxembourg | Maldives | Mali | Malta | Marshall Islands | Mauritius | Monaco | Mongolia | Morocco | Namibia | Nauru | Nigeria | North Macedonia | Palau | Philippines | Qatar | Saint Lucia | Samoa | São Tomé and Príncipe | Saudi Arabia | Senegal | Seychelles | Singapore | Slovakia | Somalia | South Korea | South Sudan | Spain | Sri Lanka | Suriname | Togo | Turkmenistan | Tuvalu | Uganda | Ukraine | Uzbekistan | Vanuatu | Vatican City | Vietnam
53%
90 left Andorra | Angola | Argentina | Armenia |Austria | Bahamas | Belgium | Belize | Bhutan | Bolivia | Botswana | Brunei | Burkina Faso | Burundi | Cameroon | Canada | Cape Verde | Chad | Chile | China | Comoros | Costa Rica | Cyprus | Czech Republic | Dominica | D.R. Congo | East Timor | El Salvador | Equatorial Guinea | Estonia | Ethiopia | F.S. Micronesia | Georgia | Germany | Ghana | Greece | Grenada | Guinea-Bissau | Haiti | India | Indonesia | Iraq | Ireland | Jamaica | Jordan | Kenya | Kosovo | Kyrgyzstan | Laos | Latvia | Lesotho | Libya | Luxembourg | Maldives | Mali | Malta | Marshall Islands | Mauritius | Monaco | Mongolia | Morocco | Namibia | Nauru | Nigeria | North Macedonia | Philippines | Qatar | Saint Lucia | Samoa | São Tomé and Príncipe | Saudi Arabia | Senegal | Seychelles | Singapore | Slovakia | Somalia | South Korea | South Sudan | Spain | Sri Lanka | Suriname | Togo | Turkmenistan | Tuvalu | Uganda | Ukraine | Uzbekistan | Vanuatu | Vatican City | Vietnam
53%
89 left Andorra | Angola | Argentina | Armenia |Austria | Bahamas | Belgium | Belize | Bhutan | Bolivia | Botswana | Brunei | Burkina Faso | Burundi | Cameroon | Canada | Cape Verde | Chad | Chile | China | Comoros | Costa Rica | Cyprus | Czech Republic | Dominica | D.R. Congo | East Timor | El Salvador | Equatorial Guinea | Estonia | Ethiopia | F.S. Micronesia | Georgia | Germany | Ghana | Greece | Grenada | Guinea-Bissau | Haiti | India | Indonesia | Iraq | Ireland | Jamaica | Jordan | Kenya | Kosovo | Kyrgyzstan | Laos | Latvia | Lesotho | Luxembourg | Maldives | Mali | Malta | Marshall Islands | Mauritius | Monaco | Mongolia | Morocco | Namibia | Nauru | Nigeria | North Macedonia | Philippines | Qatar | Saint Lucia | Samoa | São Tomé and Príncipe | Saudi Arabia | Senegal | Seychelles | Singapore | Slovakia | Somalia | South Korea | South Sudan | Spain | Sri Lanka | Suriname | Togo | Turkmenistan | Tuvalu | Uganda | Ukraine | Uzbekistan | Vanuatu | Vatican City | Vietnam
53%
88 left Andorra | Angola | Argentina | Armenia |Austria | Bahamas | Belgium | Belize | Bhutan | Bolivia | Botswana | Brunei | Burkina Faso | Burundi | Cameroon | Canada | Cape Verde | Chad | Chile | China | Comoros | Costa Rica | Cyprus | Czech Republic | Dominica | D.R. Congo | East Timor | El Salvador | Equatorial Guinea | Estonia | Ethiopia | F.S. Micronesia | Georgia | Germany | Ghana | Greece | Grenada | Guinea-Bissau | Haiti | India | Indonesia | Iraq | Ireland | Jamaica | Jordan | Kenya | Kyrgyzstan | Laos | Latvia | Lesotho | Luxembourg | Maldives | Mali | Malta | Marshall Islands | Mauritius | Monaco | Mongolia | Morocco | Namibia | Nauru | Nigeria | North Macedonia | Philippines | Qatar | Saint Lucia | Samoa | São Tomé and Príncipe | Saudi Arabia | Senegal | Seychelles | Singapore | Slovakia | Somalia | South Korea | South Sudan | Spain | Sri Lanka | Suriname | Togo | Turkmenistan | Tuvalu | Uganda | Ukraine | Uzbekistan | Vanuatu | Vatican City | Vietnam
53%
87 left Andorra | Angola | Argentina | Armenia |Austria | Bahamas | Belgium | Belize | Bhutan | Bolivia | Botswana | Brunei | Burkina Faso | Burundi | Cameroon | Canada | Cape Verde | Chad | Chile | China | Comoros | Costa Rica | Cyprus | Czech Republic | Dominica | D.R. Congo | East Timor | El Salvador | Equatorial Guinea | Estonia | Ethiopia | F.S. Micronesia | Georgia | Germany | Ghana | Greece | Grenada | Guinea-Bissau | Haiti | India | Indonesia | Iraq | Ireland | Jamaica | Jordan | Kyrgyzstan | Laos | Latvia | Lesotho | Luxembourg | Maldives | Mali | Malta | Marshall Islands | Mauritius | Monaco | Mongolia | Morocco | Namibia | Nauru | Nigeria | North Macedonia | Philippines | Qatar | Saint Lucia | Samoa | São Tomé and Príncipe | Saudi Arabia | Senegal | Seychelles | Singapore | Slovakia | Somalia | South Korea | South Sudan | Spain | Sri Lanka | Suriname | Togo | Turkmenistan | Tuvalu | Uganda | Ukraine | Uzbekistan | Vanuatu | Vatican City | Vietnam
53%
86 left Andorra | Angola | Argentina | Armenia |Austria | Bahamas | Belgium | Belize | Bhutan | Bolivia | Botswana | Brunei | Burkina Faso | Burundi | Cameroon | Canada | Cape Verde | Chad | Chile | China | Comoros | Costa Rica | Cyprus | Czech Republic | Dominica | D.R. Congo | East Timor | El Salvador | Equatorial Guinea | Estonia | Ethiopia | F.S. Micronesia | Georgia | Germany | Ghana | Greece | Grenada | Guinea-Bissau | Haiti | India | Indonesia | Iraq | Ireland | Jamaica | Jordan | Kyrgyzstan | Latvia | Lesotho | Luxembourg | Maldives | Mali | Malta | Marshall Islands | Mauritius | Monaco | Mongolia | Morocco | Namibia | Nauru | Nigeria | North Macedonia | Philippines | Qatar | Saint Lucia | Samoa | São Tomé and Príncipe | Saudi Arabia | Senegal | Seychelles | Singapore | Slovakia | Somalia | South Korea | South Sudan | Spain | Sri Lanka | Suriname | Togo | Turkmenistan | Tuvalu | Uganda | Ukraine | Uzbekistan | Vanuatu | Vatican City | Vietnam
53%
85 left Andorra | Angola | Argentina | Armenia |Austria | Bahamas | Belgium | Belize | Bhutan | Bolivia | Botswana | Brunei | Burkina Faso | Burundi | Cameroon | Canada | Cape Verde | Chad | Chile | China | Comoros | Costa Rica | Cyprus | Czech Republic | Dominica | D.R. Congo | East Timor | El Salvador | Equatorial Guinea | Estonia | Ethiopia | F.S. Micronesia | Georgia | Germany | Ghana | Greece | Grenada | Guinea-Bissau | Haiti | India | Indonesia | Iraq | Ireland | Jamaica | Jordan | Kyrgyzstan | Latvia | Lesotho | Luxembourg | Maldives | Mali | Malta | Marshall Islands | Mauritius | Monaco | Mongolia | Morocco | Nauru | Nigeria | North Macedonia | Philippines | Qatar | Saint Lucia | Samoa | São Tomé and Príncipe | Saudi Arabia | Senegal | Seychelles | Singapore | Slovakia | Somalia | South Korea | South Sudan | Spain | Sri Lanka | Suriname | Togo | Turkmenistan | Tuvalu | Uganda | Ukraine | Uzbekistan | Vanuatu | Vatican City | Vietnam
51%
84 left Andorra | Angola | Argentina | Armenia |Austria | Bahamas | Belgium | Belize | Bhutan | Bolivia | Botswana | Brunei | Burkina Faso | Burundi | Cameroon | Canada | Cape Verde | Chad | Chile | China | Comoros | Costa Rica | Cyprus | Czech Republic | Dominica | D.R. Congo | East Timor | El Salvador | Equatorial Guinea | Estonia | Ethiopia | F.S. Micronesia | Georgia | Germany | Ghana | Greece | Grenada | Guinea-Bissau | Haiti | India | Indonesia | Iraq | Ireland | Jamaica | Jordan | Kyrgyzstan | Latvia | Lesotho | Luxembourg | Maldives | Mali | Malta | Marshall Islands | Mauritius | Monaco | Mongolia | Morocco | Nauru | Nigeria | North Macedonia | Philippines | Qatar | Saint Lucia | Samoa | São Tomé and Príncipe | Saudi Arabia | Senegal | Seychelles | Singapore | Slovakia | Somalia | South Korea | South Sudan | Spain | Sri Lanka | Suriname | Togo | Turkmenistan | Tuvalu | Uganda | Uzbekistan | Vanuatu | Vatican City | Vietnam
51%
83 left Andorra | Angola | Argentina | Armenia |Austria | Bahamas | Belgium | Belize | Bhutan | Bolivia | Botswana | Brunei | Burkina Faso | Burundi | Cameroon | Canada | Cape Verde | Chad | Chile | China | Comoros | Costa Rica | Cyprus | Czech Republic | Dominica | D.R. Congo | East Timor | El Salvador | Equatorial Guinea | Estonia | Ethiopia | F.S. Micronesia | Georgia | Germany | Ghana | Greece | Grenada | Guinea-Bissau | Haiti | India | Indonesia | Iraq | Ireland | Jamaica | Jordan | Kyrgyzstan | Latvia | Lesotho | Luxembourg | Maldives | Mali | Malta | Marshall Islands | Mauritius | Monaco | Mongolia | Morocco | Nauru | Nigeria | North Macedonia | Philippines | Qatar | Saint Lucia | Samoa | São Tomé and Príncipe | Saudi Arabia | Senegal | Singapore | Slovakia | Somalia | South Korea | South Sudan | Spain | Sri Lanka | Suriname | Togo | Turkmenistan | Tuvalu | Uganda | Uzbekistan | Vanuatu | Vatican City | Vietnam
51%
81 left Andorra | Angola | Argentina | Armenia |Austria | Bahamas | Belgium | Belize | Bhutan | Bolivia | Botswana | Brunei | Burkina Faso | Burundi | Cameroon | Canada | Chad | Chile | China | Comoros | Costa Rica | Cyprus | Czech Republic | Dominica | D.R. Congo | East Timor | El Salvador | Equatorial Guinea | Estonia | Ethiopia | F.S. Micronesia | Georgia | Germany | Ghana | Greece | Grenada | Guinea-Bissau | Haiti | India | Indonesia | Iraq | Ireland | Jamaica | Jordan | Kyrgyzstan | Latvia | Lesotho | Luxembourg | Maldives | Mali | Malta | Marshall Islands | Mauritius | Monaco | Mongolia | Morocco | Nauru | Nigeria | North Macedonia | Philippines | Saint Lucia | Samoa | São Tomé and Príncipe | Saudi Arabia | Senegal | Singapore | Slovakia | Somalia | South Korea | South Sudan | Spain | Sri Lanka | Suriname | Togo | Turkmenistan | Tuvalu | Uganda | Uzbekistan | Vanuatu | Vatican City | Vietnam
51%
80 left Andorra | Angola | Argentina | Armenia |Austria | Bahamas | Belgium | Belize | Bhutan | Bolivia | Botswana | Brunei | Burkina Faso | Burundi | Cameroon | Canada | Chad | Chile | China | Comoros | Costa Rica | Cyprus | Czech Republic | Dominica | D.R. Congo | East Timor | El Salvador | Equatorial Guinea | Estonia | Ethiopia | F.S. Micronesia | Georgia | Germany | Ghana | Greece | Grenada | Guinea-Bissau | Haiti | India | Indonesia | Iraq | Ireland | Jamaica | Jordan | Kyrgyzstan | Latvia | Lesotho | Luxembourg | Maldives | Mali | Malta | Marshall Islands | Mauritius | Monaco | Mongolia | Morocco | Nauru | Nigeria | North Macedonia | Philippines | Saint Lucia | São Tomé and Príncipe | Saudi Arabia | Senegal | Singapore | Slovakia | Somalia | South Korea | South Sudan | Spain | Sri Lanka | Suriname | Togo | Turkmenistan | Tuvalu | Uganda | Uzbekistan | Vanuatu | Vatican City | Vietnam
51%
82 left Andorra | Angola | Argentina | Armenia |Austria | Bahamas | Belgium | Belize | Bhutan | Bolivia | Botswana | Brunei | Burkina Faso | Burundi | Cameroon | Canada | Chad | Chile | China | Comoros | Costa Rica | Cyprus | Czech Republic | Dominica | D.R. Congo | East Timor | El Salvador | Equatorial Guinea | Estonia | Ethiopia | F.S. Micronesia | Georgia | Germany | Ghana | Greece | Grenada | Guinea-Bissau | Haiti | India | Indonesia | Iraq | Ireland | Jamaica | Jordan | Kyrgyzstan | Latvia | Lesotho | Luxembourg | Maldives | Mali | Malta | Marshall Islands | Mauritius | Monaco | Mongolia | Morocco | Nauru | Nigeria | North Macedonia | Philippines | Qatar | Saint Lucia | Samoa | São Tomé and Príncipe | Saudi Arabia | Senegal | Singapore | Slovakia | Somalia | South Korea | South Sudan | Spain | Sri Lanka | Suriname | Togo | Turkmenistan | Tuvalu | Uganda | Uzbekistan | Vanuatu | Vatican City | Vietnam
51%
78 left Andorra | Angola | Argentina | Armenia |
Austria | Bahamas | Belgium | Belize | Bhutan |
Bolivia | Botswana | Brunei | Burkina Faso |
Burundi | Cameroon | Canada |
Chad | Chile | China | Comoros | Costa Rica |
Cyprus | Czech Republic | Dominica |
D.R. Congo | East Timor | El Salvador |
Equatorial Guinea | Estonia | Ethiopia |
F.S. Micronesia | Georgia | Ghana |
Greece | Grenada | Guinea-Bissau |
Haiti | India | Indonesia | Iraq | Ireland | Jamaica |
Jordan | Kyrgyzstan | Latvia |
Luxembourg | Maldives | Mali | Malta |
Marshall Islands | Mauritius | Monaco |
Mongolia | Morocco | Nauru |
Nigeria | North Macedonia | Philippines |
Saint Lucia | São Tomé and Príncipe |
Saudi Arabia | Senegal | Singapore |
Slovakia | Somalia | South Korea | South Sudan |
Spain | Sri Lanka | Suriname | Togo | Turkmenistan |
Tuvalu | Uganda | Uzbekistan | Vanuatu |
Vatican City | Vietnam
49%
79 left Andorra | Angola | Argentina | Armenia |
Austria | Bahamas | Belgium | Belize | Bhutan |
Bolivia | Botswana | Brunei | Burkina Faso |
Burundi | Cameroon | Canada |
Chad | Chile | China | Comoros | Costa Rica |
Cyprus | Czech Republic | Dominica |
D.R. Congo | East Timor | El Salvador |
Equatorial Guinea | Estonia | Ethiopia |
F.S. Micronesia | Georgia | Ghana |
Greece | Grenada | Guinea-Bissau |
Haiti | India | Indonesia | Iraq | Ireland | Jamaica |
Jordan | Kyrgyzstan | Latvia | Lesotho |
Luxembourg | Maldives | Mali | Malta |
Marshall Islands | Mauritius | Monaco |
Mongolia | Morocco | Nauru |
Nigeria | North Macedonia | Philippines |
Saint Lucia | São Tomé and Príncipe |
Saudi Arabia | Senegal | Singapore |
Slovakia | Somalia | South Korea | South Sudan |
Spain | Sri Lanka | Suriname | Togo | Turkmenistan |
Tuvalu | Uganda | Uzbekistan | Vanuatu |
Vatican City | Vietnam
49%
77 left Andorra | Angola | Argentina |
Austria | Bahamas | Belgium | Belize | Bhutan |
Bolivia | Botswana | Brunei | Burkina Faso |
Burundi | Cameroon | Canada |
Chad | Chile | China | Comoros | Costa Rica |
Cyprus | Czech Republic | Dominica |
D.R. Congo | East Timor | El Salvador |
Equatorial Guinea | Estonia | Ethiopia |
F.S. Micronesia | Georgia | Ghana |
Greece | Grenada | Guinea-Bissau |
Haiti | India | Indonesia | Iraq | Ireland | Jamaica |
Jordan | Kyrgyzstan | Latvia |
Luxembourg | Maldives | Mali | Malta |
Marshall Islands | Mauritius | Monaco |
Mongolia | Morocco | Nauru |
Nigeria | North Macedonia | Philippines |
Saint Lucia | São Tomé and Príncipe |
Saudi Arabia | Senegal | Singapore |
Slovakia | Somalia | South Korea | South Sudan |
Spain | Sri Lanka | Suriname | Togo | Turkmenistan |
Tuvalu | Uganda | Uzbekistan | Vanuatu |
Vatican City | Vietnam
49%
76 left Andorra | Angola | Argentina |Austria | Bahamas | Belgium | Belize | Bhutan | Bolivia | Botswana | Brunei | Burkina Faso | Burundi | Cameroon | Canada | Chad | Chile | China | Comoros | Costa Rica | Cyprus | Czech Republic | Dominica | D.R. Congo | East Timor | El Salvador | Equatorial Guinea | Estonia | Ethiopia | F.S. Micronesia | Georgia | Ghana | Greece | Grenada | Guinea-Bissau | Haiti | India | Iraq | Ireland | Jamaica | Jordan | Kyrgyzstan | Latvia | Luxembourg | Maldives | Mali | Malta | Marshall Islands | Mauritius | Monaco | Mongolia | Morocco | Nauru | Nigeria | North Macedonia | Philippines | Saint Lucia | São Tomé and Príncipe | Saudi Arabia | Senegal | Singapore | Slovakia | Somalia | South Korea | South Sudan | Spain | Sri Lanka | Suriname | Togo | Turkmenistan | Tuvalu | Uganda | Uzbekistan | Vanuatu | Vatican City | Vietnam
49%
75 left Andorra | Angola | Argentina |Austria | Bahamas | Belgium | Belize | Bhutan | Bolivia | Botswana | Brunei | Burkina Faso | Burundi | Cameroon | Canada | Chad | Chile | China | Comoros | Costa Rica | Cyprus | Czech Republic | Dominica | D.R. Congo | East Timor | El Salvador | Equatorial Guinea | Estonia | Ethiopia | F.S. Micronesia | Georgia | Ghana | Greece | Grenada | Guinea-Bissau | Haiti | India | Iraq | Ireland | Jamaica | Jordan | Kyrgyzstan | Latvia | Luxembourg | Maldives | Mali | Malta | Marshall Islands | Mauritius | Monaco | Mongolia | Morocco | Nauru | Nigeria | Philippines | Saint Lucia | São Tomé and Príncipe | Saudi Arabia | Senegal | Singapore | Slovakia | Somalia | South Korea | South Sudan | Spain | Sri Lanka | Suriname | Togo | Turkmenistan | Tuvalu | Uganda | Uzbekistan | Vanuatu | Vatican City | Vietnam
49%
73 left Andorra | Angola | Argentina |Austria | Bahamas | Belgium | Belize | Bhutan | Bolivia | Botswana | Brunei | Burkina Faso | Burundi | Cameroon | Canada | Chad | Chile | China | Comoros | Costa Rica | Cyprus | Czech Republic | Dominica | D.R. Congo | East Timor | El Salvador | Equatorial Guinea | Estonia | Ethiopia | Georgia | Ghana | Greece | Grenada | Guinea-Bissau | Haiti | India | Iraq | Ireland | Jamaica |Jordan | Kyrgyzstan | Latvia | Luxembourg | Maldives | Mali | Malta | Marshall Islands | Mauritius | Monaco | Mongolia | Morocco | Nigeria | Philippines | Saint Lucia | São Tomé and Príncipe | Saudi Arabia | Senegal | Singapore | Slovakia | Somalia | South Korea | South Sudan | Spain | Sri Lanka | Suriname | Togo | Turkmenistan | Tuvalu | Uganda | Uzbekistan | Vanuatu | Vatican City | Vietnam
49%
74 left Andorra | Angola | Argentina |Austria | Bahamas | Belgium | Belize | Bhutan | Bolivia | Botswana | Brunei | Burkina Faso | Burundi | Cameroon | Canada | Chad | Chile | China | Comoros | Costa Rica | Cyprus | Czech Republic | Dominica | D.R. Congo | East Timor | El Salvador | Equatorial Guinea | Estonia | Ethiopia | Georgia | Ghana | Greece | Grenada | Guinea-Bissau | Haiti | India | Iraq | Ireland | Jamaica |Jordan | Kyrgyzstan | Latvia | Luxembourg | Maldives | Mali | Malta | Marshall Islands | Mauritius | Monaco | Mongolia | Morocco | Nauru | Nigeria | Philippines | Saint Lucia | São Tomé and Príncipe | Saudi Arabia | Senegal | Singapore | Slovakia | Somalia | South Korea | South Sudan | Spain | Sri Lanka | Suriname | Togo | Turkmenistan | Tuvalu | Uganda | Uzbekistan | Vanuatu | Vatican City | Vietnam
49%
72 left Andorra | Angola | Argentina |Austria | Bahamas | Belgium | Belize | Bhutan | Bolivia | Botswana | Brunei | Burkina Faso | Burundi | Cameroon | Canada | Chad | Chile | China | Comoros | Costa Rica | Cyprus | Czech Republic | Dominica | D.R. Congo | East Timor | El Salvador | Equatorial Guinea | Estonia | Ethiopia | Georgia | Ghana | Greece | Grenada | Guinea-Bissau | Haiti | India | Iraq | Ireland | Jamaica |Jordan | Kyrgyzstan | Latvia | Luxembourg | Maldives | Mali | Malta | Marshall Islands | Mauritius | Monaco | Mongolia | Morocco | Nigeria | Philippines | Saint Lucia | São Tomé and Príncipe | Saudi Arabia | Senegal | Singapore | Slovakia | Somalia | South Korea | South Sudan | Spain | Sri Lanka | Suriname | Turkmenistan | Tuvalu | Uganda | Uzbekistan | Vanuatu | Vatican City | Vietnam
47%
71 left Andorra | Angola | Argentina |Austria | Bahamas | Belgium | Belize | Bhutan | Bolivia | Botswana | Brunei | Burkina Faso | Burundi | Cameroon | Canada | Chad | Chile | China | Comoros | Costa Rica | Cyprus | Czech Republic | Dominica | D.R. Congo | East Timor | El Salvador | Equatorial Guinea | Estonia | Ethiopia | Georgia | Ghana | Greece | Grenada | Guinea-Bissau | Haiti | India | Iraq | Ireland | Jamaica |Jordan | Kyrgyzstan | Latvia | Luxembourg | Maldives | Mali | Malta | Marshall Islands | Mauritius | Monaco | Mongolia | Morocco | Nigeria | Philippines | Saint Lucia | São Tomé and Príncipe | Saudi Arabia | Senegal | Singapore | Slovakia | Somalia | South Korea | South Sudan | Spain | Sri Lanka | Suriname | Turkmenistan | Tuvalu | Uganda | Vanuatu | Vatican City | Vietnam
47%
70 left Andorra | Angola | Argentina |Austria | Bahamas | Belgium | Belize | Bhutan | Bolivia | Botswana | Brunei | Burkina Faso | Burundi | Cameroon | Canada | Chad | Chile | China | Comoros | Costa Rica | Cyprus | Czech Republic | Dominica | D.R. Congo | East Timor | El Salvador | Equatorial Guinea | Ethiopia | Georgia | Ghana | Greece | Grenada | Guinea-Bissau | Haiti | India | Iraq | Ireland | Jamaica | Jordan | Kyrgyzstan | Latvia | Luxembourg | Maldives | Mali | Malta | Marshall Islands | Mauritius | Monaco | Mongolia | Morocco | Nigeria | Philippines | Saint Lucia | São Tomé and Príncipe | Saudi Arabia | Senegal | Singapore | Slovakia | Somalia | South Korea | South Sudan | Spain | Sri Lanka | Suriname | Turkmenistan | Tuvalu | Uganda | Vanuatu | Vatican City | Vietnam
47%
69 left Andorra | Angola | Argentina |Austria | Bahamas | Belgium | Belize | Bhutan | Bolivia | Botswana | Brunei | Burkina Faso | Burundi | Cameroon | Canada | Chad | Chile | China | Comoros | Costa Rica | Cyprus | Czech Republic | Dominica | D.R. Congo | East Timor | El Salvador | Equatorial Guinea | Ethiopia | Georgia | Ghana | Grenada | Guinea-Bissau | Haiti | India | Iraq | Ireland | Jamaica | Jordan | Kyrgyzstan | Latvia | Luxembourg | Maldives | Mali | Malta | Marshall Islands | Mauritius | Monaco | Mongolia | Morocco | Nigeria | Philippines | Saint Lucia | São Tomé and Príncipe | Saudi Arabia | Senegal | Singapore | Slovakia | Somalia | South Korea | South Sudan | Spain | Sri Lanka | Suriname | Turkmenistan | Tuvalu | Uganda | Vanuatu | Vatican City | Vietnam
47%
68 left Andorra | Angola | Argentina |Austria | Bahamas | Belgium | Belize | Bhutan | Bolivia | Botswana | Brunei | Burkina Faso | Burundi | Cameroon | Canada | Chad | Chile | China | Comoros | Costa Rica | Cyprus | Czech Republic | Dominica | D.R. Congo | East Timor | El Salvador | Equatorial Guinea | Ethiopia | Georgia | Ghana | Grenada | Guinea-Bissau | Haiti | India | Iraq | Ireland | Jamaica | Jordan | Kyrgyzstan | Latvia | Luxembourg | Maldives | Mali | Malta | Marshall Islands | Mauritius | Monaco | Mongolia | Morocco | Nigeria | Philippines | Saint Lucia | São Tomé and Príncipe | Saudi Arabia | Senegal | Singapore | Slovakia | Somalia | South Korea | South Sudan | Spain | Sri Lanka | Suriname | Turkmenistan | Uganda | Vanuatu | Vatican City | Vietnam
47%
67 left Andorra | Angola | Argentina |Austria | Bahamas | Belgium | Belize | Bhutan | Bolivia | Botswana | Brunei | Burkina Faso | Burundi | Cameroon | Canada | Chad | Chile | Comoros | Costa Rica | Cyprus | Czech Republic | Dominica | D.R. Congo | East Timor | El Salvador | Equatorial Guinea | Ethiopia | Georgia | Ghana | Grenada | Guinea-Bissau | Haiti | India | Iraq | Ireland | Jamaica | Jordan | Kyrgyzstan | Latvia | Luxembourg | Maldives | Mali | Malta | Marshall Islands | Mauritius | Monaco | Mongolia | Morocco | Nigeria | Philippines | Saint Lucia | São Tomé and Príncipe | Saudi Arabia | Senegal | Singapore | Slovakia | Somalia | South Korea | South Sudan | Spain | Sri Lanka | Suriname | Turkmenistan | Uganda | Vanuatu | Vatican City | Vietnam
47%
66 left Andorra | Angola | Argentina |Austria | Bahamas | Belgium | Belize | Bhutan | Bolivia | Botswana | Brunei | Burkina Faso | Burundi | Cameroon | Canada | Chad | Chile | Comoros | Costa Rica | Cyprus | Czech Republic | Dominica | D.R. Congo | East Timor | El Salvador | Equatorial Guinea | Ethiopia | Georgia | Ghana | Grenada | Guinea-Bissau | Haiti | India | Iraq | Ireland | Jamaica | Jordan | Kyrgyzstan | Latvia | Luxembourg | Maldives | Mali | Malta | Marshall Islands | Mauritius | Monaco | Mongolia | Morocco | Nigeria | Philippines | Saint Lucia | São Tomé and Príncipe | Saudi Arabia | Senegal | Singapore | Slovakia | Somalia | South Korea | South Sudan | Sri Lanka | Suriname | Turkmenistan | Uganda | Vanuatu | Vatican City | Vietnam
45%
65 left Andorra | Angola | Argentina |Austria | Bahamas | Belgium | Belize | Bhutan | Bolivia | Botswana | Brunei | Burkina Faso | Burundi | Cameroon | Canada | Chad | Chile | Comoros | Costa Rica | Cyprus | Czech Republic | Dominica | D.R. Congo | East Timor | El Salvador | Equatorial Guinea | Ethiopia | Georgia | Ghana | Grenada | Guinea-Bissau | Haiti | India | Iraq | Ireland | Jamaica | Jordan | Kyrgyzstan | Latvia | Luxembourg | Mali | Malta | Marshall Islands | Mauritius | Monaco | Mongolia | Morocco | Nigeria | Philippines | Saint Lucia | São Tomé and Príncipe | Saudi Arabia | Senegal | Singapore | Slovakia | Somalia | South Korea | South Sudan | Sri Lanka | Suriname | Turkmenistan | Uganda | Vanuatu | Vatican City | Vietnam
45%
64 left Andorra | Angola | Argentina |Austria | Bahamas | Belgium | Belize | Bhutan | Bolivia | Botswana | Brunei | Burkina Faso | Burundi | Cameroon | Canada | Chad | Chile | Comoros | Costa Rica | Cyprus | Czech Republic | Dominica | D.R. Congo | East Timor | El Salvador | Equatorial Guinea | Ethiopia | Georgia | Ghana | Grenada | Guinea-Bissau | Haiti | India | Iraq | Ireland | Jamaica | Jordan | Kyrgyzstan | Latvia | Luxembourg | Mali | Malta | Marshall Islands | Mauritius | Monaco | Mongolia | Morocco | Philippines | Saint Lucia | São Tomé and Príncipe | Saudi Arabia | Senegal | Singapore | Slovakia | Somalia | South Korea | South Sudan | Sri Lanka | Suriname | Turkmenistan | Uganda | Vanuatu | Vatican City | Vietnam
45%
63 left Andorra | Angola | Argentina |Austria | Belgium | Belize | Bhutan | Bolivia | Botswana | Brunei | Burkina Faso | Burundi | Cameroon | Canada | Chad | Chile | Comoros | Costa Rica | Cyprus | Czech Republic | Dominica | D.R. Congo | East Timor | El Salvador | Equatorial Guinea | Ethiopia | Georgia | Ghana | Grenada | Guinea-Bissau | Haiti | India | Iraq | Ireland | Jamaica | Jordan | Kyrgyzstan | Latvia | Luxembourg | Mali | Malta | Marshall Islands | Mauritius | Monaco | Mongolia | Morocco | Philippines | Saint Lucia | São Tomé and Príncipe | Saudi Arabia | Senegal | Singapore | Slovakia | Somalia | South Korea | South Sudan | Sri Lanka | Suriname | Turkmenistan | Uganda | Vanuatu | Vatican City | Vietnam
45%
61 left Andorra | Argentina | Austria | Belgium |Belize | Bhutan | Bolivia | Botswana | Brunei | Burkina Faso | Burundi | Cameroon | Canada | Chad | Chile | Comoros | Costa Rica | Cyprus | Czech Republic | Dominica | D.R. Congo | East Timor | El Salvador | Equatorial Guinea | Ethiopia | Georgia | Ghana | Grenada | Guinea-Bissau | Haiti | India | Iraq | Ireland | Jamaica | Jordan | Kyrgyzstan | Latvia | Luxembourg | Malta | Marshall Islands | Mauritius | Monaco | Mongolia | Morocco | Philippines | Saint Lucia | São Tomé and Príncipe | Saudi Arabia | Senegal | Singapore | Slovakia | Somalia | South Korea | South Sudan | Sri Lanka | Suriname | Turkmenistan | Uganda | Vanuatu | Vatican City | Vietnam
45%
62 left Andorra | Argentina | Austria | Belgium | Belize | Bhutan | Bolivia | Botswana | Brunei | Burkina Faso | Burundi | Cameroon | Canada | Chad | Chile | Comoros | Costa Rica | Cyprus | Czech Republic | Dominica |
D.R. Congo | East Timor | El Salvador | Equatorial Guinea | Ethiopia | Georgia | Ghana | Grenada | Guinea-Bissau | Haiti | India | Iraq | Ireland | Jamaica | Jordan | Kyrgyzstan | Latvia | Luxembourg | Mali | Malta | Marshall Islands | Mauritius | Monaco | Mongolia | Morocco | Philippines | Saint Lucia | São Tomé and Príncipe | Saudi Arabia | Senegal | Singapore | Slovakia | Somalia | South Korea | South Sudan | Sri Lanka | Suriname | Turkmenistan | Uganda | Vanuatu | Vatican City | Vietnam
45%
59 left Andorra | Argentina | Austria | Belgium |Belize | Bhutan | Bolivia | Botswana | Brunei | Burkina Faso | Burundi | Cameroon | Canada | Chad | Chile | Comoros | Costa Rica | Czech Republic | Dominica | D.R. Congo | East Timor | El Salvador | Equatorial Guinea | Ethiopia | Georgia | Ghana | Grenada | Guinea-Bissau | Haiti | India | Iraq | Ireland | Jamaica | Jordan | Kyrgyzstan | Latvia | Luxembourg | Malta | Marshall Islands | Mauritius | Monaco | Mongolia | Morocco | Philippines | Saint Lucia | São Tomé and Príncipe | Saudi Arabia | Senegal | Slovakia | Somalia | South Korea | South Sudan | Sri Lanka | Suriname | Turkmenistan | Uganda | Vanuatu | Vatican City | Vietnam
44%
58 left Andorra | Argentina | Austria | Belgium |Belize | Bhutan | Bolivia | Botswana | Brunei | Burkina Faso | Burundi | Cameroon | Canada | Chad | Chile | Comoros | Costa Rica | Czech Republic | Dominica | D.R. Congo | East Timor | El Salvador | Equatorial Guinea | Ethiopia | Georgia | Ghana | Grenada | Guinea-Bissau | Haiti | India | Iraq | Ireland | Jamaica | Jordan | Kyrgyzstan | Luxembourg | Malta | Marshall Islands | Mauritius | Monaco | Mongolia | Morocco | Philippines | Saint Lucia | São Tomé and Príncipe | Saudi Arabia | Senegal | Slovakia | Somalia | South Korea | South Sudan | Sri Lanka | Suriname | Turkmenistan | Uganda | Vanuatu | Vatican City | Vietnam
42%
60 left Andorra | Argentina | Austria | Belgium |Belize | Bhutan | Bolivia | Botswana | Brunei | Burkina Faso | Burundi | Cameroon | Canada | Chad | Chile | Comoros | Costa Rica | Czech Republic | Dominica | D.R. Congo | East Timor | El Salvador | Equatorial Guinea | Ethiopia | Georgia | Ghana | Grenada | Guinea-Bissau | Haiti | India | Iraq | Ireland | Jamaica | Jordan | Kyrgyzstan | Latvia | Luxembourg | Malta | Marshall Islands | Mauritius | Monaco | Mongolia | Morocco | Philippines | Saint Lucia | São Tomé and Príncipe | Saudi Arabia | Senegal | Singapore | Slovakia | Somalia | South Korea | South Sudan | Sri Lanka | Suriname | Turkmenistan | Uganda | Vanuatu | Vatican City | Vietnam
42%
57 left Andorra | Argentina | Austria | Belgium |Belize | Bhutan | Botswana | Brunei | Burkina Faso | Burundi | Cameroon | Canada | Chad | Chile | Comoros | Costa Rica | Czech Republic | Dominica | D.R. Congo | East Timor | El Salvador | Equatorial Guinea | Ethiopia | Georgia | Ghana | Grenada | Guinea-Bissau | Haiti | India | Iraq | Ireland | Jamaica | Jordan | Kyrgyzstan | Luxembourg | Malta | Marshall Islands | Mauritius | Monaco | Mongolia | Morocco | Philippines | Saint Lucia | São Tomé and Príncipe | Saudi Arabia | Senegal | Slovakia | Somalia | South Korea | South Sudan | Sri Lanka | Suriname | Turkmenistan | Uganda | Vanuatu | Vatican City | Vietnam
42%
55 left Andorra | Argentina | Austria | Belgium |Belize | Bhutan | Botswana | Brunei | Burkina Faso | Burundi | Cameroon | Canada | Chad | Chile | Comoros | Costa Rica | Czech Republic | Dominica | D.R. Congo | East Timor | El Salvador | Equatorial Guinea | Ethiopia | Georgia | Grenada | Guinea-Bissau | India | Iraq | Ireland | Jamaica | Jordan | Kyrgyzstan | Luxembourg | Malta | Marshall Islands | Mauritius | Monaco | Mongolia | Morocco | Philippines | Saint Lucia | São Tomé and Príncipe | Saudi Arabia | Senegal | Slovakia | Somalia | South Korea | South Sudan | Sri Lanka | Suriname | Turkmenistan | Uganda | Vanuatu | Vatican City | Vietnam
42%
54 left Andorra | Argentina | Austria | Belgium |Belize | Bhutan | Botswana | Brunei | Burkina Faso | Burundi | Cameroon | Canada | Chad | Chile | Comoros | Costa Rica | Czech Republic | Dominica | D.R. Congo | East Timor | El Salvador | Equatorial Guinea | Ethiopia | Georgia | Grenada | Guinea-Bissau | India | Iraq | Ireland | Jamaica | Jordan | Kyrgyzstan | Luxembourg | Malta | Marshall Islands | Mauritius | Monaco | Mongolia | Morocco | Philippines | Saint Lucia | São Tomé and Príncipe | Saudi Arabia | Slovakia | Somalia | South Korea | South Sudan | Sri Lanka | Suriname | Turkmenistan | Uganda | Vanuatu | Vatican City | Vietnam
42%
56 left Andorra | Argentina | Austria | Belgium |Belize | Bhutan | Botswana | Brunei | Burkina Faso | Burundi | Cameroon | Canada | Chad | Chile | Comoros | Costa Rica | Czech Republic | Dominica | D.R. Congo | East Timor | El Salvador | Equatorial Guinea | Ethiopia | Georgia | Grenada | Guinea-Bissau | Haiti | India | Iraq | Ireland | Jamaica | Jordan | Kyrgyzstan | Luxembourg | Malta | Marshall Islands | Mauritius | Monaco | Mongolia | Morocco | Philippines | Saint Lucia | São Tomé and Príncipe | Saudi Arabia | Senegal | Slovakia | Somalia | South Korea | South Sudan | Sri Lanka | Suriname | Turkmenistan | Uganda | Vanuatu | Vatican City | Vietnam
42%
53 left Andorra | Argentina | Austria | Belgium |Belize | Bhutan | Botswana | Brunei | Burkina Faso | Cameroon | Canada | Chad | Chile | Comoros | Costa Rica | Czech Republic | Dominica | D.R. Congo | East Timor | El Salvador | Equatorial Guinea | Ethiopia | Georgia | Grenada | Guinea-Bissau | India | Iraq | Ireland | Jamaica | Jordan | Kyrgyzstan | Luxembourg | Malta | Marshall Islands | Mauritius | Monaco | Mongolia | Morocco | Philippines | Saint Lucia | São Tomé and Príncipe | Saudi Arabia | Slovakia | Somalia | South Korea | South Sudan | Sri Lanka | Suriname | Turkmenistan | Uganda | Vanuatu | Vatican City | Vietnam
42%
52 left Andorra | Argentina | Austria | Belgium |Belize | Bhutan | Botswana | Brunei | Burkina Faso | Cameroon | Canada | Chad | Chile | Comoros | Costa Rica | Czech Republic | Dominica | D.R. Congo | East Timor | El Salvador | Equatorial Guinea | Ethiopia | Grenada | Guinea-Bissau | India | Iraq | Ireland | Jamaica | Jordan | Kyrgyzstan | Luxembourg | Malta | Marshall Islands | Mauritius | Monaco | Mongolia | Morocco | Philippines | Saint Lucia | São Tomé and Príncipe | Saudi Arabia | Slovakia | Somalia | South Korea | South Sudan | Sri Lanka | Suriname | Turkmenistan | Uganda | Vanuatu | Vatican City | Vietnam
42%
51 left Argentina | Austria | Belgium |Belize | Bhutan | Botswana | Brunei | Burkina Faso | Cameroon | Canada | Chad | Chile | Comoros | Costa Rica | Czech Republic | Dominica | D.R. Congo | East Timor | El Salvador | Equatorial Guinea | Ethiopia | Grenada | Guinea-Bissau | India | Iraq | Ireland | Jamaica | Jordan | Kyrgyzstan | Luxembourg | Malta | Marshall Islands | Mauritius | Monaco | Mongolia | Morocco | Philippines | Saint Lucia | São Tomé and Príncipe | Saudi Arabia | Slovakia | Somalia | South Korea | South Sudan | Sri Lanka | Suriname | Turkmenistan | Uganda | Vanuatu | Vatican City | Vietnam
42%
50 left Argentina | Austria | Belgium |Belize | Bhutan | Botswana | Brunei | Burkina Faso | Cameroon | Canada | Chad | Chile | Comoros | Czech Republic | Dominica | D.R. Congo | East Timor | El Salvador | Equatorial Guinea | Ethiopia | Grenada | Guinea-Bissau | India | Iraq | Ireland | Jamaica | Jordan | Kyrgyzstan | Luxembourg | Malta | Marshall Islands | Mauritius | Monaco | Mongolia | Morocco | Philippines | Saint Lucia | São Tomé and Príncipe | Saudi Arabia | Slovakia | Somalia | South Korea | South Sudan | Sri Lanka | Suriname | Turkmenistan | Uganda | Vanuatu | Vatican City | Vietnam
42%
49 left Argentina | Austria | Belgium |Belize | Bhutan | Botswana | Brunei | Burkina Faso | Cameroon | Canada | Chad | Chile | Comoros | Czech Republic | Dominica | D.R. Congo | East Timor | El Salvador | Equatorial Guinea | Ethiopia | Grenada | Guinea-Bissau | India | Iraq | Ireland | Jordan | Kyrgyzstan | Luxembourg | Malta | Marshall Islands | Mauritius | Monaco | Mongolia | Morocco | Philippines | Saint Lucia | São Tomé and Príncipe | Saudi Arabia | Slovakia | Somalia | South Korea | South Sudan | Sri Lanka | Suriname | Turkmenistan | Uganda | Vanuatu | Vatican City | Vietnam
40%
48 left Argentina | Austria | Belgium |Belize | Bhutan | Botswana | Brunei | Burkina Faso | Cameroon | Chad | Chile | Comoros | Czech Republic | Dominica | D.R. Congo | East Timor | El Salvador | Equatorial Guinea | Ethiopia | Grenada | Guinea-Bissau | India | Iraq | Ireland | Jordan | Kyrgyzstan | Luxembourg | Malta | Marshall Islands | Mauritius | Monaco | Mongolia | Morocco | Philippines | Saint Lucia | São Tomé and Príncipe | Saudi Arabia | Slovakia | Somalia | South Korea | South Sudan | Sri Lanka | Suriname | Turkmenistan | Uganda | Vanuatu | Vatican City | Vietnam
40%
47 left Argentina | Austria | Belgium |Belize | Bhutan | Botswana | Brunei | Burkina Faso | Cameroon | Chad | Chile | Comoros | Czech Republic | Dominica | D.R. Congo | East Timor | El Salvador | Equatorial Guinea | Ethiopia | Grenada | Guinea-Bissau | India | Iraq | Ireland | Jordan | Kyrgyzstan | Luxembourg | Malta | Marshall Islands | Mauritius | Monaco | Morocco | Philippines | Saint Lucia | São Tomé and Príncipe | Saudi Arabia | Slovakia | Somalia | South Korea | South Sudan | Sri Lanka | Suriname | Turkmenistan | Uganda | Vanuatu | Vatican City | Vietnam
40%
46 left Argentina | Austria | Belgium |Belize | Bhutan | Botswana | Brunei | Burkina Faso | Cameroon | Chad | Chile | Comoros | Czech Republic | Dominica | D.R. Congo | East Timor | El Salvador | Equatorial Guinea | Ethiopia | Grenada | Guinea-Bissau | India | Iraq | Ireland | Jordan | Kyrgyzstan | Luxembourg | Malta | Marshall Islands | Mauritius | Monaco | Morocco | Philippines | Saint Lucia | São Tomé and Príncipe | Saudi Arabia | Slovakia | Somalia | South Korea | South Sudan | Sri Lanka | Suriname | Turkmenistan | Vanuatu | Vatican City | Vietnam
40%
45 left Argentina | Austria | Belgium |Belize | Bhutan | Botswana | Brunei | Burkina Faso | Cameroon | Chad | Chile | Comoros | Czech Republic | Dominica | D.R. Congo | East Timor | El Salvador | Equatorial Guinea | Ethiopia | Grenada | Guinea-Bissau | India | Iraq | Ireland | Jordan | Kyrgyzstan | Luxembourg | Malta | Marshall Islands | Mauritius | Monaco | Morocco | Philippines | Saint Lucia | São Tomé and Príncipe | Saudi Arabia | Slovakia | Somalia | South Korea | South Sudan | Suriname | Turkmenistan | Vanuatu | Vatican City | Vietnam
40%
44 left Argentina | Austria | Belgium |Belize | Bhutan | Botswana | Brunei | Burkina Faso | Cameroon | Chad | Chile | Comoros | Czech Republic | Dominica | D.R. Congo | East Timor | El Salvador | Equatorial Guinea | Ethiopia | Grenada | Guinea-Bissau | India | Iraq | Ireland | Jordan | Kyrgyzstan | Luxembourg | Malta | Marshall Islands | Mauritius | Monaco | Morocco | Philippines | Saint Lucia | São Tomé and Príncipe | Saudi Arabia | Slovakia | South Korea | South Sudan | Suriname | Turkmenistan | Vanuatu | Vatican City | Vietnam
38%
43 left Argentina | Austria | Belgium |Belize | Bhutan | Botswana | Brunei | Burkina Faso | Cameroon | Chad | Chile | Comoros | Czech Republic | Dominica | D.R. Congo | East Timor | El Salvador | Equatorial Guinea | Ethiopia | Grenada | Guinea-Bissau | India | Ireland | Jordan | Kyrgyzstan | Luxembourg | Malta | Marshall Islands | Mauritius | Monaco | Morocco | Philippines | Saint Lucia | São Tomé and Príncipe | Saudi Arabia | Slovakia | South Korea | South Sudan | Suriname | Turkmenistan | Vanuatu | Vatican City | Vietnam
36%
42 left Argentina | Austria | Belgium |Belize | Bhutan | Botswana | Brunei | Burkina Faso | Cameroon | Chad | Chile | Comoros | Czech Republic | Dominica | D.R. Congo | East Timor | El Salvador | Equatorial Guinea | Ethiopia | Grenada | Guinea-Bissau | India | Ireland | Jordan | Kyrgyzstan | Luxembourg | Malta | Marshall Islands | Mauritius | Monaco | Philippines | Saint Lucia | São Tomé and Príncipe | Saudi Arabia | Slovakia | South Korea | South Sudan | Suriname | Turkmenistan | Vanuatu | Vatican City | Vietnam
35%
41 left Argentina | Austria | Belgium |Belize | Bhutan | Botswana | Brunei | Burkina Faso | Cameroon | Chad | Comoros | Czech Republic | Dominica | D.R. Congo | East Timor | El Salvador | Equatorial Guinea | Ethiopia | Grenada | Guinea-Bissau | India | Ireland | Jordan | Kyrgyzstan | Luxembourg | Malta | Marshall Islands | Mauritius | Monaco | Philippines | Saint Lucia | São Tomé and Príncipe | Saudi Arabia | Slovakia | South Korea | South Sudan | Suriname | Turkmenistan | Vanuatu | Vatican City | Vietnam
35%
40 left Argentina | Austria | Belgium |Belize | Bhutan | Botswana | Brunei | Burkina Faso | Cameroon | Chad | Comoros | Czech Republic | Dominica | D.R. Congo | East Timor | El Salvador | Equatorial Guinea | Ethiopia | Grenada | India | Ireland | Jordan | Kyrgyzstan | Luxembourg | Malta | Marshall Islands | Mauritius | Monaco | Philippines | Saint Lucia | São Tomé and Príncipe | Saudi Arabia | Slovakia | South Korea | South Sudan | Suriname | Turkmenistan | Vanuatu | Vatican City | Vietnam
33%
39 left Argentina | Austria | Belgium |Belize | Bhutan | Botswana | Brunei | Burkina Faso | Chad | Comoros | Czech Republic | Dominica | D.R. Congo | East Timor | El Salvador | Equatorial Guinea | Ethiopia | Grenada | India | Ireland | Jordan | Kyrgyzstan | Luxembourg | Malta | Marshall Islands | Mauritius | Monaco | Philippines | Saint Lucia | São Tomé and Príncipe | Saudi Arabia | Slovakia | South Korea | South Sudan | Suriname | Turkmenistan | Vanuatu | Vatican City | Vietnam
33%
38 left Argentina | Austria | Belgium |Belize | Bhutan | Botswana | Brunei | Burkina Faso | Chad | Comoros | Czech Republic | Dominica | D.R. Congo | East Timor | El Salvador | Equatorial Guinea | Ethiopia | Grenada | India | Jordan | Kyrgyzstan | Luxembourg | Malta | Marshall Islands | Mauritius | Monaco | Philippines | Saint Lucia | São Tomé and Príncipe | Saudi Arabia | Slovakia | South Korea | South Sudan | Suriname | Turkmenistan | Vanuatu | Vatican City | Vietnam
33%
37 left Argentina | Austria | Belgium |Belize | Bhutan | Botswana | Brunei | Burkina Faso | Chad | Comoros | Czech Republic | Dominica | D.R. Congo | East Timor | El Salvador | Equatorial Guinea | Ethiopia | Grenada | India | Jordan | Kyrgyzstan | Luxembourg | Malta | Marshall Islands | Monaco | Philippines | Saint Lucia | São Tomé and Príncipe | Saudi Arabia | Slovakia | South Korea | South Sudan | Suriname | Turkmenistan | Vanuatu | Vatican City | Vietnam
33%
36 left Argentina | Austria | Belgium |Belize | Bhutan | Botswana | Brunei | Burkina Faso | Chad | Comoros | Czech Republic | Dominica | D.R. Congo | East Timor | El Salvador | Equatorial Guinea | Ethiopia | Grenada | India | Jordan | Kyrgyzstan | Luxembourg | Malta | Marshall Islands | Monaco | Philippines | Saint Lucia | São Tomé and Príncipe | Saudi Arabia | Slovakia | South Korea | South Sudan | Suriname | Turkmenistan | Vatican City | Vietnam
33%
35 left Argentina | Austria | Belgium |Belize | Bhutan | Botswana | Brunei | Burkina Faso | Chad | Comoros | Czech Republic | Dominica | D.R. Congo | East Timor | El Salvador | Equatorial Guinea | Ethiopia | Grenada | Jordan | Kyrgyzstan | Luxembourg | Malta | Marshall Islands | Monaco | Philippines | Saint Lucia | São Tomé and Príncipe | Saudi Arabia | Slovakia | South Korea | South Sudan | Suriname | Turkmenistan | Vatican City | Vietnam
33%
33 left Argentina | Austria | Belgium |Belize | Bhutan | Botswana | Brunei | Burkina Faso | Chad | Comoros | Czech Republic | Dominica | D.R. Congo | East Timor | El Salvador | Equatorial Guinea | Ethiopia | Grenada | Jordan | Kyrgyzstan | Luxembourg | Malta | Marshall Islands | Monaco | Philippines | Saint Lucia | São Tomé and Príncipe | Slovakia | South Korea | South Sudan | Turkmenistan | Vatican City | Vietnam
33%
34 left Argentina | Austria | Belgium |Belize | Bhutan | Botswana | Brunei | Burkina Faso | Chad | Comoros | Czech Republic | Dominica | D.R. Congo | East Timor | El Salvador | Equatorial Guinea | Ethiopia | Grenada | Jordan | Kyrgyzstan | Luxembourg | Malta | Marshall Islands | Monaco | Philippines | Saint Lucia | São Tomé and Príncipe | Slovakia | South Korea | South Sudan | Suriname | Turkmenistan | Vatican City | Vietnam
33%
31 left Argentina | Austria | Belgium |Belize | Bhutan | Botswana | Brunei | Burkina Faso | Chad | Czech Republic | D.R. Congo | East Timor | El Salvador | Equatorial Guinea | Ethiopia | Grenada | Jordan | Kyrgyzstan | Luxembourg | Malta | Marshall Islands | Monaco | Philippines | Saint Lucia | São Tomé and Príncipe | Slovakia | South Korea | South Sudan | Turkmenistan | Vatican City | Vietnam
31%
29 left Argentina | Austria | Belgium |Belize | Bhutan | Botswana | Brunei | Burkina Faso | Chad | Czech Republic | D.R. Congo | East Timor | El Salvador | Equatorial Guinea | Ethiopia | Grenada | Jordan | Kyrgyzstan | Luxembourg | Malta | Marshall Islands | Monaco | Philippines | São Tomé and Príncipe | South Korea | South Sudan | Turkmenistan | Vatican City | Vietnam
31%
30 left Argentina | Austria | Belgium |Belize | Bhutan | Botswana | Brunei | Burkina Faso | Chad | Czech Republic | D.R. Congo | East Timor | El Salvador | Equatorial Guinea | Ethiopia | Grenada | Jordan | Kyrgyzstan | Luxembourg | Malta | Marshall Islands | Monaco | Philippines | São Tomé and Príncipe | Slovakia | South Korea | South Sudan | Turkmenistan | Vatican City | Vietnam
31%
32 left Argentina | Austria | Belgium |Belize | Bhutan | Botswana | Brunei | Burkina Faso | Chad | Czech Republic | Dominica | D.R. Congo | East Timor | El Salvador | Equatorial Guinea | Ethiopia | Grenada | Jordan | Kyrgyzstan | Luxembourg | Malta | Marshall Islands | Monaco | Philippines | Saint Lucia | São Tomé and Príncipe | Slovakia | South Korea | South Sudan | Turkmenistan | Vatican City | Vietnam
31%
28 left Argentina | Austria | Belgium |Belize | Bhutan | Botswana | Burkina Faso | Chad | Czech Republic | D.R. Congo | East Timor | El Salvador | Equatorial Guinea | Ethiopia | Grenada | Jordan | Kyrgyzstan | Luxembourg | Malta | Marshall Islands | Monaco | Philippines | São Tomé and Príncipe | South Korea | South Sudan | Turkmenistan | Vatican City | Vietnam
29%
26 left Argentina | Austria | Belgium |Belize | Bhutan | Botswana | Burkina Faso | Chad | Czech Republic | D.R. Congo | El Salvador | Equatorial Guinea | Ethiopia | Grenada | Jordan | Kyrgyzstan | Luxembourg | Marshall Islands | Monaco | Philippines | São Tomé and Príncipe | South Korea | South Sudan | Turkmenistan | Vatican City | Vietnam
29%
25 left Argentina | Austria | Belgium |Belize | Bhutan | Botswana | Burkina Faso | Chad | Czech Republic | D.R. Congo | El Salvador | Equatorial Guinea | Ethiopia | Grenada | Jordan | Kyrgyzstan | Luxembourg | Marshall Islands | Monaco | Philippines | São Tomé and Príncipe | South Korea | South Sudan | Turkmenistan | Vietnam
29%
27 left Argentina | Austria | Belgium |Belize | Bhutan | Botswana | Burkina Faso | Chad | Czech Republic | D.R. Congo | El Salvador | Equatorial Guinea | Ethiopia | Grenada | Jordan | Kyrgyzstan | Luxembourg | Malta | Marshall Islands | Monaco | Philippines | São Tomé and Príncipe | South Korea | South Sudan | Turkmenistan | Vatican City | Vietnam
29%
24 left Argentina | Austria | Belgium |Belize | Botswana | Burkina Faso | Chad | Czech Republic | D.R. Congo | El Salvador | Equatorial Guinea | Ethiopia | Grenada | Jordan | Kyrgyzstan | Luxembourg | Marshall Islands | Monaco | Philippines | São Tomé and Príncipe | South Korea | South Sudan | Turkmenistan | Vietnam
29%
23 left Argentina | Austria | Belgium |Belize | Botswana | Burkina Faso | Czech Republic | D.R. Congo | El Salvador | Equatorial Guinea | Ethiopia | Grenada | Jordan | Kyrgyzstan | Luxembourg | Marshall Islands | Monaco | Philippines | São Tomé and Príncipe | South Korea | South Sudan | Turkmenistan | Vietnam
27%
22 left Argentina | Austria | Belgium |Belize | Botswana | Burkina Faso | Czech Republic | D.R. Congo | El Salvador | Equatorial Guinea | Ethiopia | Grenada | Jordan | Kyrgyzstan | Luxembourg | Marshall Islands | Philippines | São Tomé and Príncipe | South Korea | South Sudan | Turkmenistan | Vietnam
27%
21 left Argentina | Austria | Belgium |Belize | Burkina Faso | Czech Republic | D.R. Congo | El Salvador | Equatorial Guinea | Ethiopia | Grenada | Jordan | Kyrgyzstan | Luxembourg | Marshall Islands | Philippines | São Tomé and Príncipe | South Korea | South Sudan | Turkmenistan | Vietnam
27%
20 left Argentina | Belgium | Belize | Burkina Faso |Czech Republic | D.R. Congo | El Salvador | Equatorial Guinea | Ethiopia | Grenada | Jordan | Kyrgyzstan | Luxembourg | Marshall Islands | Philippines | São Tomé and Príncipe | South Korea | South Sudan | Turkmenistan | Vietnam
27%
19 left Argentina | Belgium | Burkina Faso |Czech Republic | D.R. Congo | El Salvador | Equatorial Guinea | Ethiopia | Grenada | Jordan | Kyrgyzstan | Luxembourg | Marshall Islands | Philippines | São Tomé and Príncipe | South Korea | South Sudan | Turkmenistan | Vietnam
27%
18 left Argentina | Belgium | Burkina Faso |Czech Republic | D.R. Congo | El Salvador | Equatorial Guinea | Ethiopia | Grenada | Jordan | Kyrgyzstan | Luxembourg | Marshall Islands | Philippines | South Korea | South Sudan | Turkmenistan | Vietnam
27%
16 left Argentina | Belgium | Burkina Faso |Czech Republic | El Salvador | Equatorial Guinea | Ethiopia | Jordan | Kyrgyzstan | Luxembourg | Marshall Islands | Philippines | South Korea | South Sudan | Turkmenistan | Vietnam
25%
15 left Argentina | Belgium | Burkina Faso |Czech Republic | El Salvador | Equatorial Guinea | Ethiopia | Jordan | Kyrgyzstan | Luxembourg | Marshall Islands | Philippines | South Korea | South Sudan | Vietnam
25%
17 left Argentina | Belgium | Burkina Faso |Czech Republic | El Salvador | Equatorial Guinea | Ethiopia | Grenada | Jordan | Kyrgyzstan | Luxembourg | Marshall Islands | Philippines | South Korea | South Sudan | Turkmenistan | Vietnam
25%
14 left Belgium | Burkina Faso |Czech Republic | El Salvador | Equatorial Guinea | Ethiopia | Jordan | Kyrgyzstan | Luxembourg | Marshall Islands | Philippines | South Korea | South Sudan | Vietnam
25%
11 left Belgium | Burkina Faso |Czech Republic | El Salvador | Equatorial Guinea | Ethiopia | Kyrgyzstan | Luxembourg | Marshall Islands | South Korea | Vietnam
24%
13 left Belgium | Burkina Faso |Czech Republic | El Salvador | Equatorial Guinea | Ethiopia | Kyrgyzstan | Luxembourg | Marshall Islands | Philippines | South Korea | South Sudan | Vietnam
24%
12 left Belgium | Burkina Faso |Czech Republic | El Salvador | Equatorial Guinea | Ethiopia | Kyrgyzstan | Luxembourg | Marshall Islands | Philippines | South Korea | Vietnam
24%
10 left Burkina Faso | Czech Republic | El Salvador |Equatorial Guinea | Ethiopia | Kyrgyzstan | Luxembourg | Marshall Islands | South Korea | Vietnam
24%
8 left Burkina Faso | Czech Republic |Equatorial Guinea | Kyrgyzstan | Luxembourg | Marshall Islands | South Korea | Vietnam
20%
9 left Burkina Faso | Czech Republic | El Salvador |Equatorial Guinea | Kyrgyzstan | Luxembourg | Marshall Islands | South Korea | Vietnam
20%
2 left Burkina Faso | Czech Republic
18%
7 left Burkina Faso | Czech Republic |Equatorial Guinea | Kyrgyzstan | Luxembourg | Marshall Islands | Vietnam
18%
6 left Burkina Faso | Czech Republic |Equatorial Guinea | Kyrgyzstan | Marshall Islands | Vietnam
18%
3 left Burkina Faso | Czech Republic |Kyrgyzstan
18%
4 left Burkina Faso | Czech Republic |Kyrgyzstan | Marshall Islands
18%
5 left Burkina Faso | Czech Republic | Kyrgyzstan | Marshall Islands | Vietnam
18%
WINNER Czech Republic
18%
2nd Place Burkina Faso
16%
3rd Place Kyrgyzstan
16%
No matching quizzes found
Score Distribution
Percent of People with Each Score
Percentile by Number Answered
Your Score History
You have not taken this quiz